{"text_format":"1","workbook":"xlsx","n_sheets":23,"sheets":["Intro","Inputs","Herbicides","Fungicides","Print","Insecticides","Corn NT Non-Irr","Corn CT Non-Irr","Corn Irr","Soybeans NT Non-Irr","Soybeans Irr","SRW Wheat","Wheat & Soybean DC","Wheat","Cotton NT","Cotton CT","Cotton Irr","Canola","G. Sorghum NT","Footnotes","Field Operations","Budget Summary","Enterprise Summary"],"not_rendered":{"charts":0,"images":2,"macros":1,"external_links":0,"defined_names":33,"comments":1,"pivot_tables":0},"unopened":[],"bounds":{"document_bytes":16777216,"sheet_cells":100000,"rows_first":2000,"rows_last":500,"rows_between":2000,"halvings":0,"cell_chars":16384,"cell_head_chars":4096},"cells_cut":0,"cells_raw":0,"read":"whole","date_system":"1900"}

{"sheet":"Intro","index":0,"n_rows":41,"n_cols":8,"rows_kept":41,"cut":false,"hidden":false,"merged":[[41,1,41,13],[40,1,40,13],[2,1,2,13],[3,1,3,13],[36,1,36,13],[31,2,31,13],[32,2,32,13],[13,2,13,17],[19,2,19,8],[5,1,6,13],[23,2,23,13],[20,2,20,8],[21,2,21,8],[17,2,17,8],[18,2,18,8],[8,1,8,13],[14,2,14,17],[15,2,15,17],[16,2,16,17],[38,1,38,13],[33,2,33,14],[29,2,29,13],[24,2,24,13],[26,2,26,13],[25,2,25,13],[27,2,27,13],[28,2,28,13],[30,2,30,13]]}
[]
[]
[null,"2025 Field Crop Budget Spreadsheet"]
[null,"Introduction"]
[]
[null,"This spreadsheet contains the 2025 University of Tennessee row crop budgets. There are no protected cells in the spreadsheet, so the user should make sure that any changes made do not affect formulas. Input prices can be modified on the \"Inputs, Herbicides, Insecticides, and Fungicides Tabs\". Any changes made on the \"Inputs, Herbicides, Insecticides, and Fungicides Tabs\" will be reflected in all budgets where the input is utilized. Quantities and processes can be modified on individual budgets. This spreadsheet should not be considered representative of all circumstances and is provided as a template or guide that can be used to estimate commodity, production process, and operation specific budgets. Inputs used and prices for inputs vary tremendously from farm-to-farm, as such producers are encouraged to use their own inputs, input prices, and cost structures for planning purposes."]
[]
[]
[null,"If you have questions regarding this spreadsheet, please contact your local UT Extension Office or Dr. Aaron Smith (aaron.smith@utk.edu)."]
[]
[null,null,null,null,null,null,null,"Table of Contents"]
[]
[null,"Tab","Description"]
[null,"Inputs","Contains commodity, non-chemical input prices, and other input data for all budgets"]
[null,"Herbicides","Contains commonly used herbicides and estimated prices"]
[null,"Insecticides","Contains estimates for insecticide costs"]
[null,"Fungicides","Contains estimates for fungicide costs"]
[null,"Corn NT Non-Irr","Corn, No-Till, Non-Irrigated, 175 Bushels/Acre Yield "]
[null,"Corn CT Non-Irr","Corn, Conventional Tillage, Non-Irrigated, 175 Bushels/Acre Yield"]
[null,"Corn Irr","Corn, No-Till, Irrigated, 250 Bushels/Acre Yield"]
[null,"Soybean NT Non-Irr","Soybean, No-Till, Non-Irrigated, 50 Bushels/Acre Yield"]
[null,"Soybean Irr","Soybean, No-Till, Irrigated, 65 Bushels/Acre Yield"]
[null,"SRW Wheat","Wheat, Non-Irrigated, 80 Bushels/Acre Yield"]
[null,"Wheat & Soybean DC","Wheat/Soybean Double Cropped, Non-Irrigated, 80 Bushels/Acre Yield and 40 Bushel/Acre Yield"]
[null,"Wheat","Wheat, Conventional Tillage, Non-Irrigated, 70 Bushels/Acre Yield"]
[null,"Cotton NT","Cotton, No-Till, Non-Irrigated, 1,150 lbs./Acre Yield"]
[null,"Cotton CT","Cotton, Conventional Tillage, Non-Irrigated, 1,150 lbs./Acre Yield"]
[null,"Cotton IRR","Cotton, No-Till, Irrigated, 1,500 lbs./Acre Yield"]
[null,"G. Sorghum NT","Grain Sorghum, No-Till, Non-Irrigated, 110 Bushels/Acre Yield"]
[null,"Canola","Canola, Conventional Tillage, Non-Irrigated, 50 Bushels/Acre Yield"]
[null,"Footnotes","Footnotes for the budgets"]
[null,"Field Operations","This worksheet contains cost estimates for crop operations based on machinery data"]
[null,"Budget Summary","Provides a summary of revenues, expenses, and profit for each commodity and production process"]
[null,"Enterprise Summary","Allows users to estimate revenue, expenses, and profit for specific acreage in their operations using individual budgets"]
[]
[]
[null,"Note: All budgets contain yield estimates. Users can enter specific yields on each individual budget in order to represent yields specific to their farm (commodity and input prices should be modified in the \"Inputs, Herbicides, Insecticides, and Fungicides Tabs\")."]
[]
[null,"Disclaimer: Significant variability in inputs, prices, and production methods exist in the production of row crops. The information contained in this spreadsheet relies on estimates and assumptions that are \"typical\" in Tennessee row crop production. These budgets should not be construed as a reflection of all circumstances across the state as significant regional variability will occur. To improve accuracy, users are encouraged to use inputs, prices, and processes that are utilized on their specific farms."]
[]
[null,"The University of Tennessee is an EEO/AA/Title VI/Title IX/Section 504/ADA/ADEA institution in the provision of its education and employment programs and services. All qualified applicants will receive equal consideration for employment and admission without regard to race, color, national origin, religion, sex, pregnancy, marital status, sexual orientation, gender identity, age, physical or mental disability, genetic information, veteran status, and parental status."]

{"sheet":"Inputs","index":1,"n_rows":59,"n_cols":4,"rows_kept":59,"cut":false,"hidden":false,"merged":[[55,1,55,3],[67,1,67,3],[1,1,1,3],[42,1,42,3],[29,1,29,3],[34,1,34,3],[16,1,16,3],[8,1,8,3]]}
[]
[null,"Commodity Prices Received by Producers"]
[null,"Corn",4.5999999999999996,"bu"]
[null,"Soybeans",10.4,"bu"]
[null,"Wheat",5.85,"bu"]
[null,"Grain Sorghum",4.7,"bu"]
[null,"Cotton",0.72,"lb."]
[]
[null,"Fuel, Interest Rates and Labor Costs "]
[null,"Diesel Fuel ($/gal)",2.9,"$/gal"]
[null,"Electricity ($/kwh)",0.1031,"$kwh"]
[null,"Operator Labor ($/hr.)",20,"$/hr."]
[null,"Management Labor ($/hr.)",25,"$/hr."]
[null,"Operating Interest (%)",0.08,"%"]
[null,"Fixed Capital Interest (%)",6.5000000000000002E-2,"%"]
[]
[null,"Crop Scout, Consulting, Cash Rent and Crop Insurance"]
[null,"Crop Scout / Consulting Fee",10,"acre"]
[null,"Crop Scouting-Cotton",12,"acre"]
[null,"Drying ($/bu)",0.45,"bu"]
[null,"Cotton Wrap ($/lb.)",1.6500000000000001E-2,"lb."]
[null,"Irrigated Cropland Cash Rent",197,"acre"]
[null,"Non-Irrigated Cropland Cash Rent",117,"acre"]
[null,"Crop Insurance-Corn",16.66,"acre"]
[null,"Crop Insurance-Soybean",10.02,"acre"]
[null,"Crop Insurance-Wheat",9.9,"acre"]
[null,"Crop Insurance-Grain Sorghum",4.22,"acre"]
[null,"Crop Insurance-Cotton",11.15,"acre"]
[]
[null,"Property Taxes, Non-Machinery Insurance and Management Labor"]
[null,"Property Taxes",0,"$/acre"]
[null,"Insurance (Non-machinery and Non-crop)",0,"$/acre"]
[null,"Management Labor",25,"$/acre"]
[]
[null,"Seed"]
[null,"Corn",3.88,"$/Thousand Seeds"]
[null,"Soybean",0.46,"$/Thousand Seeds"]
[null,"Wheat",17,"$/bu"]
[null,"Grain Sorghum",0.32,"$/Thousand Seeds"]
[null,"Cotton ",3.1,"$/Thousand Seeds"]
[]
[]
[null,"Fertilizer"]
[null,"Urea ",0.52,"$/lb."]
[null,"Ammonium Nitrate",0.67,"$/lb."]
[null,"UAN 28%",0.55000000000000004,"$/lb."]
[null,"UAN 32%",0.54,"$/lb."]
[null,"P2O5 ",0.66,"$/lb."]
[null,"DAP (18-46-0)",0.57999999999999996,"$/lb."]
[null,"Potash",0.36,"$/lb."]
[null,"Lime",30,"$/ton"]
[null,"Boron ",0.7,"$/lb."]
[null,"Ammonium Sulfate",0.3,"$/lb."]
[null,"Zinc Sulfate",1.67,"$/lb."]
[]
[null,"Irrigation"]
[null,"Irrigation Energy Cost ",6.75,"$/acre-in"]
[null,"Irrigation System R&M & Labor",3,"$/acre-in"]
[null,"Capital Recovery (Irrigation Equipment)",100,"$/acre"]

{"sheet":"Herbicides","index":2,"n_rows":113,"n_cols":16,"rows_kept":113,"cut":false,"hidden":false,"merged":[[0,0,0,2],[58,0,58,2]]}
["Herbicides",null,null,null,null,2025,null,null,null,null,"oz"]
[null,"Price/Unit","Unit",null,null,null,null,null,null,"gal",128]
["2, 4-D",3.31,"$/pt.",null,{"$f":"26.5/128*K4","v":3.3125},{"$f":"62/(K2*2.5)*16","v":3.1},null,null,null,"qt",32]
["Accent Q",{"$f":"F4","v":23.888888888888889},"$/oz.",null,null,{"$f":"430/18","v":23.888888888888889},"oz.",null,null,"pt.",16]
["Aim EC",{"$f":"F5","v":7.34375},"$/oz.",null,null,{"$f":"235/32","v":7.34375},"oz.",null,null,"lb.",16,null,null,{"$f":"11.48/K4","v":0.71750000000000003}]
["Anthem ATZ",0]
["Anthem Maxx",3.73,"$/oz.",null,{"$f":"478/K2","v":3.734375}]
["Assure II",0.88749999999999996,"$/oz.",null,null,{"$f":"284/(2.5*K2)","v":0.88749999999999996},"oz."]
["Atrazine",3.38,"$/qt.",null,{"$f":"13.5/K2*K3","v":3.375},{"$f":"49/(2.5*K2)","v":0.15312500000000001},"oz.",{"$f":"+F9*K3","v":4.9000000000000004}]
["Authority MTZ",{"$f":"F10","v":2.96875},"$/oz.",null,null,{"$f":"570/12/K5","v":2.96875},"oz.",null,null,null,null,null,null,null,null,{"$f":"5/128","v":3.90625E-2}]
["Authority XL",{"$f":"F11","v":5},"$/oz.",null,null,{"$f":"800/10/K5","v":5},"oz.",null,null,null,null,null,null,null,null,{"$f":"+P10*K3","v":1.25}]
["Axial Bold",1.6192574786324787,"$/oz.",null,null,{"$f":"485/(2.34*K2)","v":1.6192574786324787},"oz."]
["Axiom",2.4,"$/oz.",null,null,{"$f":"960/(25*K5)","v":2.4},"oz."]
["Azoxy 2SC",0.32,"$/oz.",null,{"$f":"41.5/K2","v":0.32421875}]
["Azoxyprop",0.36,"$/oz.",null,{"$f":"+AVERAGE(44,48)/K2","v":0.359375}]
["Banvel",{"$f":"H16","v":9.8000000000000007},"$/pt.",null,null,{"$f":"196/(2.5*K2)","v":0.61250000000000004},"oz.",{"$f":"+F16*K4","v":9.8000000000000007}]
["Basagran",{"$f":"H17","v":9.8000000000000007},"$/pt.",null,null,{"$f":"196/(2.5*K2)","v":0.61250000000000004},"oz.",{"$f":"F17*K4","v":9.8000000000000007}]
["Bicep II Magnum",14.3,"$/qt.",null,null,{"$f":"143/(2.5*K2)","v":0.44687500000000002},"oz.",{"$f":"+F18*K3","v":14.3}]
["Bifen 2EC ",0.38,"$/oz.",null,{"$f":"+AVERAGE(45,51)/128","v":0.375}]
["Boll Opener (Ethephon)",8.9700000000000006,"$/acre",null,null,{"$f":"138*0.65/(2.5*K2)","v":0.28031250000000002},"oz."]
["Boundary",{"$f":"H21","v":12.55},"$/pt.",null,null,{"$f":"251/(2.5*K2)","v":0.78437500000000004},"oz.",{"$f":"F21*K4","v":12.55}]
["Butyrac 200",{"$f":"H22","v":5.5},"$/pt.",null,null,{"$f":"44/(K2)","v":0.34375},"oz.",{"$f":"F22*K4","v":5.5}]
["Callisto",{"$f":"F23","v":3.09375},"$/oz.",null,null,{"$f":"396/(K2)","v":3.09375},"oz."]
["Caparol",{"$f":"H24","v":6},"$/pt.",null,null,{"$f":"120/(2.5*K2)","v":0.375},"oz.",{"$f":"F24*K4","v":6}]
["Carfentrazone 2EC ",3,"$/oz.",null,3]
["Chlorimuron",4.1500000000000004,"$oz",null,4.1500000000000004]
["Clarity 4EC",{"$f":"F27","v":0.71875},"$/oz.",null,null,{"$f":"230/(2.5*K2)","v":0.71875},"oz.",{"$f":"F27*K4","v":11.5}]
["Classic",{"$f":"F28","v":20},"$/oz.",null,null,{"$f":"200/10","v":20},"oz."]
["Clethodim 2EC ",0.2,"$/oz.",null,{"$f":"+AVERAGE(24.5,27.9)/128","v":0.20468749999999999}]
["Cobra",{"$f":"F30","v":1.96875},"$/oz.",null,null,{"$f":"630/(2.5*K2)","v":1.96875},"oz."]
["Command 3ME",{"$f":"H31","v":23.75},"$/pt.",null,{"$f":"AVERAGE(378,389)/K3","v":11.984375},{"$f":"475/(2.5*K2)","v":1.484375},"oz.",{"$f":"F31*K4","v":23.75}]
["Coragen® eVo ",11.98,"$/qt."]
["Cotoran 4L",{"$f":"H33","v":6.25},"$/pt.",null,null,{"$f":"125/(2.5*K2)","v":0.390625},"oz.",{"$f":"F33*K4","v":6.25}]
["Crossbow",16.25,"$/qt.",null,null,{"$f":"162.5/(2.5*K2)","v":0.5078125},"oz.",{"$f":"F34*K3","v":16.25}]
["Defoliant",18,"$/acre",null,null,null,"oz."]
["Degree Xtra",{"$f":"H36","v":15.1},"$/qt.",null,null,{"$f":"151/(2.5*K2)","v":0.47187499999999999},"oz.",{"$f":"F36*K3","v":15.1}]
["Dicamba DMA totes ",0.19,"$/oz.",null,{"$f":"AVERAGE(24.2,25.5)/128","v":0.19414062500000001}]
["Dicamba DGA totes ",0.23,"$/oz.",null,0.2265625]
["Direx 4L",{"$f":"H39","v":2.9},"$/pt.",null,null,{"$f":"58/(2.5*K2)","v":0.18124999999999999},"oz.",{"$f":"F39*K4","v":2.9}]
["Distinct DF",{"$f":"F40","v":3.0666666666666669},"$/oz.",null,null,{"$f":"368/(7.5*K5)","v":3.0666666666666669},"oz."]
["Dual Magnum",{"$f":"H41","v":10.9},"$/pt.",null,null,{"$f":"218/(2.5*K2)","v":0.68125000000000002},null,{"$f":"F41*K4","v":10.9}]
["Dual II Magnum",{"$f":"H42","v":13.5},"$/pt.",null,null,{"$f":"270/(2.5*K2)","v":0.84375},null,{"$f":"F42*K4","v":13.5}]
["Engenia",{"$f":"F43","v":0.6640625},"$/oz.",null,null,{"$f":"212.5/(2.5*K2)","v":0.6640625}]
["Enlist Duo",{"$f":"F44","v":0.20781250000000001},"$/oz.",null,null,{"$f":"66.5/(2.5*K2)","v":0.20781250000000001}]
["Enlist One",0.37,"$/oz.",null,{"$f":"AVERAGE(45.75,48.9)/128","v":0.36972656250000002},{"$f":"105/(2.5*K2)","v":0.328125}]
["Envoke",{"$f":"+F46","v":126.66666666666667},"$/oz.",null,null,{"$f":"380/3","v":126.66666666666667}]
["Finesse Cereal and Fallow",18.399999999999999,"$/oz.",null,null,{"$f":"368/(20)","v":18.399999999999999},"oz."]
["FirstRate",{"$f":"F48","v":50.916666666666664},"$/oz.",null,null,{"$f":"611/(0.75*K5)","v":50.916666666666664},"oz."]
["Firstshot SG",{"$f":"F49","v":9.9499999999999993},"$/oz.",null,null,{"$f":"199/(20)","v":9.9499999999999993},"oz."]
["Flexstar GT 3.5",{"$f":"H50","v":7.65},"$/pt.",null,null,{"$f":"153/(2.5*K2)","v":0.47812500000000002},"oz.",{"$f":"F50*K4","v":7.65}]
["Flexstar",{"$f":"H51","v":11.3},"$/pt.",null,null,{"$f":"226/(2.5*K2)","v":0.70625000000000004},null,{"$f":"F51*K4","v":11.3}]
["Flumioxazin 51",0.97,"$/oz.",null,{"$f":"+AVERAGE(14.75,16.4)/K2","v":0.12167968749999999}]
["Flumioxazin 44% SC ",1,"$/oz.",null,{"$f":"AVERAGE(124,132)/128","v":1}]
["Fusilade DX",{"$f":"F54","v":1.3984375},"$/oz.",null,null,{"$f":"179/K2","v":1.3984375},"oz."]
["Glufosinate 280SL ",0.13,"$/oz.",null,{"$f":"+AVERAGE(16.5,17.9)/128","v":0.13437499999999999}]
["Glyphosate",0.11,"$/oz.",null,{"$f":"+AVERAGE(13.5,14.4)/128","v":0.10898437499999999}]
["(continued)"]
[]
["Herbicides"]
["Goal 2XL",{"$f":"H60","v":7.5},"$/pt.",null,null,{"$f":"150/(2.5*K2)","v":0.46875},"oz.",{"$f":"F60*K4","v":7.5}]
["Gramoxone 3SL",{"$f":"F61","v":0.3125},"$/oz.",null,null,{"$f":"100/(2.5*K2)","v":0.3125},"oz."]
["Grazon P + D",{"$f":"H62","v":4.9000000000000004},"$/pt.",null,null,{"$f":"98/(2.5*K2)","v":0.30625000000000002},"oz.",{"$f":"F62*K4","v":4.9000000000000004}]
["Halex GT",{"$f":"H63","v":9.9499999999999993},"$/pt.",null,null,{"$f":"199/(2.5*K2)","v":0.62187499999999996},"oz.",{"$f":"F63*K4","v":9.9499999999999993}]
["Harmony Extra Total Sol",{"$f":"F64","v":14.030000000000001},"$/oz.",null,null,{"$f":"673.44/(48)","v":14.030000000000001},"oz."]
["Harness Xtra 5.6",{"$f":"H65","v":18.100000000000001},"$/qt.",null,null,{"$f":"181/(2.5*K2)","v":0.56562500000000004},"oz.",{"$f":"F65*K3","v":18.100000000000001}]
["Imidacloprid 4F ",0.52,"$/oz.",null,{"$f":"+AVERAGE(0.47,0.56)","v":0.51500000000000001}]
["Lambda Cy ",0.23,"$/oz.",null,{"$f":"+AVERAGE(26.4,32.35)/128","v":0.2294921875}]
["Leadoff",{"$f":"F68","v":6.666666666666667},"$/oz.",null,null,{"$f":"400/(60)","v":6.666666666666667},"oz."]
["Liberty 280 SL",{"$f":"F69","v":0.64375000000000004},"$/oz.",null,null,{"$f":"206/(2.5*K2)","v":0.64375000000000004},"oz."]
["Mepex (Mepiquat Chloride)",2.2400000000000002,"$/acre",null,null,{"$f":"0.07*K4","v":1.1200000000000001},"oz."]
["Mesotrion",0.36,"$/oz.",null,{"$f":"+AVERAGE(43.9,47.5)/128","v":0.35703125000000002}]
["Metribuzin 75DF",{"$f":"F72","v":1.40625},"$/oz.",null,null,{"$f":"225/(10*K5)","v":1.40625},"oz."]
["Metolachlor 8EC ",0.23,"$/oz.",null,{"$f":"+AVERAGE(27.15,31.8)/128","v":0.23027343750000001}]
["Miravis® NEO ",0.74,"$/oz.",null,{"$f":"AVERAGE(15,174)/128","v":0.73828125}]
["MSO",0.09,"$/oz.",null,{"$f":"AVERAGE(10.75,12.9)/128","v":9.2382812499999994E-2}]
["Outlook",0.68,"$/oz.",null,{"$f":"+AVERAGE(86,89)/128","v":0.68359375},{"$f":"458/(2.5*K2)","v":1.4312499999999999},"oz."]
["Paraquat",0.13,"$/oz.",null,{"$f":"AVERAGE(15.5,17.5)/128","v":0.12890625}]
["Permit",{"$f":"F78","v":26.5},"$/oz.",null,null,{"$f":"530/20","v":26.5},"oz."]
["Pinzola",0.88,"$/oz.",null,{"$f":"AVERAGE(108,117)/128","v":0.87890625}]
["Poast",{"$f":"H80","v":16},"$/pt.",null,null,{"$f":"320/(2.5*K2)","v":1},"oz.",{"$f":"F80*K4","v":16}]
["Prefix",{"$f":"H81","v":18.899999999999999},"$/qt.",null,null,{"$f":"189/(2.5*K2)","v":0.59062499999999996},"oz.",{"$f":"F81*K3","v":18.899999999999999}]
["Prowl H20",7.3,"$/pt.",null,null,{"$f":"146/(2.5*K2)","v":0.45624999999999999},"oz.",{"$f":"F82*K4","v":7.3}]
["Priaxor® Xemium ",2.76,"$/oz.",null,{"$f":"AVERAGE(342,364)/128","v":2.7578125}]
["Propicon 3.6 ",0.37,"$/oz.",null,{"$f":"AVERAGE(44.5,49)/128","v":0.365234375}]
["Pursuit",{"$f":"F85","v":3.90625},"$/oz.",null,null,{"$f":"500/(128)","v":3.90625},"oz."]
["Python WDG",{"$f":"F86","v":20.625},"$/oz.",null,null,{"$f":"825/(2.5*K5)","v":20.625},"oz."]
["Raptor",5.0390625,"$/oz.",null,null,{"$f":"645/(128)","v":5.0390625},"oz."]
["Realm Q",4.9749999999999996,"$/oz.",null,null,{"$f":"398/(80)","v":4.9749999999999996},"oz."]
["Reflex",{"$f":"H89","v":8.9962121212121211},"$/pt.",null,null,{"$f":"190/(2.64*K2)","v":0.56226325757575757},"oz.",{"$f":"F89*K4","v":8.9962121212121211}]
["Resource",{"$f":"F90","v":2.2109375},"$/oz.",null,null,{"$f":"283/(128)","v":2.2109375},"oz."]
["Revytek®",2.34,"$/oz.",null,{"$f":"AVERAGE(292,308)/128","v":2.34375}]
["Roundup PowerMax 3",{"$f":"F92","v":0.4375},"$/oz.",null,null,{"$f":"140/(2.5*K2)","v":0.4375},"oz."]
["Scepter 70DG",{"$f":"F93","v":5.7142857142857144},"$/oz.",null,null,{"$f":"800/(8.75*K5)","v":5.7142857142857144},"oz."]
["Select Max",{"$f":"F94","v":0.96875},"$/oz.",null,null,{"$f":"310/(2.5*K2)","v":0.96875},"oz."]
["Sequence",{"$f":"H95","v":8.5},"$/pt.",null,null,{"$f":"170/(2.5*K2)","v":0.53125},"oz.",{"$f":"F95*K4","v":8.5}]
["Sharpen",5.7,"$/oz.",null,{"$f":"+AVERAGE(720,740)/128","v":5.703125},{"$f":"993/(128)","v":7.7578125},"oz."]
["Spur®",0.76,"$/oz.",null,{"$f":"AVERAGE(96,99)/128","v":0.76171875}]
["Status® ",3.64,"$/oz.",null,{"$f":"AVERAGE(3.55,3.72)","v":3.6349999999999998}]
["Steadfast Q",{"$f":"F99","v":14.433333333333334},"$/oz.",null,null,{"$f":"866/(60)","v":14.433333333333334},"oz."]
["Storm",{"$f":"H100","v":14.2},"$/pt.",null,null,{"$f":"284/(2.5*K2)","v":0.88749999999999996},"oz.",{"$f":"F100*K4","v":14.2}]
["Sulfentrazone 4 ",0.55000000000000004,"$/oz.",null,{"$f":"AVERAGE(66.7,72.9)/128","v":0.54531250000000009}]
["Surfactant",0.08,"$/oz.",null,{"$f":"10.5/K2","v":8.203125E-2},null,"oz."]
["Tebucon 3.6SC ",0.28000000000000003,"$/oz.",null,{"$f":"+AVERAGE(34,38)/128","v":0.28125}]
["Treaty® Extra ",4.83,"$/oz.",null,{"$f":"+AVERAGE(4.5,5.15)","v":4.8250000000000002}]
["Treflan",{"$f":"H105","v":3.375},"$/pt.",null,null,{"$f":"67.5/(2.5*K2)","v":0.2109375},"oz.",{"$f":"F105*K4","v":3.375}]
["Trivapro®",1.2,"$/oz.",null,{"$f":"AVERAGE(150,158)/128","v":1.203125}]
["Ultra Blazer",{"$f":"H107","v":6.8},"$/pt.",null,null,{"$f":"136/(2.5*K2)","v":0.42499999999999999},"oz.",{"$f":"F107*K4","v":6.8}]
["Valor",{"$f":"F108","v":3.6875},"$/oz.",null,null,{"$f":"295/(5*K5)","v":3.6875},"oz."]
["Veltyma®",2.11,"$/oz.",null,{"$f":"+AVERAGE(265,274)/128","v":2.10546875}]
["Verdict",{"$f":"F110","v":2.1375000000000002},"$/oz.",null,null,{"$f":"684/(2.5*K2)","v":2.1375000000000002},"oz."]
["Warrant",{"$f":"H111","v":6.15},"$/pt.",null,null,{"$f":"123/(2.5*K2)","v":0.38437500000000002},"oz.",{"$f":"F111*K4","v":6.15}]
["Xtendimax ",{"$f":"F113","v":0.3984375},"$/oz."]
["Zidua® Pro ",3.2,"$/oz.",null,{"$f":"AVERAGE(405,415)/128","v":3.203125},{"$f":"127.5/(2.5*K2)","v":0.3984375},"oz."]

{"sheet":"Fungicides","index":3,"n_rows":31,"n_cols":3,"rows_kept":31,"cut":false,"hidden":false,"merged":[[0,0,0,2]]}
["Fungicide Treatments "]
["Soybean-Foliar",15,"$/acre"]
["Wheat-Foliar",10,"$/acre"]
["Crop Oil Concentrate",10.9,"$/qt."]
["Corn-Foliar",18,"$/acre"]
["Surfactant",10.5,"$/gal"]
[]
[null,"Price/Unit","Unit"]
["Aftershock"]
["Alto"]
["Approach"]
["Approach Prima"]
["Caramba"]
["Domark"]
["Evito"]
["Folicur"]
["Fortix"]
["Headline"]
["Headline AMP"]
["Priaxor"]
["Priaxor D"]
["Proline"]
["Prosaro"]
["Quadris"]
["Quadris Top"]
["Quilt Xcel"]
["Stratego YLD"]
["Tilt"]
["Topguard"]
["Topsin-M"]
["TwinLine"]

{"sheet":"Print","index":4,"n_rows":18,"n_cols":4,"rows_kept":18,"cut":false,"hidden":true,"merged":[[0,1,0,3],[5,1,5,3],[12,1,12,3]]}
[null,"Irrigation"]
[null,"Irrigation Energy Cost ",6.75,"$/acre-in"]
[null,"Irrigation System R&M & Labor",3,"$/acre-in"]
[null,"Capital Recovery (Irrigation Equipment)",100,"$/acre"]
[]
[null,"Fungicide Treatments "]
[null,"Soybean-Foliar",15,"$/acre"]
[null,"Wheat-Foliar",10,"$/acre"]
[null,"Crop Oil Concentrate",10.9,"$/qt."]
[null,"Corn-Foliar",18,"$/acre"]
[null,"Surfactant",10.5,"$/gal"]
[]
[null,"Insecticide Treatments"]
[null,"Soybean-Foliar",20,"$/acre"]
[null,"Cotton-Foliar",65,"$/acre"]
[null,"Grain Sorghum-Foliar",30,"$/acre"]
[null,"Wheat-Foliar",5,"$/acre"]
[null,"Maintenance Fee (Boll Weevil Eradication)",2,"$/acre"]

{"sheet":"Insecticides","index":5,"n_rows":71,"n_cols":5,"rows_kept":71,"cut":false,"hidden":false,"merged":[[0,0,0,2]]}
["Insecticide Treatments"]
["Soybean-Foliar",20,"$/acre"]
["Cotton-Foliar",65,"$/acre"]
["Grain Sorghum-Foliar",30,"$/acre"]
["Wheat-Foliar",5,"$/acre"]
["Maintenance Fee (Boll Weevil Eradication)",2,"$/acre",null,1.5]
[]
[null,"Price/Unit","Unit"]
["Abba"]
["Acramite"]
["Ammo"]
["Asana"]
["Athena"]
["Baythroid XL"]
["Belay"]
["Belt"]
["Belt"]
["Besiege"]
["Bidrin"]
["Blackhawk"]
["Brigade/Discipline/Fanfare"]
["Brigadier"]
["Carbine"]
["Centeic"]
["Colbalt"]
["Colbalt Advanced"]
["Comite"]
["Curacon"]
["Declare"]
["Delare"]
["Delta Gold"]
["Denim"]
["Diamon"]
["Dicofol"]
["Dimethoate"]
["Dimethoate"]
["Dimilin 2"]
["Double Take"]
["Double Take"]
["Endigo ZC"]
["Fyfanon"]
["Hero"]
["Imidacloprid"]
["Intrepid"]
["Intrepid Edge"]
["Intruder"]
["Justice"]
["Karate/Warrior II"]
["Lannate"]
["Larvin"]
["Leverage 360"]
["Lorsban"]
["Lorsban Advanced"]
["Malathion"]
["Methyl"]
["Mustang Max"]
["Oberon"]
["Orthene 90S"]
["Portal"]
["Pounce"]
["Prevathon"]
["Radiant"]
["Seven XLR"]
["Sevin"]
["Stallion"]
["Steward"]
["Transform"]
["Triple Crown"]
["Vydate"]
["Warrior II"]
["Zeal"]

{"sheet":"Corn NT Non-Irr","index":6,"n_rows":53,"n_cols":21,"rows_kept":53,"cut":false,"hidden":false,"merged":[[52,6,52,7],[46,6,46,7],[47,6,47,7],[48,6,48,7],[49,6,49,7],[50,6,50,7],[0,1,0,9],[2,4,2,9],[22,1,22,6],[6,1,6,6],[34,1,34,6],[55,1,55,9],[56,1,56,9],[39,1,39,3],[39,5,39,9],[23,1,23,6],[24,4,24,9],[33,1,33,6],[35,1,35,6],[52,8,52,9],[45,8,45,9],[46,8,46,9],[41,6,41,7],[42,6,42,7],[43,6,43,7],[44,6,44,7],[45,6,45,7],[57,1,57,9],[60,1,60,9],[61,1,61,9],[59,1,59,9],[62,1,62,9],[58,1,58,9],[40,8,40,9],[40,6,40,7],[43,8,43,9],[42,8,42,9],[51,8,51,9],[44,8,44,9],[48,8,48,9],[47,8,47,9],[50,8,50,9],[41,8,41,9],[49,8,49,9],[51,6,51,7]]}
[null,"2025 Corn, No-Till, Non-Irrigated Budget ",null,null,null,null,null,null,null,null,null,"Table 1. Fertilizer & Lime3"]
[null,null,null,null,"Unit ","Quantity ","Price","Total",null,"Your Farm",null,"Fertilizer ","Description","Quantity (lbs.)","Price ($)","Total ($/Acre)","Your Farm ($/Acre)"]
[null,"Revenue1",null,null,"Gross Revenue ($/Acre)",null,null,null,null,null,null,"Nitrogen","Urea - Planting",60,{"$f":"Inputs!C44","v":0.52},{"$f":"N3*O3","v":31.200000000000003},"_________"]
[null,null,"Corn",null,"Bu/acre",175,{"$f":"Inputs!C3","v":4.5999999999999996},{"$f":"F4*G4","v":804.99999999999989},null,"_________",null,null,"UAN 32 - Side dress",120,{"$f":"Inputs!C47","v":0.54},{"$f":"N4*O4","v":64.800000000000011},"_________"]
[null,null,"Government Payments",null,"$/acre",1,0,{"$f":"F5*G5","v":0},null,"_________",null,"Phosphorous","P2O5",70,{"$f":"Inputs!C48","v":0.66},{"$f":"+N5*O5","v":46.2},"_________"]
[null,null,"Other Revenue",null,"$/acre",1,0,{"$f":"F6*G6","v":0},null,"_________",null,"Potassium","K20",70,{"$f":"Inputs!C50","v":0.36},{"$f":"+N6*O6","v":25.2},"_________"]
[null,"Total Revenue",null,null,null,null,null,{"$f":"SUM(H4:H6)","v":804.99999999999989},null,"_________",null,"Zinc Sulfate",null,15,{"$f":"+Inputs!C54","v":1.67},{"$f":"+N7*O7","v":25.049999999999997},"_________"]
[null,"Variable Expenses",null,null,null,null,null,null,null,null,null,"Boron",null,1,{"$f":"Inputs!C52","v":0.7},{"$f":"+N8*O8","v":0.7},"_________"]
[null,null,"Seed2",null,"Thous.",32,{"$f":"+Inputs!C36","v":3.88},{"$f":"+F9*G9","v":124.16},null,"_________",null,"Lime",null,1000,{"$f":"+Inputs!C51","v":30},{"$f":"+N9/2000*O9","v":15},"_________"]
[null,null,"Fertilizer & Lime (Table 1)",null,"Acre",1,{"$f":"+P12","v":208.14999999999998},{"$f":"+F10*G10","v":208.14999999999998},null,"_________",null,"Other",null,0,0,{"$f":"N10*O10","v":0},"_________"]
[null,null,"Chemical (Table 2)",null,"Acre",1,{"$f":"S28","v":72.27000000000001},{"$f":"F11*G11","v":72.27000000000001},null,"_________",null,"Other",null,0,0,{"$f":"N11*O11","v":0},"_________"]
[null,null,"Crop Scout or Consultant",null,"Acre",1,{"$f":"+Inputs!C18","v":10},{"$f":"F12*G12","v":10},null,"_________",null,"Total",null,null,null,{"$f":"SUM(P3:P11)","v":208.14999999999998},"_________"]
[null,null,"Repair & Maintenance (Table 3)",null,"Acre",1,{"$f":"+Q44","v":45.979959355337797},{"$f":"+F13*G13","v":45.979959355337797},null,"_________"]
[null,null,"Fuel, Oil & Filter (Table 3)",null,"Acre",1,{"$f":"+R44","v":22.087712950080672},22.087712950080672,null,"_________",null,"Table 2. Chemicals4"]
[null,null,"Operator Labor (Table 3)",null,"Acre",1,{"$f":"+S44","v":13.9757665416594},13.9757665416594,null,"_________",null,"Chemical","Function","Description","Unit","Number of Apps.","Quantity","Price","Total ($/Acre)","Your Farm ($/Acre)"]
[null,null,"Crop Insurance6",null,"Acre",1,{"$f":"+Inputs!C24","v":16.66},16.66,null,"_________",null,"Herbicides","Burndown","Roundup PowerMax","oz.",1,32,{"$f":"+Herbicides!B92","v":0.4375},{"$f":"P16*Q16*R16","v":14},"_________"]
[null,null,"Machinery Rental ",null,"Acre",1,0,0,null,"_________",null,null,"Pre-Emerge","Atrazine ","qt.",1,1.5,{"$f":"Herbicides!B9","v":3.38},{"$f":"P17*Q17*R17","v":5.07},"_________"]
[null,null,"Custom Work",null,"Acre",1,0,0,null,"_________",null,null,null,"Other",null,0,0,0,0,"_________"]
[null,null,"Drying (Fuel/Electric)",null,"Bu",{"$f":"+F4","v":175},0,0,null,"_________",null,null,"Post-Emerge","Halex GT","pt.",1,3.6,{"$f":"Herbicides!B63","v":9.9499999999999993},35.82,"_________"]
[null,null,"Other",null,"Acre",1,0,{"$f":"F20*G20","v":0},null,"_________",null,null,null,"Atrazine","qt.",1,1,{"$f":"Herbicides!B9","v":3.38},3.38,"_________"]
[null,null,"Other",null,"Acre",1,0,{"$f":"F21*G21","v":0},null,"_________",null,null,null,"Other",null,0,0,0,0,"_________"]
[null,null,"Operating Interest 7",null,"%",{"$f":"SUM(H9:H21)","v":513.28343884707783},{"$f":"+Inputs!C14","v":0.08},{"$f":"(F22*G22)/2","v":20.531337553883112},null,"_________",null,null,"Harvest Aid","Roundup PowerMax",null,1,32,{"$f":"Herbicides!B92","v":0.4375},14,"_________"]
[null,"Total Variable Expenses",null,null,null,null,null,{"$f":"SUM(H9:H22)","v":533.81477640096091},null,"_________",null,null,null,"Other",null,0,0,0,0,"_________"]
[null,"Return Above Variable Expenses",null,null,null,null,null,{"$f":"H7-H23","v":271.18522359903898},null,"_________",null,"Insecticides",null,"Other",null,0,0,0,0,"_________"]
[null,"Fixed Expenses",null,null,null,null,null,null,null,null,null,null,null,"Other",null,0,0,0,0,"_________"]
[null,null,"Machinery",null,null,null,null,null,null,null,null,"Fungicides",null,"Other",null,0,0,0,0,"_________"]
[null,null,"  Capital Recovery (Table 3)",null,"Acre",1,{"$f":"+P44","v":121.6304968805394},{"$f":"+F27*G27","v":121.6304968805394},null,"_________",null,null,null,"Other",null,0,0,0,{"$f":"P27*Q27*R27","v":0},"_________"]
[null,null,"  Other Fixed Machinery Costs",null,"Acre",1,{"$f":"+Inputs!C30","v":0},{"$f":"+F28*G28","v":0},null,"_________",null,"Total",null,null,null,null,null,null,{"$f":"SUM(S16:S27)","v":72.27000000000001},"_________"]
[null,null,"General Overhead",null,"Acre",1,20,{"$f":"+F29*G29","v":20},null,"_________"]
[null,null,"Cash Rent8",null,"Acre",1,{"$f":"+Inputs!C23","v":117},117,null,"_________",null,"Table 3. Machinery5"]
[null,null,"Insurance (Non-Machinery)",null,"Acre",1,0,0,null,"_________",null,null,"Power Unit","Implement","Size","Capital Recovery","Repairs & Maintenance","Fuel, Oil & Filter","Labor","Total","Your Farm ($/Acre)"]
[null,null,"Management Labor10",null,"Acre",1,{"$f":"Inputs!C33","v":25},{"$f":"+F32*G32","v":25},null,"_________",null,"Burndown","SP Boom Sprayer",null,"90'",{"$f":"+'Field Operations'!F11","v":9.4809013205524924},{"$f":"+'Field Operations'!G11","v":0.29428773488580628},{"$f":"+'Field Operations'!H11","v":0.37194513888888892},{"$f":"+'Field Operations'!I11","v":0.31828703703703703},{"$f":"SUM(P32:S32)","v":10.465421231364223},"_________"]
[null,null,"Other",null,"Acre",1,0,{"$f":"+F33*G33","v":0},null,"_________",null,"Fertilize","Tractor, 215 hp","Fertilize Spreader",null,{"$f":"'Field Operations'!F10","v":5.1030296919423872},{"$f":"'Field Operations'!G10","v":1.5965293414642521},{"$f":"'Field Operations'!H10","v":2.4593923469387757},{"$f":"'Field Operations'!I10","v":1.6836734693877555},10.84262484973317,"_________"]
[null,"Total Fixed Expenses",null,null,null,null,null,{"$f":"+SUM(H27:H33)","v":283.6304968805394},null,"_________",null,"Plant","Tractor, 215 hp","Planter","16-row",{"$f":"+'Field Operations'!F8","v":15.97084823338769},{"$f":"+'Field Operations'!G8","v":2.8769883177515254},{"$f":"+'Field Operations'!H8","v":2.3175043269230766},{"$f":"+'Field Operations'!I8","v":1.5865384615384615},{"$f":"SUM(P34:S34)","v":22.751879339600755},"_________"]
[null,"Total Expenses",null,null,null,null,null,{"$f":"H23+H34","v":817.44527328150025},null,"_________",null,"Weed Control","SP Boom Sprayer",null,"90'",{"$f":"+'Field Operations'!F11","v":9.4809013205524924},{"$f":"+'Field Operations'!G11","v":0.29428773488580628},{"$f":"+'Field Operations'!H11","v":0.37194513888888892},{"$f":"+'Field Operations'!I11","v":0.31828703703703703},{"$f":"SUM(P35:S35)","v":10.465421231364223},"_________"]
[null,"Return Above Specified Expenses",null,null,null,null,null,{"$f":"H7-H35","v":-12.445273281500363},null,"_________",null,"Weed Control","SP Boom Sprayer",null,"90'",{"$f":"+'Field Operations'!F11","v":9.4809013205524924},{"$f":"+'Field Operations'!G11","v":0.29428773488580628},{"$f":"+'Field Operations'!H11","v":0.37194513888888892},{"$f":"+'Field Operations'!I11","v":0.31828703703703703},{"$f":"SUM(P36:S36)","v":10.465421231364223},"_________"]
[null,null,null,null,null,null,"Cash Cost per Bushel",{"$f":"(SUM(H9:H22)+H30+H29)/F4","v":3.8332272937197764},null,"_________",null,"Weed Control","SP Boom Sprayer",null,"90'",{"$f":"'Field Operations'!F11","v":9.4809013205524924},{"$f":"'Field Operations'!G11","v":0.29428773488580628},{"$f":"'Field Operations'!H11","v":0.37194513888888892},{"$f":"'Field Operations'!I11","v":0.31828703703703703},{"$f":"SUM(P37:S37)","v":10.465421231364223},"_________"]
[null,null,null,null,null,null,"Economic Cost per Bushel",{"$f":"H35/F4","v":4.6711158473228584},null,"_________",null,"Fertilize","Tractor, 215 hp","Fertilize Spreader",null,{"$f":"+'Field Operations'!F10","v":5.1030296919423872},{"$f":"+'Field Operations'!G10","v":1.5965293414642521},{"$f":"+'Field Operations'!H10","v":2.4593923469387757},{"$f":"+'Field Operations'!I10","v":1.6836734693877555},{"$f":"SUM(P38:S38)","v":10.84262484973317},"_________"]
[null,null,null,null,null,null,null,null,null,null,null,"Fertilize","Tractor, 215 hp","Fertilize Spreader",null,{"$f":"+'Field Operations'!F10","v":5.1030296919423872},{"$f":"+'Field Operations'!G10","v":1.5965293414642521},{"$f":"+'Field Operations'!H10","v":2.4593923469387757},{"$f":"+'Field Operations'!I10","v":1.6836734693877555},{"$f":"SUM(P39:S39)","v":10.84262484973317},"_________"]
[null,"Breakeven Price for Selected Yield",null,null,null,"Breakeven Yield for Selected Price",null,null,null,null,null,"Harvest","Combine","Corn Head","8-row",{"$f":"+'Field Operations'!F12","v":37.725187286814645},{"$f":"+'Field Operations'!G12","v":35.050795185290561},{"$f":"+'Field Operations'!H12","v":8.6078732142857142},{"$f":"+'Field Operations'!I12","v":3.2738095238095242},{"$f":"SUM(P40:S40)","v":84.657665210200435},"_________"]
[null,"Yield","Variable Cost ","Total Specified Cost",null,"Price","Variable Cost ",null,"Total Specified Cost",null,null,"Haul","Tractor, 215 hp","Grain Cart",{"$f":"'Field Operations'!E14","v":"800 bu"},{"$f":"+'Field Operations'!F14","v":7.0217670022999314},{"$f":"+'Field Operations'!G14","v":0.8354368883597314},{"$f":"+'Field Operations'!H14","v":1.5063778125},{"$f":"+'Field Operations'!I14","v":1.03125},{"$f":"SUM(P41:S41)","v":10.394831703159662},"_________"]
[null,"(bu)","($/bu)","($/bu)",null,"($/bu)","(bu)",null,"(bu)",null,null,"Haul",{"$f":"'Field Operations'!C16","v":"Semi Tractor/Trailer"},null,null,{"$f":"'Field Operations'!F16","v":7.68},{"$f":"'Field Operations'!G16","v":1.25},{"$f":"'Field Operations'!H16","v":0.79},{"$f":"'Field Operations'!I16","v":1.76},{"$f":"SUM(P42:S42)","v":11.479999999999999},"_________"]
[null,{"$f":"SUM(B44-10)","v":125},{"$f":"$H$23/B43","v":4.2705182112076869},{"$f":"($H$23+$H$34)/B43","v":6.5395621862520024},null,{"$f":"SUM(F44-0.25)","v":3.3499999999999996},{"$f":"+$H$23/F43","v":159.34769444804806},null,{"$f":"+($H$23+$H$34)/F43","v":244.01351441238816},null,null,"Other",null,null,null,0,0,0,0,{"$f":"SUM(P43:S43)","v":0},"_________"]
[null,{"$f":"SUM(B45-10)","v":135},3.9541835288960065,6.0551501724555576,null,{"$f":"SUM(F45-0.25)","v":3.5999999999999996},148.28188233360027,null,227.06813146708342,null,null,"Total",null,null,null,{"$f":"SUM(P32:P43)","v":121.6304968805394},{"$f":"SUM(Q32:Q43)","v":45.979959355337797},{"$f":"SUM(R32:R43)","v":22.087712950080672},{"$f":"SUM(S32:S43)","v":13.9757665416594},{"$f":"SUM(T32:T43)","v":203.67393572761725},"_________"]
[null,{"$f":"SUM(B46-10)","v":145},3.681481216558351,5.6375536088379326,null,{"$f":"SUM(F46-0.25)","v":3.8499999999999996},138.65318867557428,null,212.32344760558451]
[null,{"$f":"SUM(B47-10)","v":155},3.4439662993610383,5.2738404727838724,null,{"$f":"SUM(F47-0.25)","v":4.0999999999999996},130.19872595145389,null,199.37689592231715]
[null,{"$f":"SUM(B48-10)","v":165},3.2352410690967326,4.9542137774636377,null,{"$f":"SUM(F48-0.25)","v":4.3499999999999996},122.71604055194504,null,187.91845362793111]
[null,{"$f":"+F4","v":175},3.050370150862634,4.6711158473228584,null,{"$f":"+G4","v":4.5999999999999996},116.04669052194804,null,177.70549419163049]
[null,{"$f":"SUM(B48+10)","v":185},2.8854852778430318,4.4186230988189203,null,{"$f":"SUM(F48+0.25)","v":4.8499999999999996},110.0649023507136,null,168.54541717144338]
[null,{"$f":"SUM(B49+10)","v":195},2.7375116738510816,4.1920270424692321,null,{"$f":"SUM(F49+0.25)","v":5.0999999999999996},104.66956400018842,null,160.28338691794124]
[null,{"$f":"SUM(B50+10)","v":205},2.6039745190290775,3.9875379184463426,null,{"$f":"SUM(F50+0.25)","v":5.35},99.778462878684294,null,152.79350902457949]
[null,{"$f":"SUM(B51+10)","v":215},2.4828594251207483,3.8020710385186058,null,{"$f":"SUM(F51+0.25)","v":5.6},95.324067214457315,null,145.97237022883934]
[null,{"$f":"SUM(B52+10)","v":225},2.3725101173376042,3.6330901034733345,null,{"$f":"SUM(F52+0.25)","v":5.85},91.250389128369392,null,139.73423474897442]

{"sheet":"Corn CT Non-Irr","index":7,"n_rows":53,"n_cols":21,"rows_kept":53,"cut":false,"hidden":false,"merged":[[51,6,51,7],[52,6,52,7],[46,6,46,7],[47,6,47,7],[48,6,48,7],[49,6,49,7],[50,6,50,7],[41,6,41,7],[42,6,42,7],[43,6,43,7],[44,6,44,7],[45,6,45,7],[40,6,40,7],[40,8,40,9],[0,1,0,9],[2,4,2,9],[6,1,6,6],[22,1,22,6],[23,1,23,6],[24,4,24,9],[33,1,33,6],[34,1,34,6],[35,1,35,6],[39,1,39,3],[39,5,39,9],[52,8,52,9],[41,8,41,9],[42,8,42,9],[43,8,43,9],[44,8,44,9],[45,8,45,9],[46,8,46,9],[47,8,47,9],[48,8,48,9],[49,8,49,9],[50,8,50,9],[51,8,51,9]]}
[null,"2025 Corn, Conventional Tillage, Non-Irrigated Budget",null,null,null,null,null,null,null,null,null,"Table 1. Fertilizer & Lime3"]
[null,null,null,null,"Unit ","Quantity ","Price","Total",null,"Your Farm",null,"Fertilizer ","Description","Quantity (lbs.)","Price ($)","Total ($/Acre)","Your Farm ($/Acre)"]
[null,"Revenue1",null,null,"Gross Revenue ($/Acre)",null,null,null,null,null,null,"Nitrogen","Urea - Planting",60,{"$f":"Inputs!C44","v":0.52},{"$f":"N3*O3","v":31.200000000000003},"_________"]
[null,null,"Corn",null,"Bu/acre",175,{"$f":"+Inputs!C3","v":4.5999999999999996},{"$f":"F4*G4","v":804.99999999999989},null,"_________",null,null,"UAN 32 - Side dress",120,{"$f":"Inputs!C47","v":0.54},{"$f":"N4*O4","v":64.800000000000011},"_________"]
[null,null,"Government Payments",null,"$/acre",1,0,{"$f":"F5*G5","v":0},null,"_________",null,"Phosphorous","P2O5",70,{"$f":"Inputs!C48","v":0.66},{"$f":"+N5*O5","v":46.2},"_________"]
[null,null,"Other Revenue",null,"$/acre",1,0,0,null,"_________",null,"Potassium","K20",70,{"$f":"Inputs!C50","v":0.36},{"$f":"+N6*O6","v":25.2},"_________"]
[null,"Total Revenue",null,null,null,null,null,{"$f":"SUM(H4:H6)","v":804.99999999999989},null,"_________",null,"Zinc Sulfate",null,15,{"$f":"Inputs!C54","v":1.67},{"$f":"+N7*O7","v":25.049999999999997},"_________"]
[null,"Variable Expenses",null,null,null,null,null,null,null,null,null,"Boron",null,1,{"$f":"Inputs!C52","v":0.7},{"$f":"+N8*O8","v":0.7},"_________"]
[null,null,"Seed2",null,"Thous.",32,{"$f":"+Inputs!C36","v":3.88},{"$f":"+F9*G9","v":124.16},null,"_________",null,"Lime",null,1000,{"$f":"Inputs!C51","v":30},{"$f":"N9/2000*O9","v":15},"_________"]
[null,null,"Fertilizer & Lime (Table 1)",null,"Acre",1,{"$f":"+P12","v":208.14999999999998},{"$f":"+F10*G10","v":208.14999999999998},null,"_________",null,"Other",null,0,0,{"$f":"N10*O10","v":0},"_________"]
[null,null,"Chemical (Table 2)",null,"Acre",1,{"$f":"S27","v":54.27},{"$f":"F11*G11","v":54.27},null,"_________",null,"Other",null,0,0,{"$f":"N11*O11","v":0},"_________"]
[null,null,"Crop Scout or Consultant",null,"Acre",1,{"$f":"+Inputs!C18","v":10},{"$f":"F12*G12","v":10},null,"_________",null,"Total",null,null,null,{"$f":"SUM(P3:P11)","v":208.14999999999998},"_________"]
[null,null,"Repair & Maintenance (Table 3)",null,"Acre",1,{"$f":"+Q45","v":51.472472038148496},{"$f":"+F13*G13","v":51.472472038148496},null,"_________"]
[null,null,"Fuel, Oil & Filter (Table 3)",null,"Acre",1,{"$f":"+R45","v":30.649656065314186},30.649656065314186,null,"_________",null,"Table 2. Chemicals4"]
[null,null,"Operator Labor (Table 3)",null,"Acre",1,{"$f":"+S45","v":19.77352302678074},19.77352302678074,null,"_________",null,"Chemical","Function","Description","Unit","Number of Apps.","Quantity","Price","Total ($/Acre)","Your Farm ($/Acre)"]
[null,null,"Crop Insurance6",null,"Acre",1,{"$f":"+Inputs!C24","v":16.66},16.66,null,"_________",null,"Herbicides","Pre-Emerge","Atrazine ","qt.",1,1,{"$f":"Herbicides!B9","v":3.38},{"$f":"P16*Q16*R16","v":3.38},"_________"]
[null,null,"Machinery Rental ",null,"Acre",1,0,0,null,"_________",null,null,null,"Other",null,0,0,0,{"$f":"P17*Q17*R17","v":0},"_________"]
[null,null,"Custom Work",null,"Acre",1,0,0,null,"_________",null,null,"Post-Emerge","Halex GT","pt.",1,3.6,{"$f":"Herbicides!B63","v":9.9499999999999993},{"$f":"P18*Q18*R18","v":35.82},"_________"]
[null,null,"Drying (Fuel/Electric)",null,"Bu",{"$f":"+F4","v":175},0,0,null,"_________",null,null,null,"Atrazine","qt.",1,1.5,{"$f":"Herbicides!B9","v":3.38},5.07,"_________"]
[null,null,"Other",null,"Acre",1,0,{"$f":"F20*G20","v":0},null,"_________",null,null,null,"Other"," ",0,0,0,0,"_________"]
[null,null,"Other",null,"Acre",1,0,{"$f":"F21*G21","v":0},null,"_________",null,null,"Harvest Aid","Gramoxone SL",null,1,32,{"$f":"Herbicides!B61","v":0.3125},10,"_________"]
[null,null,"Operating Interest 7",null,"%",{"$f":"SUM(H9:H21)","v":515.13565113024333},{"$f":"+Inputs!C14","v":0.08},{"$f":"(F22*G22)/2","v":20.605426045209732},null,"_________",null,null,null,"Other",null,0,0,0,0,"_________"]
[null,"Total Variable Expenses",null,null,null,null,null,{"$f":"SUM(H9:H22)","v":535.74107717545303},null,"_________",null,"Insecticides",null,"Other",null,0,0,0,0,"_________"]
[null,"Return Above Variable Expenses",null,null,null,null,null,{"$f":"H7-H23","v":269.25892282454686},null,"_________",null,null,null,"Other",null,0,0,0,0,"_________"]
[null,"Fixed Expenses",null,null,null,null,null,null,null,null,null,"Fungicides",null,"Other",null,0,0,0,0,"_________"]
[null,null,"Machinery",null,null,null,null,null,null,null,null,null,null,"Other",null,0,0,0,{"$f":"P26*Q26*R26","v":0},"_________"]
[null,null,"  Capital Recovery (Table 3)",null,"Acre",1,{"$f":"+P45","v":138.02272885843004},{"$f":"+F27*G27","v":138.02272885843004},null,"_________",null,"Total",null,null,null,null,null,null,{"$f":"SUM(S16:S26)","v":54.27},"_________"]
[null,null,"  Other Fixed Machinery Costs",null,"Acre",1,{"$f":"+Inputs!C30","v":0},{"$f":"+F28*G28","v":0},null,"_________"]
[null,null,"General Overhead",null,"Acre",1,20,20,null,"_________",null,"Table 3. Machinery5"]
[null,null,"Cash Rent8",null,"Acre",1,{"$f":"+Inputs!C23","v":117},{"$f":"+F30*G30","v":117},null,"_________",null,null,"Power Unit","Implement","Size","Capital Recovery","Repairs & Maintenance","Fuel, Oil & Filter","Labor","Total","Your Farm ($/Acre)"]
[null,null,"Insurance (Non-Machinery)",null,"Acre",1,0,0,null,"_________",null,"Chisel","Tractor, 215 hp","Chisel Plow","21'",{"$f":"+'Field Operations'!F4","v":6.9527034197614555},{"$f":"+'Field Operations'!G4","v":2.0348984445795764},{"$f":"+'Field Operations'!H4","v":3.3756365546218485},{"$f":"+'Field Operations'!I4","v":2.3109243697478994},{"$f":"SUM(P31:S31)","v":14.674162788710781},"_________"]
[null,null,"Management Labor10",null,"Acre",1,{"$f":"Inputs!C33","v":25},{"$f":"+F32*G32","v":25},null,"_________",null,"Disk","Tractor, 215 hp","Tandem Disk","29'",{"$f":"+'Field Operations'!F5","v":11.600441777743047},{"$f":"+'Field Operations'!G5","v":2.0151247346106018},{"$f":"+'Field Operations'!H5","v":2.7160294117647057},{"$f":"+'Field Operations'!I5","v":1.8593644354293442},18.190960359547699,"_________"]
[null,null,"Other",null,"Acre",1,0,{"$f":"+F33*G33","v":0},null,"_________",null,"Prepare Seedbed","Tractor, 215 hp","Do-All","26.5'",{"$f":"+'Field Operations'!F6","v":7.3199881009386383},{"$f":"+'Field Operations'!G6","v":1.7367772385063245},{"$f":"+'Field Operations'!H6","v":2.8422222877358494},{"$f":"+'Field Operations'!I6","v":1.9457547169811322},{"$f":"SUM(P33:S33)","v":13.844742344161943},"_________"]
[null,"Total Fixed Expenses",null,null,null,null,null,{"$f":"+SUM(H27:H33)","v":300.02272885843001},null,"_________",null,"Plant","Tractor, 215 hp","Planter","16-row",{"$f":"+'Field Operations'!F8","v":15.97084823338769},{"$f":"+'Field Operations'!G8","v":2.8769883177515254},{"$f":"+'Field Operations'!H8","v":2.3175043269230766},{"$f":"+'Field Operations'!I8","v":1.5865384615384615},22.751879339600755,"_________"]
[null,"Total Expenses",null,null,null,null,null,{"$f":"H23+H34","v":835.76380603388304},null,"_________",null,"Fertilize","Tractor, 215 hp","Fertilize Spreader",null,{"$f":"+'Field Operations'!F10","v":5.1030296919423872},{"$f":"+'Field Operations'!G10","v":1.5965293414642521},{"$f":"+'Field Operations'!H10","v":2.4593923469387757},{"$f":"+'Field Operations'!I10","v":1.6836734693877555},10.84262484973317,"_________"]
[null,"Return Above Specified Expenses",null,null,null,null,null,{"$f":"H7-H35","v":-30.763806033883156},null,"_________",null,"Fertilize","Tractor, 215 hp","Fertilize Spreader",null,{"$f":"+'Field Operations'!F10","v":5.1030296919423872},{"$f":"+'Field Operations'!G10","v":1.5965293414642521},{"$f":"+'Field Operations'!H10","v":2.4593923469387757},{"$f":"+'Field Operations'!I10","v":1.6836734693877555},{"$f":"SUM(P36:S36)","v":10.84262484973317},"_________"]
[null,null,null,null,null,null,"Cash Cost per Bushel",{"$f":"(SUM(H9:H22)+H30+H29)/F4","v":3.8442347267168744},null,"_________",null,"Fertilize","Tractor, 215 hp","Fertilize Spreader",null,{"$f":"'Field Operations'!F10","v":5.1030296919423872},{"$f":"'Field Operations'!G10","v":1.5965293414642521},{"$f":"'Field Operations'!H10","v":2.4593923469387757},{"$f":"'Field Operations'!I10","v":1.6836734693877555},{"$f":"SUM(P37:S37)","v":10.84262484973317},"_________"]
[null,null,null,null,null,null,"Economic Cost per Bushel",{"$f":"H35/F4","v":4.7757931773364746},null,"_________",null,"Weed Control","SP Boom Sprayer",null,"90'",{"$f":"P39","v":9.4809013205524924},{"$f":"Q39","v":0.29428773488580628},0.37194513888888892,0.31828703703703703,10.465421231364223,"_________"]
[null,null,null,null,null,null,null,null,null,null,null,"Weed Control","SP Boom Sprayer",null,"90'",{"$f":"+'Field Operations'!F11","v":9.4809013205524924},{"$f":"+'Field Operations'!G11","v":0.29428773488580628},{"$f":"+'Field Operations'!H11","v":0.37194513888888892},{"$f":"+'Field Operations'!I11","v":0.31828703703703703},{"$f":"SUM(P39:S39)","v":10.465421231364223},"_________"]
[null,"Breakeven Price for Selected Yield",null,null,null,"Breakeven Yield for Selected Price",null,null,null,null,null,"Weed Control","SP Boom Sprayer",null,"90'",{"$f":"+'Field Operations'!F11","v":9.4809013205524924},{"$f":"+'Field Operations'!G11","v":0.29428773488580628},{"$f":"+'Field Operations'!H11","v":0.37194513888888892},{"$f":"+'Field Operations'!I11","v":0.31828703703703703},{"$f":"SUM(P40:S40)","v":10.465421231364223},"_________"]
[null,"Yield","Variable Cost ","Total Specified Cost",null,"Price","Variable Cost ",null,"Total Specified Cost",null,null,"Harvest","Combine","Corn Head","8-row",{"$f":"+'Field Operations'!F12","v":37.725187286814645},{"$f":"+'Field Operations'!G12","v":35.050795185290561},{"$f":"+'Field Operations'!H12","v":8.6078732142857142},{"$f":"+'Field Operations'!I12","v":3.2738095238095242},{"$f":"SUM(P41:S41)","v":84.657665210200435},"_________"]
[null,"(bu)","($/bu)","($/bu)",null,"($/bu)","(bu)",null,"(bu)",null,null,"Haul","Tractor, 215 hp","Grain Cart",{"$f":"'Field Operations'!E14","v":"800 bu"},{"$f":"+'Field Operations'!F14","v":7.0217670022999314},{"$f":"+'Field Operations'!G14","v":0.8354368883597314},{"$f":"+'Field Operations'!H14","v":1.5063778125},{"$f":"+'Field Operations'!I14","v":1.03125},{"$f":"SUM(P42:S42)","v":10.394831703159662},"_________"]
[null,{"$f":"SUM(B44-10)","v":125},{"$f":"$H$23/B43","v":4.2859286174036244},{"$f":"($H$23+$H$34)/B43","v":6.686110448271064},null,{"$f":"SUM(F44-0.25)","v":3.3499999999999996},{"$f":"+$H$23/F43","v":159.92270960461286},null,{"$f":"+($H$23+$H$34)/F43","v":249.48173314444273},null,null,"Haul",{"$f":"'Field Operations'!C16","v":"Semi Tractor/Trailer"},null,null,{"$f":"'Field Operations'!F16","v":7.68},{"$f":"'Field Operations'!G16","v":1.25},{"$f":"'Field Operations'!H16","v":0.79},{"$f":"'Field Operations'!I16","v":1.76},{"$f":"SUM(P43:S43)","v":11.479999999999999},"_________"]
[null,{"$f":"SUM(B45-10)","v":135},3.9684524235218741,6.1908430076583931,null,{"$f":"SUM(F45-0.25)","v":3.5999999999999996},148.81696588207029,null,232.15661278718974,null,null,"Other",null,null,null,0,0,0,0,{"$f":"SUM(P44:S44)","v":0},"_________"]
[null,{"$f":"SUM(B46-10)","v":145},3.6947660494858829,5.7638883174750557,null,{"$f":"SUM(F46-0.25)","v":3.8499999999999996},139.15352653907871,null,217.08150806074886,null,null,"Total",null,null,null,{"$f":"SUM(P31:P44)","v":138.02272885843004},{"$f":"SUM(Q31:Q44)","v":51.472472038148496},{"$f":"SUM(R31:R44)","v":30.649656065314186},{"$f":"SUM(S31:S44)","v":19.77352302678074},{"$f":"SUM(T31:T44)","v":239.91837998867342},"_________"]
[null,{"$f":"SUM(B47-10)","v":155},3.4563940462932452,5.3920245550573096,null,{"$f":"SUM(F47-0.25)","v":4.0999999999999996},130.66855540864708,null,203.84483073997148]
[null,{"$f":"SUM(B48-10)","v":165},3.2469156192451698,5.0652351880841398,null,{"$f":"SUM(F48-0.25)","v":4.3499999999999996},123.15886831619611,null,192.12961058250187]
[null,{"$f":"+F4","v":175},3.0613775838597315,4.7757931773364746,null,{"$f":"+G4","v":4.5999999999999996},116.4654515598811,null,181.68778392040937]
[null,{"$f":"SUM(B48+10)","v":185},2.8958977144619085,4.5176421947777463,null,{"$f":"SUM(F48+0.25)","v":4.8499999999999996},110.46207776813465,null,172.32243423379032]
[null,{"$f":"SUM(B49+10)","v":195},2.7473901393612974,4.285968236071195,null,{"$f":"SUM(F49+0.25)","v":5.0999999999999996},105.04727003440256,null,163.87525608507511]
[null,{"$f":"SUM(B50+10)","v":205},2.6133711081729416,4.0768966147994297,null,{"$f":"SUM(F50+0.25)","v":5.35},100.13851909821553,null,156.21753383810898]
[null,{"$f":"SUM(B51+10)","v":215},2.4918189636067583,3.8872735164366654,null,{"$f":"SUM(F51+0.25)","v":5.6},95.668049495616614,null,149.24353679176483]
[null,{"$f":"SUM(B52+10)","v":225},2.3810714541131244,3.7145058045950359,null,{"$f":"SUM(F52+0.25)","v":5.85},91.57967131204326,null,142.86560786903985]

{"sheet":"Corn Irr","index":8,"n_rows":58,"n_cols":21,"rows_kept":58,"cut":false,"hidden":false,"merged":[[59,1,59,9],[60,1,60,9],[0,1,0,9],[2,4,2,9],[6,1,6,6],[38,1,38,6],[39,1,39,6],[26,1,26,6],[25,1,25,6],[27,4,27,9],[51,8,51,9],[50,8,50,9],[49,8,49,9],[57,8,57,9],[46,8,46,9],[54,8,54,9],[49,6,49,7],[50,6,50,7],[51,6,51,7],[52,6,52,7],[53,6,53,7],[57,6,57,7],[54,6,54,7],[55,6,55,7],[56,6,56,7],[52,8,52,9],[53,8,53,9],[55,8,55,9],[56,8,56,9],[40,1,40,6],[44,1,44,3],[44,5,44,9],[45,8,45,9],[45,6,45,7],[48,6,48,7],[48,8,48,9],[47,8,47,9],[46,6,46,7],[47,6,47,7]]}
[null,"2025 Corn, No-Till, Irrigated Budget",null,null,null,null,null,null,null,null,null,"Table 1. Fertilizer & Lime3"]
[null,null,null,null,"Unit ","Quantity ","Price","Total",null,"Your Farm",null,"Fertilizer ","Description","Quantity (lbs.)","Price ($)","Total ($/Acre)","Your Farm ($/Acre)"]
[null,"Revenue1",null,null,"Gross Revenue ($/Acre)",null,null,null,null,null,null,"Nitrogen","Urea - Planting",80,{"$f":"Inputs!C44","v":0.52},{"$f":"N3*O3","v":41.6},"_________"]
[null,null,"Corn",null,"Bu/acre",250,{"$f":"+Inputs!C3","v":4.5999999999999996},{"$f":"F4*G4","v":1150},null,"_________",null,null,"UAN 32 - Side dress",160,{"$f":"Inputs!C47","v":0.54},{"$f":"N4*O4","v":86.4},"_________"]
[null,null,"Government Payments",null,"$/acre",1,0,{"$f":"F5*G5","v":0},null,"_________",null,"Phosphorous","P2O5",90,{"$f":"Inputs!C48","v":0.66},{"$f":"+N5*O5","v":59.400000000000006},"_________"]
[null,null,"Other Revenue",null,"$/acre",1,0,0,null,"_________",null,"Potassium","K20",90,{"$f":"Inputs!C50","v":0.36},{"$f":"+N6*O6","v":32.4},"_________"]
[null,"Total Revenue",null,null,null,null,null,{"$f":"SUM(H4:H6)","v":1150},null,"_________",null,"Zinc Sulfate",null,15,{"$f":"Inputs!C54","v":1.67},{"$f":"+N7*O7","v":25.049999999999997},"_________"]
[null,"Variable Expenses",null,null,null,null,null,null,null,null,null,"Boron",null,1,{"$f":"Inputs!C52","v":0.7},{"$f":"+N8*O8","v":0.7},"_________"]
[null,null,"Seed2",null,"Thous.",36.5,{"$f":"+Inputs!C36","v":3.88},{"$f":"+F9*G9","v":141.62},null,"_________",null,"Lime",null,1000,{"$f":"Inputs!C51","v":30},{"$f":"N9/2000*O9","v":15},"_________"]
[null,null,"Fertilizer & Lime (Table 1)",null,"Acre",1,{"$f":"+P12","v":260.55},{"$f":"+F10*G10","v":260.55},null,"_________",null,"Other",null,0,0,{"$f":"N10*O10","v":0},"_________"]
[null,null,"Chemical (Table 2)",null,"Acre",1,{"$f":"S28","v":72.27000000000001},{"$f":"F11*G11","v":72.27000000000001},null,"_________",null,"Other",null,0,0,{"$f":"N11*O11","v":0},"_________"]
[null,null,"Crop Scout or Consultant",null,"Acre",1,{"$f":"+Inputs!C18","v":10},{"$f":"F12*G12","v":10},null,"_________",null,"Total",null,null,null,{"$f":"SUM(P3:P11)","v":260.55},"_________"]
[null,null,"Repair & Maintenance (Table 3)",null,"Acre",1,{"$f":"+Q44","v":46.476853765275685},{"$f":"+F13*G13","v":46.476853765275685},null,"_________"]
[null,null,"Fuel, Oil & Filter (Table 3)",null,"Acre",1,{"$f":"+R44","v":22.401750217161418},22.401750217161418,null,"_________",null,"Table 2. Chemicals4"]
[null,null,"Operator Labor (Table 3)",null,"Acre",1,{"$f":"+S44","v":14.675393870851945},14.675393870851945,null,"_________",null,"Chemical","Function","Description","Unit","Number of Apps.","Quantity","Price","Total ($/Acre)","Your Farm ($/Acre)"]
[null,null,"Crop Insurance6",null,"Acre",1,{"$f":"+Inputs!C24","v":16.66},16.66,null,"_________",null,"Herbicides","Burndown","Roundup PowerMax","oz.",1,32,{"$f":"+Herbicides!B92","v":0.4375},{"$f":"P16*Q16*R16","v":14},"_________"]
[null,null,"Machinery Rental ",null,"Acre",1,0,0,null,"_________",null,null,"Pre-Emerge","Atrazine ","qt.",1,1.5,{"$f":"Herbicides!B9","v":3.38},{"$f":"P17*Q17*R17","v":5.07},"_________"]
[null,null,"Custom Work",null,"Acre",1,0,0,null,"_________",null,null,null,"Other",null,0,0,0,{"$f":"P18*Q18*R18","v":0},"_________"]
[null,null,"Drying (Fuel/Electric)",null,"Bu",{"$f":"+F4","v":250},0,0,null,"_________",null,null,"Post-Emerge","Halex GT","pt.",1,3.6,{"$f":"Herbicides!B63","v":9.9499999999999993},35.82,"_________"]
[null,null,"Irrigation Energy Cost9",null,"Ac-in",9,{"$f":"+Inputs!C57","v":6.75},{"$f":"+F20*G20","v":60.75},null,"_________",null,null,null,"Atrazine","qt.",1,1,{"$f":"Herbicides!B9","v":3.38},3.38,"_________"]
[null,null,"Irrigation System R&M & Labor9",null,"Ac-in",9,{"$f":"+Inputs!C58","v":3},{"$f":"+F21*G21","v":27},null,"_________",null,null,null,"Other"," ",0,0,0,0,"_________"]
[null,null,"Other Irrigation Costs",null,"Acre",1,0,0,null,"_________",null,null,"Harvest Aid","Roundup PowerMax",null,1,32,{"$f":"Herbicides!B92","v":0.4375},14,"_________"]
[null,null,"Other",null,"Acre",1,0,{"$f":"F23*G23","v":0},null,"_________",null,null,null,"Other",null,0,0,0,0,"_________"]
[null,null,"Other",null,"Acre",1,0,{"$f":"F24*G24","v":0},null,"_________",null,"Insecticides",null,"Other",null,0,0,0,0,"_________"]
[null,null,"Operating Interest7",null,"%",{"$f":"SUM(H9:H24)","v":672.40399785328907},{"$f":"+Inputs!C14","v":0.08},{"$f":"(F25*G25)/2","v":26.896159914131562},null,"_________",null,null,null,"Other",null,0,0,0,0,"_________"]
[null,"Total Variable Expenses",null,null,null,null,null,{"$f":"SUM(H9:H25)","v":699.30015776742061},null,"_________",null,"Fungicides",null,"Other",null,0,0,0,0,"_________"]
[null,"Return Above Variable Expenses",null,null,null,null,null,{"$f":"H7-H26","v":450.69984223257939},null,"_________",null,null,null,"Other",null,0,0,0,{"$f":"P27*Q27*R27","v":0},"_________"]
[null,"Fixed Expenses",null,null,null,null,null,null,null,null,null,"Total",null,null,null,null,null,null,{"$f":"SUM(S16:S27)","v":72.27000000000001},"_________"]
[null,null,"Machinery"]
[null,null,"  Capital Recovery (Table 3)",null,"Acre",1,{"$f":"+P44","v":124.68341613519777},{"$f":"+F30*G30","v":124.68341613519777},null,"_________",null,"Table 3. Machinery5"]
[null,null,"  Other Fixed Machinery Costs",null,"Acre",1,{"$f":"+Inputs!C30","v":0},0,null,"_________",null,null,"Power Unit","Implement","Size","Capital Recovery","Repairs & Maintenance","Fuel, Oil & Filter","Labor","Total","Your Farm ($/Acre)"]
[null,null,"Capital Recovery (Irrigation Equipment)9",null,"Acre",1,{"$f":"+Inputs!C59","v":100},100,null,"_________",null,"Burndown","SP Boom Sprayer",null,"90'",{"$f":"+'Field Operations'!F11","v":9.4809013205524924},{"$f":"+'Field Operations'!G11","v":0.29428773488580628},{"$f":"+'Field Operations'!H11","v":0.37194513888888892},{"$f":"+'Field Operations'!I11","v":0.31828703703703703},{"$f":"SUM(P32:S32)","v":10.465421231364223},"_________"]
[null,null,"Other Fixed Irrigation Costs",null,"Acre",1,0,0,null,"_________",null,"Plant","Tractor, 215 hp","Planter","16-row",{"$f":"+'Field Operations'!F8","v":15.97084823338769},{"$f":"+'Field Operations'!G8","v":2.8769883177515254},{"$f":"+'Field Operations'!H8","v":2.3175043269230766},{"$f":"+'Field Operations'!I8","v":1.5865384615384615},22.751879339600755,"_________"]
[null,null,"General Overhead",null,"Acre",1,25,25,null,"_________",null,"Fertilize","Tractor, 215 hp","Fertilize Spreader",null,{"$f":"'Field Operations'!F10","v":5.1030296919423872},{"$f":"'Field Operations'!G10","v":1.5965293414642521},{"$f":"'Field Operations'!H10","v":2.4593923469387757},{"$f":"'Field Operations'!I10","v":1.6836734693877555},{"$f":"'Field Operations'!J10","v":10.84262484973317},"_________"]
[null,null,"Cash Rent8",null,"Acre",1,{"$f":"Inputs!C22","v":197},197,null,"_________",null,"Weed Control","SP Boom Sprayer",null,"90'",{"$f":"'Field Operations'!F11","v":9.4809013205524924},{"$f":"'Field Operations'!G11","v":0.29428773488580628},{"$f":"'Field Operations'!H11","v":0.37194513888888892},{"$f":"'Field Operations'!I11","v":0.31828703703703703},{"$f":"'Field Operations'!J11","v":10.465421231364223},"_________"]
[null,null,"Insurance (Non-Machinery)",null,"Acre",1,0,0,null,"_________",null,"Weed Control","SP Boom Sprayer",null,"90'",{"$f":"+'Field Operations'!F11","v":9.4809013205524924},{"$f":"+'Field Operations'!G11","v":0.29428773488580628},{"$f":"+'Field Operations'!H11","v":0.37194513888888892},{"$f":"+'Field Operations'!I11","v":0.31828703703703703},{"$f":"SUM(P36:S36)","v":10.465421231364223},"_________"]
[null,null,"Management Labor10",null,"Acre",1,{"$f":"Inputs!C33","v":25},{"$f":"+F37*G37*2","v":50},null,"_________",null,"Weed Control","SP Boom Sprayer",null,"90'",{"$f":"+'Field Operations'!F11","v":9.4809013205524924},{"$f":"+'Field Operations'!G11","v":0.29428773488580628},{"$f":"+'Field Operations'!H11","v":0.37194513888888892},{"$f":"+'Field Operations'!I11","v":0.31828703703703703},10.465421231364223,"_________"]
[null,null,"Other",null,"Acre",1,0,0,null,"_________",null,"Fertilize","Tractor, 215 hp","Fertilize Spreader",null,{"$f":"+'Field Operations'!F10","v":5.1030296919423872},{"$f":"+'Field Operations'!G10","v":1.5965293414642521},{"$f":"+'Field Operations'!H10","v":2.4593923469387757},{"$f":"+'Field Operations'!I10","v":1.6836734693877555},10.84262484973317,"_________"]
[null,"Total Fixed Expenses",null,null,null,null,null,{"$f":"+SUM(H30:H38)","v":496.68341613519777},null,"_________",null,"Fertilize","Tractor, 215 hp","Fertilize Spreader",null,{"$f":"+'Field Operations'!F10","v":5.1030296919423872},{"$f":"+'Field Operations'!G10","v":1.5965293414642521},{"$f":"+'Field Operations'!H10","v":2.4593923469387757},{"$f":"+'Field Operations'!I10","v":1.6836734693877555},10.84262484973317,"_________"]
[null,"Total Expenses",null,null,null,null,null,{"$f":"H26+H39","v":1195.9835739026184},null,"_________",null,"Harvest","Combine","Corn Head","8-row",{"$f":"+'Field Operations'!F12","v":37.725187286814645},{"$f":"+'Field Operations'!G12","v":35.050795185290561},{"$f":"+'Field Operations'!H12","v":8.6078732142857142},{"$f":"+'Field Operations'!I12","v":3.2738095238095242},84.657665210200435,"_________"]
[null,"Return Above Specified Expenses",null,null,null,null,null,{"$f":"H7-H40","v":-45.983573902618446},null,"_________",null,"Haul","Tractor, 215 hp","Grain Cart",{"$f":"'Field Operations'!E14","v":"800 bu"},{"$f":"+'Field Operations'!F14","v":7.0217670022999314},{"$f":"+'Field Operations'!G14","v":0.8354368883597314},{"$f":"+'Field Operations'!H14","v":1.5063778125},{"$f":"+'Field Operations'!I14","v":1.03125},10.394831703159662,"_________"]
[null,null,null,null,null,null,"Cash Cost per Bushel",{"$f":"(SUM(H9:H25)+G35+G34)/F4","v":3.6852006310696823},null,"_________",null,"Haul",{"$f":"'Field Operations'!C16","v":"Semi Tractor/Trailer"},null,null,{"$f":"'Field Operations'!F16*1.39751552795031","v":10.73291925465838},{"$f":"'Field Operations'!G16*1.39751552795031","v":1.7468944099378874},{"$f":"'Field Operations'!H16*1.39751552795031","v":1.104037267080745},{"$f":"'Field Operations'!I16*1.39751552795031","v":2.4596273291925455},{"$f":"SUM(P42:S42)","v":16.043478260869559},"_________"]
[null,null,null,null,null,null,"Economic Cost per Bushel",{"$f":"H40/F4","v":4.7839342956104733},null,"_________",null,"Other",null,null,null,0,0,0,0,{"$f":"SUM(P43:S43)","v":0},"_________"]
[null,null,null,null,null,null,null,null,null,null,null,"Total",null,null,null,{"$f":"SUM(P32:P43)","v":124.68341613519777},{"$f":"SUM(Q32:Q43)","v":46.476853765275685},{"$f":"SUM(R32:R43)","v":22.401750217161418},{"$f":"SUM(S32:S43)","v":14.675393870851945},{"$f":"SUM(T32:T43)","v":208.23741398848682},"_________"]
[null,"Breakeven Price for Selected Yield",null,null,null,"Breakeven Yield for Selected Price"]
[null,"Yield","Variable Cost ","Total Specified Cost",null,"Price","Variable Cost ",null,"Total Specified Cost"]
[null,"(bu)","($/bu)","($/bu)",null,"($/bu)","(bu)",null,"(bu)"]
[null,{"$f":"SUM(B49-10)","v":200},{"$f":"$H$26/B48","v":3.4965007888371029},{"$f":"($H$26+$H$39)/B48","v":5.9799178695130921},null,{"$f":"SUM(F49-0.25)","v":3.3499999999999996},{"$f":"+$H$26/F48","v":208.74631575146887},null,{"$f":"+($H$26+$H$39)/F48","v":357.01002206048315}]
[null,{"$f":"SUM(B50-10)","v":210},3.3300007512734315,5.6951598757267545,null,{"$f":"SUM(F50-0.25)","v":3.5999999999999996},194.25004382428352,null,332.21765941739403]
[null,{"$f":"SUM(B51-10)","v":220},3.1786370807610029,5.436288972284629,null,{"$f":"SUM(F51-0.25)","v":3.8499999999999996},181.63640461491445,null,310.64508413055029]
[null,{"$f":"SUM(B52-10)","v":230},3.0404354685540027,5.1999285821852972,null,{"$f":"SUM(F52-0.25)","v":4.0999999999999996},170.56101408961479,null,291.70331070795572]
[null,{"$f":"SUM(B53-10)","v":240},2.9137506573642526,4.9832648912609105,null,{"$f":"SUM(F53-0.25)","v":4.3499999999999996},160.75865695802773,null,274.9387526212916]
[null,{"$f":"+F4","v":250},2.7972006310696824,4.7839342956104733,null,{"$f":"+G4","v":4.5999999999999996},152.02177342770014,null,259.99642910926491]
[null,{"$f":"SUM(B53+10)","v":260},2.6896159914131563,4.5999368227023787,null,{"$f":"SUM(F53+0.25)","v":4.8499999999999996},144.18559953967437,null,246.59455132012752]
[null,{"$f":"SUM(B54+10)","v":270},2.5900005843237799,4.4295687922319198,null,{"$f":"SUM(F54+0.25)","v":5.0999999999999996},137.11767799361189,null,234.50658311816051]
[null,{"$f":"SUM(B55+10)","v":280},2.4975005634550738,4.2713699067950657,null,{"$f":"SUM(F55+0.25)","v":5.35},130.71030986306928,null,223.54833157058289]
[null,{"$f":"SUM(B56+10)","v":290},2.4113798543704159,4.1240812893193741,null,{"$f":"SUM(F56+0.25)","v":5.6},124.87502817275369,null,213.5684953397533]
[null,{"$f":"SUM(B57+10)","v":300},2.3310005258914019,3.9866119130087281,null,{"$f":"SUM(F57+0.25)","v":5.85},119.5384885072514,null,204.44163656455018]

{"sheet":"Soybeans NT Non-Irr","index":9,"n_rows":50,"n_cols":21,"rows_kept":50,"cut":false,"hidden":false,"merged":[[49,8,49,9],[49,6,49,7],[41,6,41,7],[48,6,48,7],[48,8,48,9],[45,6,45,7],[47,6,47,7],[47,8,47,9],[44,6,44,7],[41,8,41,9],[44,8,44,9],[42,6,42,7],[42,8,42,9],[43,6,43,7],[43,8,43,9],[45,8,45,9],[46,6,46,7],[46,8,46,9],[0,1,0,9],[2,4,2,9],[22,1,22,6],[23,1,23,6],[6,1,6,6],[24,4,24,9],[39,1,39,3],[39,5,39,9],[40,6,40,7],[35,1,35,6],[40,8,40,9],[25,19,25,20],[21,19,21,20],[34,4,34,6],[12,19,12,20],[13,19,13,20],[14,19,14,20],[15,19,15,20],[19,19,19,20],[16,19,16,20],[17,19,17,20],[18,19,18,20],[22,19,22,20],[23,19,23,20],[33,1,33,6],[20,19,20,20],[24,19,24,20]]}
[null,"2025 Soybean, No-Till, Non-Irrigated Budget",null,null,null,null,null,null,null,null,null,"Table 1. Fertilizer & Lime3"]
[null,null,null,null,"Unit ","Quantity ","Price","Total",null,"Your Farm",null,"Fertilizer ","Description","Quantity (lbs.)","Price ($)","Total ($/Acre)","Your Farm ($/Acre)"]
[null,"Revenue1",null,null,"Gross Revenue ($/Acre)",null,null,null,null,null,null,"Nitrogen",null,0,{"$f":"Inputs!C44","v":0.52},{"$f":"+N3*O3","v":0},"_________"]
[null,null,"Soybeans ",null,"Bu/acre",50,{"$f":"+Inputs!C4","v":10.4},{"$f":"F4*G4","v":520},null,"_________",null,"Phosphorous","P2O5",30,{"$f":"Inputs!C48","v":0.66},{"$f":"N4*O4","v":19.8},"_________"]
[null,null,"Government Payments",null,"$/acre",1,0,{"$f":"F5*G5","v":0},null,"_________",null,"Potassium","K20",60,{"$f":"Inputs!C50","v":0.36},{"$f":"N5*O5","v":21.599999999999998},"_________"]
[null,null,"Other Revenue",null,"$/acre",1,0,0,null,"_________",null,"Lime ",null,1000,{"$f":"+Inputs!C51","v":30},{"$f":"N6/2000*O6","v":15},"_________"]
[null,"Total Revenue",null,null,null,null,null,{"$f":"SUM(H4:H6)","v":520},null,"_________",null,"Boron",null,1,{"$f":"Inputs!C52","v":0.7},{"$f":"N7*O7","v":0.7},"_________"]
[null,"Variable Expenses",null,null,null,null,null,null,null,null,null,"Other",null,0,0,{"$f":"N8*O8","v":0},"_________"]
[null,null,"Seed2",null,"Thous.",140,{"$f":"+Inputs!C37","v":0.46},{"$f":"+F9*G9","v":64.400000000000006},null,"_________",null,"Other",null,0,0,{"$f":"+N9*O9","v":0},"_________"]
[null,null,"Fertilizer & Lime (Table 1)",null,"Acre",1,{"$f":"+P10","v":57.1},{"$f":"+F10*G10","v":57.1},null,"_________",null,"Total",null,null,null,{"$f":"SUM(P3:P9)","v":57.1},"_________"]
[null,null,"Chemical (Table 2)",null,"Acre",1,{"$f":"S26","v":104.71250000000001},{"$f":"F11*G11","v":104.71250000000001},null,"_________"]
[null,null,"Crop Scout or Consultant",null,"Acre",1,{"$f":"+Inputs!C18","v":10},{"$f":"F12*G12","v":10},null,"_________",null,"Table 2. Chemicals4"]
[null,null,"Repair & Maintenance (Table 3)",null,"Acre",1,{"$f":"+Q43","v":33.125896537652508},{"$f":"+F13*G13","v":33.125896537652508},null,"_________",null,"Chemical","Function","Description","Unit","Number of Apps.","Quantity","Price","Total ($/Acre)","Your Farm ($/Acre)"]
[null,null,"Fuel, Oil & Filter (Table 3)",null,"Acre",1,{"$f":"+R43","v":14.848905091520583},14.848905091520583,null,"_________",null,"Herbicides","Burndown","Roundup PowerMax","oz.",1,35,{"$f":"+Herbicides!B92","v":0.4375},{"$f":"P14*Q14*R14","v":15.3125},"_________"]
[null,null,"Operator Labor (Table 3)",null,"Acre",1,{"$f":"+S43","v":8.8982542589685458},8.8982542589685458,null,"_________",null,null,"Pre-Emerge","Sequence","pt.",1,3,{"$f":"Herbicides!B95","v":8.5},{"$f":"P15*Q15*R15","v":25.5},"_________"]
[null,null,"Crop Insurance6",null,"Acre",1,{"$f":"+Inputs!C25","v":10.02},{"$f":"+F16*G16","v":10.02},null,"_________",null,null,null,"Other",null,0,0,0,{"$f":"P16*Q16*R16","v":0},"_________"]
[null,null,"Machinery Rental ",null,"Acre",0,0,{"$f":"+F17*G17","v":0},null,"_________",null,null,"Post-Emerge","Roundup PowerMax","oz.",1,32,{"$f":"Herbicides!B43","v":0.6640625},21.25,"_________"]
[null,null,"Custom Work",null,"Acre",0,0,{"$f":"+F18*G18","v":0},null,"_________",null,null,null,"Flexstar ","pt.",1,1,{"$f":"Herbicides!B50","v":7.65},7.65,"_________"]
[null,null,"Drying (Fuel/Electric)",null,"Bu",{"$f":"+F4","v":50},0,{"$f":"+F19*G19","v":0},null,"_________",null,null,null,"Other",null,0,0,0,0,"_________"]
[null,null,"Other",null,"Acre",1,0,{"$f":"F20*G20","v":0},null,"_________",null,null,null,"Other",null,0,0,0,0,"_________"]
[null,null,"Other",null,"Acre",1,0,{"$f":"F21*G21","v":0},null,"_________",null,"Insecticides",null,"Foliar","acre",1,1,{"$f":"Insecticides!B2","v":20},20,"_________"]
[null,null,"Operating Interest7",null,"%",{"$f":"SUM(H9:H21)","v":303.10555588814162},{"$f":"+Inputs!C14","v":0.08},{"$f":"(F22*G22)/2","v":12.124222235525664},null,"_________",null,"Fungicides",null,"Foliar","acre",1,1,{"$f":"Fungicides!B2","v":15},15,"_________"]
[null,"Total Variable Expenses",null,null,null,null,null,{"$f":"SUM(H9:H22)","v":315.2297781236673},null,"_________",null,null,null,"Other",null,0,0,0,0,"_________"]
[null,"Return Above Variable Expenses",null,null,null,null,null,{"$f":"H7-H23","v":204.7702218763327},null,"_________",null,null,null,"Other"," ",0,0,0,0,"_________"]
[null,"Fixed Expenses",null,null,null,null,null,null,null,null,null,null,null,"Other",null,0,0,0,{"$f":"P25*Q25*R25","v":0},"_________"]
[null,null,"Machinery",null,null,null,null,null,null,"_________",null,"Total",null,null,null,null,null,null,{"$f":"SUM(S14:S25)","v":104.71250000000001},"_________"]
[null,null,"  Capital Recovery (Table 3)",null,"Acre",1,{"$f":"+P43","v":109.40709328086086},{"$f":"+F27*G27","v":109.40709328086086},null,"_________"]
[null,null,"  Other Fixed Machinery Costs",null,"Acre",1,0,{"$f":"F28*G28","v":0},null,"_________",null,"Table 3. Machinery5"]
[null,null,"General Overhead",null,"Acre",1,20,{"$f":"F29*G29","v":20},null,"_________",null,null,"Power Unit","Implement","Size","Capital Recovery","Repairs & Maintenance","Fuel, Oil & Filter","Labor","Total","Your Farm ($/Acre)"]
[null,null,"Cash Rent8",null,"Acre",1,{"$f":"+Inputs!C23","v":117},{"$f":"F30*G30","v":117},null,"_________",null,"Burndown","SP Boom Sprayer",null,"90'",{"$f":"+'Field Operations'!F11","v":9.4809013205524924},{"$f":"+'Field Operations'!G11","v":0.29428773488580628},{"$f":"+'Field Operations'!H11","v":0.37194513888888892},{"$f":"+'Field Operations'!I11","v":0.31828703703703703},{"$f":"SUM(P30:S30)","v":10.465421231364223},"_________"]
[null,null,"Insurance (Non-Machinery)",null,"Acre",1,0,{"$f":"+F31*G31","v":0},null,"_________",null,"Fertilize","Tractor, 215 hp","Fertilize Spreader",null,{"$f":"+'Field Operations'!F10","v":5.1030296919423872},{"$f":"+'Field Operations'!G10","v":1.5965293414642521},{"$f":"+'Field Operations'!H10","v":2.4593923469387757},{"$f":"+'Field Operations'!I10","v":1.6836734693877555},{"$f":"SUM(P31:S31)","v":10.84262484973317},"_________"]
[null,null,"Management Labor10",null,"Acre",1,{"$f":"Inputs!C33","v":25},{"$f":"+F32*G32","v":25},null,"_________",null,"Plant","Tractor, 215 hp","Planter","16-row",{"$f":"+'Field Operations'!F8","v":15.97084823338769},{"$f":"+'Field Operations'!G8","v":2.8769883177515254},{"$f":"+'Field Operations'!H8","v":2.3175043269230766},{"$f":"+'Field Operations'!I8","v":1.5865384615384615},{"$f":"SUM(P32:S32)","v":22.751879339600755},"_________"]
[null,null,"Other",null,"Acre",1,0,{"$f":"+F33*G33","v":0},null,"_________",null,"Pre-Emerge","SP Boom Sprayer",null,"90'",{"$f":"+'Field Operations'!F11","v":9.4809013205524924},{"$f":"+'Field Operations'!G11","v":0.29428773488580628},{"$f":"+'Field Operations'!H11","v":0.37194513888888892},{"$f":"+'Field Operations'!I11","v":0.31828703703703703},10.465421231364223,"_________"]
[null,"Total Fixed Expenses",null,null,null,null,null,{"$f":"+SUM(H26:H33)","v":271.40709328086086},null,"_________",null,"Post-Emerge","SP Boom Sprayer",null,"90'",{"$f":"+'Field Operations'!F11","v":9.4809013205524924},{"$f":"+'Field Operations'!G11","v":0.29428773488580628},{"$f":"+'Field Operations'!H11","v":0.37194513888888892},{"$f":"+'Field Operations'!I11","v":0.31828703703703703},10.465421231364223,"_________"]
[null,null,null,null,"Total Expenses",null,null,{"$f":"SUM(H23+H34)","v":586.63687140452816},null,"_________",null,"Post-Emerge","SP Boom Sprayer",null,"90'",{"$f":"+'Field Operations'!F11","v":9.4809013205524924},{"$f":"+'Field Operations'!G11","v":0.29428773488580628},{"$f":"+'Field Operations'!H11","v":0.37194513888888892},{"$f":"+'Field Operations'!I11","v":0.31828703703703703},10.465421231364223,"_________"]
[null,"Return Above Specified Expenses",null,null,null,null,null,{"$f":"H7-H35","v":-66.636871404528165},null,"_________",null,"Fungicide ","SP Boom Sprayer",null,"90'",{"$f":"+'Field Operations'!F11","v":9.4809013205524924},{"$f":"+'Field Operations'!G11","v":0.29428773488580628},{"$f":"+'Field Operations'!H11","v":0.37194513888888892},{"$f":"+'Field Operations'!I11","v":0.31828703703703703},10.465421231364223,"_________"]
[null,null,null,null,null,null,"Cash Cost per Bushel",{"$f":"(SUM(H9:H22)+H29+H30)/F4","v":9.0445955624733454},null,"_________",null,"Harvest","Combine","Grain Head","30'",{"$f":"+'Field Operations'!F13","v":27.996941750468398},{"$f":"+'Field Operations'!G13","v":26.02550331564797},{"$f":"+'Field Operations'!H13","v":6.4559049107142847},{"$f":"+'Field Operations'!I13","v":2.4553571428571428},{"$f":"SUM(P37:S37)","v":62.933707119687803},"_________"]
[null,null,null,null,null,null,"Economic Cost per Bushel",{"$f":"H35/F4","v":11.732737428090564},null,"_________",null,"Haul","Tractor, 215 hp","Grain Cart",{"$f":"+'Field Operations'!E14","v":"800 bu"},{"$f":"+'Field Operations'!F14","v":7.0217670022999314},{"$f":"+'Field Operations'!G14","v":0.8354368883597314},{"$f":"+'Field Operations'!H14","v":1.5063778125},{"$f":"+'Field Operations'!I14","v":1.03125},10.394831703159662,"_________"]
[null,null,null,null,null,null,null,null,null,null,null,"Haul","Semi Tractor/Trailer",null,null,{"$f":"'Field Operations'!F15","v":5.91},{"$f":"'Field Operations'!G15","v":0.32},{"$f":"'Field Operations'!H15","v":0.25},{"$f":"'Field Operations'!I15","v":0.55000000000000004},7.03,"_________"]
[null,"Breakeven Price for Selected Yield",null,null,null,"Breakeven  Yield for Selected Price",null,null,null,null,null,"Other",null,null,null,0,0,0,0,0,"_________"]
[null,"Yield (bu)","Variable Cost ($/bu)","Total Specified Cost ($/bu)",null,"Price ($/bu)","Variable Cost (bu)",null,"Total Specified Cost (bu)",null,null,"Other",null,null,null,0,0,0,0,0,"_________"]
[null,{"$f":"SUM(B43-5)","v":30},{"$f":"$H$23/B42","v":10.50765927078891},{"$f":"($H$23+$H$34)/B42","v":19.554562380150937},null,{"$f":"SUM(F43-0.5)","v":8.4},{"$f":"+$H$23/F42","v":37.527354538531817},null,{"$f":"+($H$23+$H$34)/F42","v":69.837722786253352},null,null,"Other",null,null,null,0,0,0,0,0,"_________"]
[null,35,9.006565089247637,16.761053468700805,null,8.9,{"$f":"+$H$23/F43","v":35.419076193670485},null,65.914255213991922,null,null,"Total",null,null,null,{"$f":"SUM(P30:P42)","v":109.40709328086086},{"$f":"SUM(Q30:Q42)","v":33.125896537652508},{"$f":"SUM(R30:R42)","v":14.848905091520583},{"$f":"SUM(S30:S42)","v":8.8982542589685458},{"$f":"SUM(T30:T42)","v":166.2801491690025},"_________"]
[null,40,7.8807444530916824,14.665921785113204,null,9.4,33.535082779113544,null,62.408177808992356]
[null,{"$f":"SUM(B46-5)","v":45},7.0051061805259405,13.036374920100625,null,{"$f":"SUM(F46-0.5)","v":9.9},31.841391729663364,null,59.256249636821025]
[null,{"$f":"+F4","v":50},6.3045955624733461,11.732737428090564,null,{"$f":"+G4","v":10.4},30.310555588814161,null,56.407391481204627]
[null,{"$f":"SUM(B46+5)","v":55},5.7314505113394052,10.666124934627785,null,{"$f":"SUM(F46+0.5)","v":10.9},28.920163130611677,null,53.819896459131023]
[null,{"$f":"SUM(B47+5)","v":60},5.2538296353944549,9.7772811900754686,null,{"$f":"SUM(F47+0.5)","v":11.4},27.651734923128711,null,51.459374684607731]
[null,65,4.8496888942102663,9.0251826369927404,null,11.9,26.48989732131658,null,49.297216084414131]
[null,70,4.5032825446238185,8.3805267343504024,null,12.4,25.421756300295751,null,47.309425113268397]

{"sheet":"Soybeans Irr","index":10,"n_rows":55,"n_cols":21,"rows_kept":55,"cut":false,"hidden":false,"merged":[[50,8,50,9],[51,8,51,9],[52,8,52,9],[50,6,50,7],[51,6,51,7],[12,19,12,20],[0,1,0,9],[2,4,2,9],[6,1,6,6],[49,6,49,7],[46,6,46,7],[26,1,26,6],[49,8,49,9],[48,8,48,9],[47,8,47,9],[13,19,13,20],[47,6,47,7],[48,6,48,7],[38,1,38,6],[40,1,40,6],[45,8,45,9],[54,8,54,9],[53,6,53,7],[53,8,53,9],[52,6,52,7],[54,6,54,7],[44,1,44,3],[44,5,44,9],[45,6,45,7],[25,2,25,6],[24,19,24,20],[46,8,46,9],[26,19,26,20],[20,19,20,20],[25,19,25,20],[15,19,15,20],[21,19,21,20],[22,19,22,20],[23,19,23,20],[27,19,27,20],[14,19,14,20],[16,19,16,20],[17,19,17,20],[18,19,18,20],[19,19,19,20]]}
[null,"2025 Soybean, No-Till, Irrigated Budget",null,null,null,null,null,null,null,null,null,"Table 1. Fertilizer & Lime3"]
[null,null,null,null,"Unit ","Quantity ","Price","Total",null,"Your Farm",null,"Fertilizer ","Description","Quantity (lbs.)","Price ($)","Total ($/Acre)","Your Farm ($/Acre)"]
[null,"Revenue1",null,null,"Gross Revenue ($/Acre)",null,null,null,null,null,null,"Nitrogen","Urea",0,{"$f":"+Inputs!C44","v":0.52},{"$f":"+N3*O3","v":0},"_________"]
[null,null,"Soybeans ",null,"Bu/acre",65,{"$f":"+Inputs!C4","v":10.4},{"$f":"F4*G4","v":676},null,"_________",null,"Phosphorous","P2O5",40,{"$f":"Inputs!C48","v":0.66},{"$f":"+N4*O4","v":26.400000000000002},"_________"]
[null,null,"Government Payments",null,"$/acre",1,0,{"$f":"F5*G5","v":0},null,"_________",null,"Potassium","K20",80,{"$f":"+Inputs!C50","v":0.36},{"$f":"+N5*O5","v":28.799999999999997},"_________"]
[null,null,"Other Revenue",null,"$/acre",1,0,0,null,"_________",null,"Lime","Limestone",1000,{"$f":"+Inputs!C51","v":30},{"$f":"+N6/2000*O6","v":15},"_________"]
[null,"Total Revenue",null,null,null,null,null,{"$f":"SUM(H4:H6)","v":676},null,"_________",null,"Boron",null,1,{"$f":"Inputs!C52","v":0.7},0.7,"_________"]
[null,"Variable Expenses",null,null,null,null,null,null,null,null,null,"Other",null,0,0,0,"_________"]
[null,null,"Seed2 ",null,"Thous.",150,{"$f":"+Inputs!C37","v":0.46},{"$f":"+F9*G9","v":69},null,"_________",null,"Other",null,0,0,0,"_________"]
[null,null,"Fertilizer & Lime (Table 1)",null,"Acre",1,{"$f":"+P10","v":70.900000000000006},{"$f":"+F10*G10","v":70.900000000000006},null,"_________",null,"Total",null,null,null,{"$f":"SUM(P3:P9)","v":70.900000000000006},"_________"]
[null,null,"Chemical (Table 2)",null,"Acre",1,{"$f":"S28","v":104.71250000000001},{"$f":"F11*G11","v":104.71250000000001},null,"_________"]
[null,null,"Crop Scout or Consultant",null,"Acre",1,{"$f":"+Inputs!C18","v":10},{"$f":"F12*G12","v":10},null,"_________",null,"Table 2. Chemicals4"]
[null,null,"Repair & Maintenance (Table 3)",null,"Acre",1,{"$f":"+Q45","v":33.258070450695989},{"$f":"+F13*G13","v":33.258070450695989},null,"_________",null,"Chemical","Function","Description","Unit","Number of Apps.","Quantity","Price","Total ($/Acre)","Your Farm ($/Acre)"]
[null,null,"Fuel, Oil & Filter (Table 3)",null,"Acre",1,{"$f":"+R45","v":14.9521659610858},14.9521659610858,null,"_________",null,"Herbicides","Burndown","Roundup PowerMax","oz.",1,35,{"$f":"Herbicides!B92","v":0.4375},{"$f":"P14*Q14*R14","v":15.3125},"_________"]
[null,null,"Operator Labor (Table 3)",null,"Acre",1,{"$f":"+S45","v":9.1254281720120236},9.1254281720120236,null,"_________",null,null,"Pre-Emerge","Sequence","pt.",1,3,{"$f":"Herbicides!B95","v":8.5},{"$f":"P15*Q15*R15","v":25.5},"_________"]
[null,null,"Crop Insurance6",null,"Acre",1,{"$f":"+Inputs!C25","v":10.02},{"$f":"+F16*G16","v":10.02},null,"_________",null,null,null,"Other","qt.",0,0,0,{"$f":"P16*Q16*R16","v":0},"_________"]
[null,null,"Machinery Rental ",null,"Acre",0,0,0,null,"_________",null,null,"Post-Emerge","Roundup PowerMax","oz.",1,32,{"$f":"Herbicides!B43","v":0.6640625},{"$f":"P17*Q17*R17","v":21.25},"_________"]
[null,null,"Custom Work",null,"Acre",0,0,0,null,"_________",null,null,null,"Flexstar ","pt.",1,1,{"$f":"Herbicides!B50","v":7.65},{"$f":"P18*Q18*R18","v":7.65},"_________"]
[null,null,"Drying (Fuel/Electric)",null,"Bu",{"$f":"+F4","v":65},0,0,null,"_________",null,null,null,"Other",null,0,0,0,{"$f":"P19*Q19*R19","v":0},"_________"]
[null,null,"Irrigation Energy Cost9",null,"Ac-In",4.5,{"$f":"+Inputs!C57","v":6.75},30.375,null,"_________",null,null,null,"Other",null,0,0,0,{"$f":"P20*Q20*R20","v":0},"_________"]
[null,null,"Irrigation System R&M & Labor9",null,"Ac-In",{"$f":"F20","v":4.5},{"$f":"+Inputs!C58","v":3},13.5,null,"_________",null,"Insecticides",null,"Foliar","acre",1,1,{"$f":"Insecticides!B2","v":20},{"$f":"P21*Q21*R21","v":20},"_________"]
[null,null,"Other Irrigation Costs",null,"Acre",1,0,0,null,"_________",null,"Fungicides",null,"Foliar","acre",1,1,{"$f":"Fungicides!B2","v":15},{"$f":"+P22*Q22*R22","v":15},"_________"]
[null,null,"Other",null,"Acre",1,0,{"$f":"F23*G23","v":0},null,"_________",null,null,null,"Other",null,0,0,0,{"$f":"P23*Q23*R23","v":0},"_________"]
[null,null,"Other",null,"Acre",1,0,{"$f":"F24*G24","v":0},null,"_________",null,null,null,"Other",null,0,0,0,0,"_________"]
[null,null,"Operating Interest7",null,"%",{"$f":"SUM(H9:H24)","v":365.84316458379385},{"$f":"+Inputs!C14","v":0.08},{"$f":"(F25*G25)/2","v":14.633726583351754},null,"_________",null,null,null,"Other",null,0,0,0,{"$f":"P25*Q25*R25","v":0},"_________"]
[null,null,"Total Variable Expenses",null,null,null,null,{"$f":"SUM(H9:H25)","v":380.4768911671456},null,"_________",null,null,null,"Other",null,0,0,0,{"$f":"P26*Q26*R26","v":0},"_________"]
[null,"Return Above Variable Expenses",null,null,null,null,null,{"$f":"H7-H26","v":295.5231088328544},null,"_________",null,null,null,"Other",null,0,0,0,0,"_________"]
[null,"Fixed Expenses",null,null,null,null,null,null,null,null,null,"Total",null,null,null,null,null,null,{"$f":"SUM(S14:S27)","v":104.71250000000001},"_________"]
[null,null,"Machinery"]
[null,null,"  Capital Recovery (Table 3)",null,"Acre",1,{"$f":"+P45","v":111.84818023738261},{"$f":"+F30*G30","v":111.84818023738261},null,"_________",null,"Table 3. Machinery5"]
[null,null,"  Other Fixed Machinery Costs",null,"Acre",1,0,0,null,"_________",null,null,"Power Unit","Implement","Size","Capital Recovery","Repairs & Maintenance","Fuel, Oil & Filter","Labor","Total","Your Farm ($/Acre)"]
[null,null,"Capital Recovery (Irrigation Equipment)9",null,"Acre",1,{"$f":"+Inputs!C59","v":100},{"$f":"+F32*G32","v":100},null,"_________",null,"Burndown","SP Boom Sprayer",null,"90'",{"$f":"+'Field Operations'!F11","v":9.4809013205524924},{"$f":"+'Field Operations'!G11","v":0.29428773488580628},{"$f":"+'Field Operations'!H11","v":0.37194513888888892},{"$f":"+'Field Operations'!I11","v":0.31828703703703703},{"$f":"SUM(P32:S32)","v":10.465421231364223},"_________"]
[null,null,"Other Irrigation Costs",null,"Acre",1,0,0,null,"_________",null,"Fertilize","Tractor, 215 hp","Fertilize Spreader",null,{"$f":"+'Field Operations'!F10","v":5.1030296919423872},{"$f":"+'Field Operations'!G10","v":1.5965293414642521},{"$f":"+'Field Operations'!H10","v":2.4593923469387757},{"$f":"+'Field Operations'!I10","v":1.6836734693877555},{"$f":"SUM(P33:S33)","v":10.84262484973317},"_________"]
[null,null,"General Overhead",null,"Acre",1,20,20,null,"_________",null,"Plant","Tractor, 215 hp","Planter","16-row",{"$f":"+'Field Operations'!F8","v":15.97084823338769},{"$f":"+'Field Operations'!G8","v":2.8769883177515254},{"$f":"+'Field Operations'!H8","v":2.3175043269230766},{"$f":"+'Field Operations'!I8","v":1.5865384615384615},{"$f":"SUM(P34:S34)","v":22.751879339600755},"_________"]
[null,null,"Cash Rent8",null,"Acre",1,{"$f":"Inputs!C22","v":197},197,null,"_________",null,"Pre-Emerge","SP Boom Sprayer",null,"90'",{"$f":"+'Field Operations'!F11","v":9.4809013205524924},{"$f":"+'Field Operations'!G11","v":0.29428773488580628},{"$f":"+'Field Operations'!H11","v":0.37194513888888892},{"$f":"+'Field Operations'!I11","v":0.31828703703703703},10.465421231364223,"_________"]
[null,null,"Insurance (Non-Machinery)",null,"Acre",1,{"$f":"+Inputs!C32","v":0},0,null,"_________",null,"Post-Emerge","SP Boom Sprayer",null,"90'",{"$f":"+'Field Operations'!F11","v":9.4809013205524924},{"$f":"+'Field Operations'!G11","v":0.29428773488580628},{"$f":"+'Field Operations'!H11","v":0.37194513888888892},{"$f":"+'Field Operations'!I11","v":0.31828703703703703},{"$f":"SUM(P36:S36)","v":10.465421231364223},"_________"]
[null,null,"Management Labor10",null,"Acre",1,{"$f":"Inputs!C33","v":25},{"$f":"+F37*G37*2","v":50},null,"_________",null,"Post-Emerge","SP Boom Sprayer",null,"90'",{"$f":"+'Field Operations'!F11","v":9.4809013205524924},{"$f":"+'Field Operations'!G11","v":0.29428773488580628},{"$f":"+'Field Operations'!H11","v":0.37194513888888892},{"$f":"+'Field Operations'!I11","v":0.31828703703703703},10.465421231364223,"_________"]
[null,null,"Other",null,"Acre",1,0,0,null,"_________",null,"Fungicide ","SP Boom Sprayer",null,"90'",{"$f":"+'Field Operations'!F11","v":9.4809013205524924},{"$f":"+'Field Operations'!G11","v":0.29428773488580628},{"$f":"+'Field Operations'!H11","v":0.37194513888888892},{"$f":"+'Field Operations'!I11","v":0.31828703703703703},10.465421231364223,"_________"]
[null,"Total Fixed Expenses",null,null,null,null,null,{"$f":"+SUM(H29:H38)","v":478.84818023738262},null,"_________",null,"Harvest","Combine","Grain Head","30'",{"$f":"+'Field Operations'!F13","v":27.996941750468398},{"$f":"+'Field Operations'!G13","v":26.02550331564797},{"$f":"+'Field Operations'!H13","v":6.4559049107142847},{"$f":"+'Field Operations'!I13","v":2.4553571428571428},62.933707119687803,"_________"]
[null,null,null,null,null,null,"Total Expenses",{"$f":"SUM(H26+H39)","v":859.32507140452822},null,"_________"]
[null,"Return Above Specified Expenses",null,null,null,null,null,{"$f":"H7-H40","v":-183.32507140452822},null,"_________",null,"Haul","Tractor, 215 hp","Grain Cart",{"$f":"+'Field Operations'!E14","v":"800 bu"},{"$f":"+'Field Operations'!F14","v":7.0217670022999314},{"$f":"+'Field Operations'!G14","v":0.8354368883597314},{"$f":"+'Field Operations'!H14","v":1.5063778125},{"$f":"+'Field Operations'!I14","v":1.03125},10.394831703159662,"_________"]
[null,null,null,null,null,null,"Cash Cost per Bushel",{"$f":"(SUM(H9:H25)+H34+H35)/F4","v":9.1919521718022406},null,"_________",null,"Haul",{"$f":"'Field Operations'!C15","v":"Semi Tractor/Trailer"},null,null,{"$f":"+'Field Operations'!F15*1.41304347826087","v":8.3510869565217423},{"$f":"+'Field Operations'!G15*1.41304347826087","v":0.45217391304347843},{"$f":"+'Field Operations'!H15*1.41304347826087","v":0.35326086956521752},{"$f":"+'Field Operations'!I15*1.41304347826087","v":0.7771739130434786},{"$f":"SUM(P42:S42)","v":9.9336956521739168},"_________"]
[null,null,null,null,null,null,"Economic Cost per Bushel",{"$f":"H40/F4","v":13.220385713915819},null,"_________",null,"Other",null,null,null,0,0,0,0,{"$f":"SUM(P43:S43)","v":0},"_________"]
[null,null,null,null,null,null,null,null,null,null,null,"Other",null,null,null,0,0,0,0,{"$f":"SUM(P44:S44)","v":0},"_________"]
[null,"Breakeven Price for Selected Yield",null,null,null,"Breakeven Yield for Selected Price",null,null,null,null,null,"Total",null,null,null,{"$f":"SUM(P32:P44)","v":111.84818023738261},{"$f":"SUM(Q32:Q44)","v":33.258070450695989},{"$f":"SUM(R32:R44)","v":14.9521659610858},{"$f":"SUM(S32:S44)","v":9.1254281720120236},{"$f":"SUM(T32:T44)","v":169.18384482117642},"_________"]
[null,"Yield (bu)","Variable Cost ($/bu)","Total Specified Cost ($/bu)",null,"Price ($/bu)","Variable Cost (bu)",null,"Total Specified Cost (bu)"]
[null,{"$f":"SUM(B48-5)","v":45},{"$f":"$H$26/B47","v":8.4550420259365691},{"$f":"($H$26+$H$39)/B47","v":19.096112697878404},null,{"$f":"SUM(F48-0.5)","v":8.4},{"$f":"+$H$26/F47","v":45.294867996088762},null,{"$f":"+($H$26+$H$39)/F47","v":102.30060373863431}]
[null,50,7.6095378233429116,17.186501428090565,null,8.9,42.750212490690515,null,96.553378809497545]
[null,55,6.9177616575844656,15.624092207355059,null,9.4,40.476265017781444,null,91.417560787715757]
[null,{"$f":"SUM(B51-5)","v":60},6.3412815194524264,14.322084523408803,null,{"$f":"SUM(F51-0.5)","v":9.9},38.432009208802583,null,86.800512263083661]
[null,{"$f":"+F4","v":65},5.8534906333407015,13.220385713915819,null,{"$f":"+G4","v":10.4},36.584316458379384,null,82.627410711973866]
[null,{"$f":"SUM(B51+5)","v":70},5.4353841595306518,12.276072448636118,null,{"$f":"SUM(F51+0.5)","v":10.9},34.906136804325286,null,78.837162514176896]
[null,{"$f":"SUM(B52+5)","v":75},5.0730252155619411,11.457667618727044,null,{"$f":"SUM(F52+0.5)","v":11.4},33.375165891854877,null,75.379392228467381]
[null,80,4.7559611395893198,10.741563392556603,null,11.9,31.972847997239125,null,72.212190874330105]
[null,85,4.4761987196134774,10.109706722406214,null,12.4,30.683620255414965,null,69.300408984236142]

{"sheet":"SRW Wheat","index":11,"n_rows":51,"n_cols":21,"rows_kept":51,"cut":false,"hidden":false,"merged":[[15,19,15,20],[16,19,16,20],[17,19,17,20],[0,1,0,9],[2,4,2,9],[6,1,6,6],[12,19,12,20],[13,19,13,20],[14,19,14,20],[42,6,42,7],[42,8,42,9],[20,19,20,20],[19,19,19,20],[18,19,18,20],[36,1,36,6],[40,1,40,3],[40,5,40,9],[41,6,41,7],[41,8,41,9],[23,1,23,6],[24,1,24,6],[34,1,34,6],[35,1,35,6],[43,6,43,7],[43,8,43,9],[44,6,44,7],[44,8,44,9],[45,6,45,7],[45,8,45,9],[46,6,46,7],[46,8,46,9],[47,6,47,7],[47,8,47,9],[48,6,48,7],[48,8,48,9],[49,6,49,7],[49,8,49,9],[50,6,50,7],[50,8,50,9],[52,1,52,3],[52,5,52,9],[53,6,53,7],[53,8,53,9],[54,6,54,7],[54,8,54,9],[55,6,55,7],[55,8,55,9],[56,6,56,7],[56,8,56,9],[57,6,57,7],[57,8,57,9],[58,6,58,7],[58,8,58,9],[62,6,62,7],[62,8,62,9],[59,6,59,7],[59,8,59,9],[60,6,60,7],[60,8,60,9],[61,6,61,7],[61,8,61,9]]}
[null,"2025 Winter Wheat, Non-Irrigated Budget",null,null,null,null,null,null,null,null,null,"Table 1. Fertilizer & Lime3"]
[null,null,null,null,"Unit ","Quantity ","Price","Total",null,"Your Farm",null,"Fertilizer ","Description","Quantity (lbs.)","Price ($)","Total ($/Acre)","Your Farm ($/Acre)"]
[null,"Revenue1",null,null,"Gross Revenue ($/Acre)",null,null,null,null,null,null,"Nitrogen","Urea - Planting/Fall",15,{"$f":"Inputs!C44","v":0.52},{"$f":"N3*O3","v":7.8000000000000007},"_________"]
[null,null,"Wheat",null,"Bu/acre",80,{"$f":"+Inputs!C5","v":5.85},{"$f":"F4*G4","v":468},null,"_________",null,null,"UAN 32 - Post-Emerge/Spring",90,{"$f":"Inputs!C47","v":0.54},{"$f":"N4*O4","v":48.6},"_________"]
[null,null,"Government Payments",null,"$/acre",1,0,{"$f":"F5*G5","v":0},null,"_________",null,"Phosphorous","P2O5",40,{"$f":"Inputs!C48","v":0.66},{"$f":"+N5*O5","v":26.400000000000002},"_________"]
[null,null,"Other Revenue",null,"$/acre",1,0,0,null,"_________",null,"Potassium","K20",40,{"$f":"Inputs!C50","v":0.36},{"$f":"+N6*O6","v":14.399999999999999},"_________"]
[null,"Total Revenue",null,null,null,null,null,{"$f":"SUM(H4:H6)","v":468},null,"_________",null,"Lime",null,1000,{"$f":"Inputs!C51","v":30},{"$f":"N7/2000*O7","v":15},"_________"]
[null,"Variable Expenses ",null,null,null,null,null,null,null,null,null,"Other",null,0,0,{"$f":"+N8/2000*O8","v":0},"_________"]
[null,null,"Seed2",null,"Bu",2.5,{"$f":"+Inputs!C38","v":17},{"$f":"+F9*G9","v":42.5},null,"_________",null,"Other",null,0,0,{"$f":"N9*O9","v":0},"_________"]
[null,null,"Fertilizer & Lime (Table 1)",null,"Acre",1,{"$f":"+P11","v":112.20000000000002},{"$f":"+F10*G10","v":112.20000000000002},null,"_________",null,"Other",null,0,0,{"$f":"+N10*O10","v":0},"_________"]
[null,null,"Chemical (Table 2)",null,"Acre",1,{"$f":"S23","v":55.539749999999998},{"$f":"F11*G11","v":55.539749999999998},null,"_________",null,"Total",null,null,null,{"$f":"SUM(P3:P10)","v":112.20000000000002},"_________"]
[null,null,"Crop Scout or Consultant",null,"Acre",1,{"$f":"+Inputs!C18","v":10},{"$f":"F12*G12","v":10},null,"_________",null,"Table 2. Chemicals4"]
[null,null,"Repair & Maintenance (Table 3)",null,"Acre",1,{"$f":"+Q38","v":36.955830228822357},{"$f":"+F13*G13","v":36.955830228822357},null,"_________",null,"Chemical","Function","Description","Unit","Number of Apps.","Quantity","Price","Total ($/Acre)","Your Farm ($/Acre)"]
[null,null,"Fuel, Oil & Filter (Table 3)",null,"Acre",1,{"$f":"+R38","v":19.022784579790248},19.022784579790248,null,"_________",null,"Herbicides-","Burndown","Gramoxone SL","oz.",1,40,{"$f":"Herbicides!B61","v":0.3125},{"$f":"P14*Q14*R14","v":12.5},"_________"]
[null,null,"Operator Labor (Table 3)",null,"Acre",1,{"$f":"+S38","v":11.843530801209374},11.843530801209374,null,"_________",null,"  Wheat",null,"Other","qt.",0,0,0,{"$f":"P15*Q15*R15","v":0},"_________"]
[null,null,"Crop Insurance6",null,"Acre",1,{"$f":"Inputs!C26","v":9.9},{"$f":"+F16*G16","v":9.9},null,"_________",null,null,"Post-Emerge","Harmony","oz.",1,0.7,{"$f":"Herbicides!B64","v":14.030000000000001},{"$f":"P16*Q16*R16","v":9.8209999999999997},"_________"]
[null,null,"Machinery Rental ",null,"Acre",0,0,{"$f":"+F17*G17","v":0},null,"_________",null,null,null,"Metribuzin","oz.",1,3,{"$f":"Herbicides!B72","v":1.40625},4.21875,"_________"]
[null,null,"Custom Work",null,"Acre",0,0,{"$f":"+F18*G18","v":0},null,"_________",null,null,null,"Roundup PowerMax","oz.",1,32,{"$f":"Herbicides!B92","v":0.4375},14,"_________"]
[null,null,"Drying (Fuel/Electric)",null,"Bu",{"$f":"+F4","v":80},0,{"$f":"+F19*G19","v":0},null,"_________",null,null,null,"Other",null,0,0,0,0,"_________"]
[null,null,"Other",null,"Acre",1,0,{"$f":"F20*G20","v":0},null,"_________",null,"Insecticides",null,"Wheat-Foliar","acre",1,1,{"$f":"+Insecticides!B5","v":5},5,"_________"]
[null,null,"Other",null,"Acre",1,0,{"$f":"F21*G21","v":0},null,"_________",null,"Fungicide",null,"Wheat-foliar","acre",1,1,{"$f":"+Fungicides!$B$3","v":10},10,"_________"]
[null,null,"Other",null,"Acre",1,0,{"$f":"F22*G22","v":0},null,"_________",null,"Other",null,"Other",null,0,0,0,{"$f":"P22*Q22*R22","v":0},"_________"]
[null,null,"Operating Interest7",null,"%",{"$f":"SUM(H9:H22)","v":297.96189560982202},{"$f":"+Inputs!C14","v":0.08},{"$f":"(F23*G23)/2","v":11.918475824392882},null,"_________",null,"Total",null,null,null,null,null,null,{"$f":"SUM(S14:S22)","v":55.539749999999998},"_________"]
[null,"Total Variable Expenses",null,null,null,null,null,{"$f":"SUM(H9:H23)","v":309.88037143421491},null,"_________",null,"Table 3. Machinery5"]
[null,"Return Above Variable Expenses",null,null,null,null,null,{"$f":"H7-H24","v":158.11962856578509},null,"_________",null,null,"Power Unit","Implement","Size","Capital Recovery","Repairs & Maintenance","Fuel, Oil & Filter","Labor","Total","Your Farm ($/Acre)"]
[null,"Fixed Expenses",null,null,null,null,null,null,null,null,null,"Burndown","SP Boom Sprayer",null,"90'",{"$f":"+'Field Operations'!$F$11","v":9.4809013205524924},{"$f":"+'Field Operations'!$G$11","v":0.29428773488580628},{"$f":"+'Field Operations'!$H$11","v":0.37194513888888892},{"$f":"+'Field Operations'!$I$11","v":0.31828703703703703},{"$f":"SUM(P26:S26)","v":10.465421231364223},"_________"]
[null,null,"Machinery",null,null,null,null,null,null,"_________",null,"Fertilize","Tractor, 215 hp","Fertilize Spreader",null,{"$f":"'Field Operations'!F10","v":5.1030296919423872},{"$f":"'Field Operations'!G10","v":1.5965293414642521},{"$f":"'Field Operations'!H10","v":2.4593923469387757},{"$f":"'Field Operations'!I10","v":1.6836734693877555},{"$f":"SUM(P27:S27)","v":10.84262484973317},"_________"]
[null,null,"  Capital Recovery (Table 3)",null,"Acre",1,{"$f":"+P38","v":101.80401337496944},{"$f":"+F28*G28","v":101.80401337496944},null,"_________",null,"Plant","Tractor, 215 hp","Grain Drill","20'",{"$f":"+'Field Operations'!$F$9","v":12.485639956106363},{"$f":"+'Field Operations'!$G$9","v":5.2946804023429275},{"$f":"+'Field Operations'!$H$9","v":4.3039366071428571},{"$f":"+'Field Operations'!$I$9","v":2.9464285714285716},{"$f":"SUM(P28:S28)","v":25.03068553702072},"_________"]
[null,null,"  Other Fixed Machinery Costs",null,"Acre",1,0,0,null,"_________",null,"Fertilize","Tractor, 215 hp","Fertilize Spreader",null,{"$f":"'Field Operations'!F10","v":5.1030296919423872},{"$f":"'Field Operations'!G10","v":1.5965293414642521},{"$f":"'Field Operations'!H10","v":2.4593923469387757},{"$f":"'Field Operations'!I10","v":1.6836734693877555},{"$f":"'Field Operations'!J10","v":10.84262484973317},"_________"]
[null,null,"General Overhead",null,"Acre",1,20,{"$f":"F30*G30","v":20},null,"_________",null,"Weed Control","SP Boom Sprayer",null,"90'",{"$f":"+'Field Operations'!$F$11","v":9.4809013205524924},{"$f":"+'Field Operations'!$G$11","v":0.29428773488580628},{"$f":"+'Field Operations'!$H$11","v":0.37194513888888892},{"$f":"+'Field Operations'!$I$11","v":0.31828703703703703},{"$f":"SUM(P30:S30)","v":10.465421231364223},"_________"]
[null,null,"Cash Rent8",null,"Acre",1,{"$f":"+Inputs!C23","v":117},{"$f":"F31*G31","v":117},null,"_________",null,"Fungicide","SP Boom Sprayer",null,"90'",{"$f":"+'Field Operations'!$F$11","v":9.4809013205524924},{"$f":"+'Field Operations'!$G$11","v":0.29428773488580628},{"$f":"+'Field Operations'!$H$11","v":0.37194513888888892},{"$f":"+'Field Operations'!$I$11","v":0.31828703703703703},10.465421231364223,"_________"]
[null,null,"Insurance (Non-Machinery)",null,"Acre",1,{"$f":"+Inputs!C32","v":0},{"$f":"+F32*G32","v":0},null,"_________",null,"Insect Control","SP Boom Sprayer",null,"90'",{"$f":"+'Field Operations'!$F$11","v":9.4809013205524924},{"$f":"+'Field Operations'!$G$11","v":0.29428773488580628},{"$f":"+'Field Operations'!$H$11","v":0.37194513888888892},{"$f":"+'Field Operations'!$I$11","v":0.31828703703703703},10.465421231364223,"_________"]
[null,null,"Management Labor10",null,"Acre",1,{"$f":"Inputs!C33","v":25},{"$f":"+F33*G33","v":25},null,"_________",null,"Harvest","Combine","Grain Head","30'",{"$f":"+'Field Operations'!$F$13","v":27.996941750468398},{"$f":"+'Field Operations'!$G$13","v":26.02550331564797},{"$f":"+'Field Operations'!$H$13","v":6.4559049107142847},{"$f":"+'Field Operations'!$I$13","v":2.4553571428571428},62.933707119687803,"_________"]
[null,null,"Other",null,"Acre",1,0,{"$f":"+F34*G34","v":0},null,"_________",null,"Haul","Tractor, 215 hp","Grain Cart",null,{"$f":"+'Field Operations'!$F$14","v":7.0217670022999314},{"$f":"+'Field Operations'!$G$14","v":0.8354368883597314},{"$f":"+'Field Operations'!$H$14","v":1.5063778125},{"$f":"+'Field Operations'!$I$14","v":1.03125},10.394831703159662,"_________"]
[null,"Total Fixed Expenses",null,null,null,null,null,{"$f":"+SUM(H28:H34)","v":263.80401337496943},null,"_________",null,"Haul",{"$f":"'Field Operations'!C17","v":"Semi Tractor/Trailer"},null,null,{"$f":"'Field Operations'!F17","v":6.17},{"$f":"'Field Operations'!G17","v":0.43},{"$f":"'Field Operations'!H17","v":0.35},{"$f":"'Field Operations'!I17","v":0.77},7.7199999999999989,"_________"]
[null,"Total Expenses",null,null,null,null,null,{"$f":"+SUM(H24+H35)","v":573.68438480918439},null,"_________",null,"Other",null,null,null,0,0,0,0,0,"_________"]
[null,"Return Above Specified Expenses",null,null,null,null,null,{"$f":"H7-H36","v":-105.68438480918439},null,"_________",null,"Other",null,null,null,0,0,0,0,0,"_________"]
[null,null,null,null,null,null,"Cash Cost per Bushel",{"$f":"(SUM(H9:H23)+H30+H31)/F4","v":5.5860046429276862},null,"_________",null,"Total",null,null,null,{"$f":"SUM(P26:P37)","v":101.80401337496944},{"$f":"SUM(Q26:Q37)","v":36.955830228822357},{"$f":"SUM(R26:R37)","v":19.022784579790248},{"$f":"SUM(S26:S37)","v":11.843530801209374},{"$f":"SUM(T26:T37)","v":169.6261589847914},"_________"]
[null,null,null,null,null,null,"Economic Cost per Bushel",{"$f":"H36/F4","v":7.1710548101148053},null,"_________"]
[]
[null,"Breakeven Price for Selected Wheat Yield",null,null,null,"Breakeven Yield for Selected Soybean Price"]
[null,"Yield (bu)","Variable Cost ($/bu)","Total Specified Cost ($/bu)",null,"Price ($/bu)","Variable Cost (bu)",null,"Total Specified Cost (bu)"]
[null,{"$f":"+B44-5","v":60},{"$f":"$H$24/B43","v":5.1646728572369147},{"$f":"($H$24+$H$35)/B43","v":9.5614064134864059},null,{"$f":"+F44-0.5","v":3.8499999999999996},{"$f":"+$H$24/F43","v":80.488408164731155},null,{"$f":"+($H$24+$H$35)/F43","v":149.00893111926868}]
[null,65,4.767390329757152,8.825913612448991,null,4.3499999999999996,71.236866996371248,null,131.8814677722263]
[null,70,4.4268624490602129,8.1954912115597764,null,4.8499999999999996,63.892860089528853,null,118.28544016684215]
[null,{"$f":"+B47-5","v":75},4.131738285789532,7.649125130789125,null,{"$f":"+F47-0.5","v":5.35},57.921564754058863,null,107.23072613255783]
[null,{"$f":"+F4","v":80},3.8735046429276863,7.1710548101148053,null,{"$f":"+G4","v":5.85},52.971003663968361,null,98.065706804988793]
[null,{"$f":"+B47+5","v":85},3.6456514286378225,6.74922805657864,null,{"$f":"+F47+0.5","v":6.35},48.800058493577154,null,90.343997607745578]
[null,{"$f":"+B48+5","v":90},3.4431152381579433,6.3742709423242712,null,{"$f":"+F48+0.5","v":6.85},45.238010428352545,null,83.749545227618171]
[null,95,3.2618986466759465,6.0387829979914143,null,7.35,42.16059475295441,null,78.052297252950268]
[null,100,3.0988037143421492,5.7368438480918442,null,7.85,39.475206552129286,null,73.080813351488459]

{"sheet":"Wheat & Soybean DC","index":12,"n_rows":63,"n_cols":21,"rows_kept":63,"cut":false,"hidden":false,"merged":[[54,6,54,7],[54,8,54,9],[59,8,59,9],[22,19,22,20],[25,19,25,20],[26,19,26,20],[52,5,52,9],[44,8,44,9],[44,6,44,7],[56,8,56,9],[57,6,57,7],[57,8,57,9],[48,6,48,7],[45,6,45,7],[46,6,46,7],[45,8,45,9],[12,19,12,20],[13,19,13,20],[14,19,14,20],[15,19,15,20],[16,19,16,20],[52,1,52,3],[50,6,50,7],[62,6,62,7],[62,8,62,9],[55,6,55,7],[55,8,55,9],[56,6,56,7],[61,6,61,7],[61,8,61,9],[58,6,58,7],[58,8,58,9],[59,6,59,7],[60,6,60,7],[60,8,60,9],[53,6,53,7],[53,8,53,9],[46,8,46,9],[50,8,50,9],[7,1,7,6],[43,8,43,9],[43,6,43,7],[41,6,41,7],[41,8,41,9],[42,6,42,7],[42,8,42,9],[47,6,47,7],[49,6,49,7],[48,8,48,9],[49,8,49,9],[47,8,47,9],[0,1,0,9],[2,4,2,9],[36,1,36,6],[38,1,38,6],[40,5,40,9],[40,1,40,3],[26,1,26,6],[27,19,27,20],[25,1,25,6],[37,1,37,6],[17,19,17,20],[18,19,18,20],[19,19,19,20],[20,19,20,20],[23,19,23,20],[24,19,24,20],[28,19,28,20],[30,19,30,20],[29,19,29,20],[21,19,21,20]]}
[null,"2025 Wheat/Soybean Double Cropped, Non-Irrigated Budget",null,null,null,null,null,null,null,null,null,"Table 1. Fertilizer & Lime3"]
[null,null,null,null,"Unit ","Quantity ","Price","Total",null,"Your Farm",null,"Fertilizer ","Description","Quantity (lbs.)","Price ($)","Total ($/Acre)","Your Farm ($/Acre)"]
[null,"Revenue1",null,null,"Gross Revenue ($/Acre)",null,null,null,null,null,null,"Nitrogen","Urea - Planting/Fall",15,{"$f":"Inputs!C44","v":0.52},{"$f":"N3*O3","v":7.8000000000000007},"_________"]
[null,null,"Soybeans",null,"Bu/acre",40,{"$f":"+Inputs!C4","v":10.4},{"$f":"F4*G4","v":416},null,"_________",null,null,"UAN 32 - Post-Emerge/Spring",90,{"$f":"Inputs!C47","v":0.54},{"$f":"N4*O4","v":48.6},"_________"]
[null,null,"Wheat",null,"Bu/acre",80,{"$f":"+Inputs!C5","v":5.85},{"$f":"F5*G5","v":468},null,"_________",null,"Phosphorous","P2O5",60,{"$f":"Inputs!C48","v":0.66},{"$f":"+N5*O5","v":39.6},"_________"]
[null,null,"Government Payments",null,"$/acre",1,0,{"$f":"F6*G6","v":0},null,"_________",null,"Potassium","K20",60,{"$f":"Inputs!C50","v":0.36},{"$f":"+N6*O6","v":21.599999999999998},"_________"]
[null,null,"Other Revenue",null,"$/acre",1,0,0,null,"_________",null,"Boron",null,1,{"$f":"Inputs!C52","v":0.7},{"$f":"N7*O7","v":0.7},"_________"]
[null,"Total Revenue",null,null,null,null,null,{"$f":"SUM(H4:H7)","v":884},null,"_________",null,"Lime",null,1000,{"$f":"+Inputs!C51","v":30},{"$f":"+N8/2000*O8","v":15},"_________"]
[null,"Variable Expenses ",null,null,null,null,null,null,null,null,null,"Other",null,0,0,{"$f":"N9*O9","v":0},"_________"]
[null,null,"Seed, Soybeans2",null,"Thous.",140,{"$f":"+Inputs!C37","v":0.46},{"$f":"+F10*G10","v":64.400000000000006},null,"_________",null,"Other",null,0,0,{"$f":"+N10*O10","v":0},"_________"]
[null,null,"Seed, Wheat2",null,"Bu",2.5,{"$f":"+Inputs!C38","v":17},{"$f":"+F11*G11","v":42.5},null,"_________",null,"Total",null,null,null,{"$f":"SUM(P3:P10)","v":133.30000000000001},"_________"]
[null,null,"Fertilizer & Lime (Table 1)",null,"Acre",1,{"$f":"+P11","v":133.30000000000001},{"$f":"+F12*G12","v":133.30000000000001},null,"_________",null,"Table 2. Chemicals4"]
[null,null,"Chemical (Table 2)",null,"Acre",1,{"$f":"S31","v":123.68975},{"$f":"F13*G13","v":123.68975},null,"_________",null,"Chemical","Function","Description","Unit","Number of Apps.","Quantity","Price","Total ($/Acre)","Your Farm ($/Acre)"]
[null,null,"Crop Scout or Consultant",null,"Acre",1,{"$f":"+Inputs!C18","v":10},{"$f":"F14*G14","v":10},null,"_________",null,"Herbicides-","Burndown","Gramoxone SL","oz.",1,40,{"$f":"Herbicides!B61","v":0.3125},{"$f":"P14*Q14*R14","v":12.5},"_________"]
[null,null,"Repair & Maintenance (Table 3)",null,"Acre",1,{"$f":"+Q57","v":71.802563766199668},{"$f":"+F15*G15","v":71.802563766199668},null,"_________",null,"  Wheat",null,"Other",null,0,0,0,{"$f":"P15*Q15*R15","v":0},"_________"]
[null,null,"Fuel, Oil & Filter (Table 3)",null,"Acre",1,{"$f":"+R57","v":36.215773944186644},36.215773944186644,null,"_________",null,null,"Post-Emerge","Harmony","oz.",1,0.7,{"$f":"Herbicides!B64","v":14.030000000000001},{"$f":"P16*Q16*R16","v":9.8209999999999997},"_________"]
[null,null,"Operator Labor (Table 3)",null,"Acre",1,{"$f":"+S57","v":22.282862458570229},22.282862458570229,null,"_________",null,null,null,"Metribuzin","oz.",1,3,{"$f":"Herbicides!B72","v":1.40625},4.21875,"_________"]
[null,null,"Crop Insurance6",null,"Acre",1,{"$f":"+Inputs!C25+Inputs!C26","v":19.920000000000002},{"$f":"+F18*G18","v":19.920000000000002},null,"_________",null,null,null,"Other",null,0,0,0,0,"_________"]
[null,null,"Machinery Rental ",null,"Acre",0,0,{"$f":"+F19*G19","v":0},null,"_________",null,"Herbicides-","Pre-Emerge","Sequence","pt.",1,3,{"$f":"Herbicides!B95","v":8.5},25.5,"_________"]
[null,null,"Custom Work",null,"Acre",0,0,{"$f":"+F20*G20","v":0},null,"_________",null,"  Soybeans",null,"Other",null,0,0,0,0,"_________"]
[null,null,"Drying (Fuel/Electric)",null,"Bu",{"$f":"+F5","v":80},0,{"$f":"+F21*G21","v":0},null,"_________",null,null,"Post-Emerge","Roundup PowerMax","oz.",1,32,{"$f":"+Herbicides!B92","v":0.4375},14,"_________"]
[null,null,"Other",null,"Acre",1,0,{"$f":"F22*G22","v":0},null,"_________",null,null,null,"Flexstar ","pt.",1,1,{"$f":"Herbicides!B50","v":7.65},7.65,"_________"]
[null,null,"Other",null,"Acre",1,0,{"$f":"F23*G23","v":0},null,"_________",null,null,null,"Other",null,0,0,0,0,"_________"]
[null,null,"Other",null,"Acre",1,0,{"$f":"F24*G24","v":0},null,"_________",null,null,null,"Other",null,0,0,0,0,"_________"]
[null,null,"Operating Interest7",null,"%",{"$f":"SUM(H10:H24)","v":524.11095016895661},{"$f":"+Inputs!C14","v":0.08},{"$f":"(F25*G25)/2","v":20.964438006758265},null,"_________",null,"Insecticides",null,"Wheat-Foliar","acre",1,1,{"$f":"+Insecticides!B5","v":5},{"$f":"P25*Q25*R25","v":5},"_________"]
[null,"Total Variable Expenses",null,null,null,null,null,{"$f":"SUM(H10:H25)","v":545.07538817571492},null,"_________",null,null,null,"Soybeans-Foliar","acre",1,1,{"$f":"+Insecticides!$B$2","v":20},20,"_________"]
[null,"Return Above Variable Expenses",null,null,null,null,null,{"$f":"H8-H26","v":338.92461182428508},null,"_________",null,null,null,"Other",null,0,0,0,0,"_________"]
[null,"Fixed Expenses",null,null,null,null,null,null,null,null,null,"Fungicides",null,"Soybeans-Foliar","acre",1,1,{"$f":"+Fungicides!$B$2","v":15},15,"_________"]
[null,null,"Machinery",null,null,null,null,null,null,"_________",null,null,null,"Wheat-foliar","acre",1,1,{"$f":"+Fungicides!$B$3","v":10},10,"_________"]
[null,null,"  Capital Recovery (Table 3)",null,"Acre",1,{"$f":"+P57","v":213.33064711302092},{"$f":"+F30*G30","v":213.33064711302092},null,"_________",null,null,null,"Other",null,0,0,0,0,"_________"]
[null,null,"  Other Fixed Machinery Costs",null,"Acre",1,0,0,null,"_________",null,"Total",null,null,null,null,null,null,{"$f":"SUM(S14:S30)","v":123.68975},"_________"]
[null,null,"General Overhead",null,"Acre",1,30,{"$f":"F32*G32","v":30},null,"_________"]
[null,null,"Cash Rent8",null,"Acre",1,{"$f":"+Inputs!C23","v":117},{"$f":"F33*G33","v":117},null,"_________",null,"Table 3. Machinery5"]
[null,null,"Insurance (Non-Machinery)",null,"Acre",1,{"$f":"+Inputs!C32","v":0},{"$f":"+F34*G34","v":0},null,"_________",null,null,"Power Unit","Implement","Size","Capital Recovery","Repairs & Maintenance","Fuel, Oil & Filter","Labor","Total","Your Farm ($/Acre)"]
[null,null,"Management Labor10",null,"Acre",1,{"$f":"Inputs!C33","v":25},{"$f":"+F35*G35","v":25},null,"_________",null,"Disk","Tractor, 215 hp","Tandem Disk","29'",{"$f":"+'Field Operations'!$F$5","v":11.600441777743047},{"$f":"+'Field Operations'!$G$5","v":2.0151247346106018},{"$f":"+'Field Operations'!$H$5","v":2.7160294117647057},{"$f":"+'Field Operations'!$I$5","v":1.8593644354293442},{"$f":"SUM(P35:S35)","v":18.190960359547699},"_________"]
[null,null,"Other",null,"Acre",1,0,{"$f":"+F36*G36","v":0},null,"_________",null,"Burndown","SP Boom Sprayer",null,"90'",{"$f":"+'Field Operations'!$F$11","v":9.4809013205524924},{"$f":"+'Field Operations'!$G$11","v":0.29428773488580628},{"$f":"+'Field Operations'!$H$11","v":0.37194513888888892},{"$f":"+'Field Operations'!$I$11","v":0.31828703703703703},{"$f":"SUM(P36:S36)","v":10.465421231364223},"_________"]
[null,"Total Fixed Expenses",null,null,null,null,null,{"$f":"+SUM(H29:H36)","v":385.33064711302092},null,"_________",null,"Fertilize","Tractor, 215 hp","Fertilize Spreader",null,{"$f":"'Field Operations'!F10","v":5.1030296919423872},{"$f":"'Field Operations'!G10","v":1.5965293414642521},{"$f":"'Field Operations'!H10","v":2.4593923469387757},{"$f":"'Field Operations'!I10","v":1.6836734693877555},{"$f":"SUM(P37:S37)","v":10.84262484973317},"_________"]
[null,"Total Expenses",null,null,null,null,null,{"$f":"+SUM(H26+H37)","v":930.40603528873589},null,"_________",null,"Plant","Tractor, 215 hp","Grain Drill","20'",{"$f":"+'Field Operations'!$F$9","v":12.485639956106363},{"$f":"+'Field Operations'!$G$9","v":5.2946804023429275},{"$f":"+'Field Operations'!$H$9","v":4.3039366071428571},{"$f":"+'Field Operations'!$I$9","v":2.9464285714285716},{"$f":"SUM(P38:S38)","v":25.03068553702072},"_________"]
[null,"Return Above Specified Expenses",null,null,null,null,null,{"$f":"H8-H38","v":-46.406035288735893},null,"_________",null,"Fertilize","Tractor, 215 hp","Fertilize Spreader",null,{"$f":"'Field Operations'!F10","v":5.1030296919423872},{"$f":"'Field Operations'!G10","v":1.5965293414642521},{"$f":"'Field Operations'!H10","v":2.4593923469387757},{"$f":"'Field Operations'!I10","v":1.6836734693877555},{"$f":"'Field Operations'!J10","v":10.84262484973317},"_________"]
[null,null,null,null,null,null,null,null,null,null,null,"Weed Control","SP Boom Sprayer",null,"90'",{"$f":"+'Field Operations'!$F$11","v":9.4809013205524924},{"$f":"+'Field Operations'!$G$11","v":0.29428773488580628},{"$f":"+'Field Operations'!$H$11","v":0.37194513888888892},{"$f":"+'Field Operations'!$I$11","v":0.31828703703703703},{"$f":"SUM(P40:S40)","v":10.465421231364223},"_________"]
[null,"Breakeven Price for Selected Soybean Yield",null,null,null,"Breakeven Yield for Selected Soybean Price",null,null,null,null,null,"Fungicide","SP Boom Sprayer",null,"90'",{"$f":"+'Field Operations'!$F$11","v":9.4809013205524924},{"$f":"+'Field Operations'!$G$11","v":0.29428773488580628},{"$f":"+'Field Operations'!$H$11","v":0.37194513888888892},{"$f":"+'Field Operations'!$I$11","v":0.31828703703703703},{"$f":"SUM(P41:S41)","v":10.465421231364223},"_________"]
[null,"Yield (bu)","Variable Cost ($/bu)","Total Specified Cost ($/bu)",null,"Price ($/bu)","Variable Cost (bu)",null,"Total Specified Cost (bu)",null,null,"Insect Control","SP Boom Sprayer",null,"90'",{"$f":"+'Field Operations'!$F$11","v":9.4809013205524924},{"$f":"+'Field Operations'!$G$11","v":0.29428773488580628},{"$f":"+'Field Operations'!$H$11","v":0.37194513888888892},{"$f":"+'Field Operations'!$I$11","v":0.31828703703703703},10.465421231364223,"_________"]
[null,{"$f":"+B44-5","v":20},{"$f":"$H$26/2/B43","v":13.626884704392873},{"$f":"($H$26+$H$37)/2/B43","v":23.260150882218397},null,{"$f":"+F44-0.5","v":8.4},{"$f":"+$H$26/2/F43","v":32.444963581887791},null,{"$f":"+($H$26+$H$37)/2/F43","v":55.381311624329513},null,null,"Harvest","Combine","Grain Head","30'",{"$f":"+'Field Operations'!$F$13","v":27.996941750468398},{"$f":"+'Field Operations'!$G$13","v":26.02550331564797},{"$f":"+'Field Operations'!$H$13","v":6.4559049107142847},{"$f":"+'Field Operations'!$I$13","v":2.4553571428571428},62.933707119687803,"_________"]
[null,25,10.901507763514298,18.608120705774716,null,8.9,30.622212818860387,null,52.27000198251325,null,null,"Haul","Tractor, 215 hp","Grain Cart",null,{"$f":"+'Field Operations'!$F$14","v":7.0217670022999314},{"$f":"+'Field Operations'!$G$14","v":0.8354368883597314},{"$f":"+'Field Operations'!$H$14","v":1.5063778125},{"$f":"+'Field Operations'!$I$14","v":1.03125},10.394831703159662,"_________"]
[null,30,9.0845898029285816,15.506767254812265,null,9.4,28.993371711474197,null,49.489682728124251,null,null,"Haul",{"$f":"'Field Operations'!C17","v":"Semi Tractor/Trailer"},null,null,{"$f":"'Field Operations'!F17","v":6.17},{"$f":"'Field Operations'!G17","v":0.43},{"$f":"'Field Operations'!H17","v":0.35},{"$f":"'Field Operations'!I17","v":0.77},7.7199999999999989,"_________"]
[null,{"$f":"+B47-5","v":35},7.7867912596530706,13.291514789839084,null,{"$f":"+F47-0.5","v":9.9},27.529060008874492,null,46.990203802461409,null,null,"Plant","Tractor, 215 hp","Planter","16-row",{"$f":"+'Field Operations'!$F$8","v":15.97084823338769},{"$f":"+'Field Operations'!$G$8","v":2.8769883177515254},{"$f":"+'Field Operations'!$H$8","v":2.3175043269230766},{"$f":"+'Field Operations'!$I$8","v":1.5865384615384615},22.751879339600755,"_________"]
[null,{"$f":"+F4","v":40},6.8134423521964367,11.630075441109199,null,{"$f":"+G4","v":10.4},26.205547508447832,null,44.731059388881533,null,null,"Fertilize","Tractor, 215 hp","Fertilize Spreader",null,{"$f":"'Field Operations'!F10","v":5.1030296919423872},{"$f":"'Field Operations'!G10","v":1.5965293414642521},{"$f":"'Field Operations'!H10","v":2.4593923469387757},{"$f":"'Field Operations'!I10","v":1.6836734693877555},10.84262484973317,"_________"]
[null,{"$f":"+B47+5","v":45},6.0563932019523881,10.33784483654151,null,{"$f":"+F47+0.5","v":10.9},25.003458173197931,null,42.67917593067596,null,null,"Weed Control","SP Boom Sprayer",null,"90'",{"$f":"+'Field Operations'!$F$11","v":9.4809013205524924},{"$f":"+'Field Operations'!$G$11","v":0.29428773488580628},{"$f":"+'Field Operations'!$H$11","v":0.37194513888888892},{"$f":"+'Field Operations'!$I$11","v":0.31828703703703703},{"$f":"SUM(P48:S48)","v":10.465421231364223},"_________"]
[null,{"$f":"+B48+5","v":50},5.4507538817571488,9.3040603528873582,null,{"$f":"+F48+0.5","v":11.4},23.906815270864687,null,40.80728224950596,null,null,"Weed Control","SP Boom Sprayer",null,"90'",{"$f":"+'Field Operations'!$F$11","v":9.4809013205524924},{"$f":"+'Field Operations'!$G$11","v":0.29428773488580628},{"$f":"+'Field Operations'!$H$11","v":0.37194513888888892},{"$f":"+'Field Operations'!$I$11","v":0.31828703703703703},10.465421231364223,"_________"]
[null,55,4.9552308015974083,8.4582366844430528,null,11.9,22.902327234273734,null,39.092690558350249,null,null,"Weed Control","SP Boom Sprayer",null,"90'",{"$f":"+'Field Operations'!$F$11","v":9.4809013205524924},{"$f":"+'Field Operations'!$G$11","v":0.29428773488580628},{"$f":"+'Field Operations'!$H$11","v":0.37194513888888892},{"$f":"+'Field Operations'!$I$11","v":0.31828703703703703},10.465421231364223,"_________"]
[null,60,4.5422949014642908,7.7533836274061327,null,12.4,21.978846297407859,null,37.516372390674832,null,null,"Fungicide","SP Boom Sprayer",null,"90'",{"$f":"+'Field Operations'!$F$11","v":9.4809013205524924},{"$f":"+'Field Operations'!$G$11","v":0.29428773488580628},{"$f":"+'Field Operations'!$H$11","v":0.37194513888888892},{"$f":"+'Field Operations'!$I$11","v":0.31828703703703703},{"$f":"SUM(P51:S51)","v":10.465421231364223},"_________"]
[null,null,null,null,null,null,null,null,null,null,null,"Harvest","Combine","Grain Head","30'",{"$f":"+'Field Operations'!$F$13","v":27.996941750468398},{"$f":"+'Field Operations'!$G$13","v":26.02550331564797},{"$f":"+'Field Operations'!$H$13","v":6.4559049107142847},{"$f":"+'Field Operations'!$I$13","v":2.4553571428571428},62.933707119687803,"_________"]
[null,"Breakeven Price for Selected Wheat Yield",null,null,null,"Breakeven Yield for Selected Wheat Price",null,null,null,null,null,"Haul","Tractor, 215 hp","Grain Cart",{"$f":"+'Field Operations'!$E$14","v":"800 bu"},{"$f":"+'Field Operations'!$F$14","v":7.0217670022999314},{"$f":"+'Field Operations'!$G$14","v":0.8354368883597314},{"$f":"+'Field Operations'!$H$14","v":1.5063778125},{"$f":"+'Field Operations'!$I$14","v":1.03125},10.394831703159662,"_________"]
[null,"Yield (bu)","Variable Cost ($/bu)","Total Specified Cost ($/bu)",null,"Price ($/bu)","Variable Cost (bu)",null,"Total Specified Cost (bu)",null,null,"Haul",{"$f":"'Field Operations'!C15","v":"Semi Tractor/Trailer"},null,null,{"$f":"'Field Operations'!F15","v":5.91},{"$f":"'Field Operations'!G15","v":0.32},{"$f":"'Field Operations'!H15","v":0.25},{"$f":"'Field Operations'!I15","v":0.55000000000000004},7.03,"_________"]
[null,{"$f":"+B56-5","v":60},{"$f":"$H$26/2/B55","v":4.5422949014642908},{"$f":"($H$26+$H$37)/2/B55","v":7.7533836274061327},null,{"$f":"+F56-0.5","v":3.8499999999999996},{"$f":"+$H$26/2/F55","v":70.789011451391559},null,{"$f":"+($H$26+$H$37)/2/F55","v":120.83195263490077},null,null,"Other",null,null,null,0,0,0,0,0,"_________"]
[null,65,4.1928876013516536,7.1569695022210453,null,4.3499999999999996,62.652343468472985,null,106.94322244698114,null,null,"Other",null,null,null,0,0,0,0,0,"_________"]
[null,70,3.8933956298265353,6.6457573949195421,null,4.8499999999999996,56.193338987187111,null,95.918147967910926,null,null,"Total",null,null,null,{"$f":"SUM(P35:P56)","v":213.33064711302092},{"$f":"SUM(Q35:Q56)","v":71.802563766199668},{"$f":"SUM(R35:R56)","v":36.215773944186644},{"$f":"SUM(S35:S56)","v":22.282862458570229},{"$f":"SUM(T35:T56)","v":343.63184728197734},"_________"]
[null,{"$f":"+B59-5","v":75},3.6338359211714328,6.2027069019249064,null,{"$f":"+F59-0.5","v":5.35},50.94162506315093,null,86.953835073713634]
[null,{"$f":"+F5","v":80},3.4067211760982183,5.8150377205545993,null,{"$f":"G5","v":5.85},46.587640015018373,null,79.521883358011621]
[null,{"$f":"+B59+5","v":85},3.206325812798323,5.4729766781690348,null,{"$f":"+F59+0.5","v":6.35},42.919321903599602,null,73.260317739270548]
[null,{"$f":"+B60+5","v":90},3.028196600976194,5.1689224182707552,null,{"$f":"+F60+0.5","v":6.85},39.786524684358753,null,67.912849291148603]
[null,95,2.8688178325037628,4.8968738699407153,null,7.35,37.079958379300336,null,63.292927570662307]
[null,100,2.7253769408785744,4.6520301764436791,null,7.85,34.718177590809866,null,59.261530910110572]

{"sheet":"Wheat","index":13,"n_rows":53,"n_cols":21,"rows_kept":53,"cut":false,"hidden":true,"merged":[[20,19,20,20],[21,19,21,20],[15,19,15,20],[16,19,16,20],[17,19,17,20],[18,19,18,20],[19,19,19,20],[10,19,10,20],[11,19,11,20],[12,19,12,20],[13,19,13,20],[14,19,14,20],[52,1,52,9],[47,1,47,9],[48,1,48,9],[49,1,49,9],[50,1,50,9],[51,1,51,9],[46,1,46,9],[43,6,43,7],[43,8,43,9],[34,6,34,7],[34,8,34,9],[35,6,35,7],[35,8,35,9],[36,6,36,7],[36,8,36,9],[37,6,37,7],[37,8,37,9],[38,6,38,7],[38,8,38,9],[39,6,39,7],[42,6,42,7],[42,8,42,9],[0,1,0,9],[2,4,2,9],[4,1,4,6],[41,6,41,7],[41,8,41,9],[20,1,20,6],[21,1,21,6],[30,1,30,6],[33,1,33,3],[33,5,33,9],[31,1,31,6],[39,8,39,9],[22,4,22,9],[40,6,40,7],[40,8,40,9]]}
[null,"2019 Wheat, Conventional Tillage, Non-Irrigated Budget",null,null,null,null,null,null,null,null,null,"Table 1. Fertilizer & Lime"]
[null,null,null,null,"Unit ","Quantity ","Price","Total",null,"Your Farm",null,"Fertilizer ","Description","Quantity (lbs)","Price ($)","Total ($/Acre)","Your Farm ($/Acre)"]
[null,"Revenue",null,null,"Gross Revenue ($/Acre)",null,null,null,null,null,null,"Nitrogen","Urea - Planting/Fall",30,{"$f":"Inputs!C44","v":0.52},{"$f":"+N3*O3","v":15.600000000000001},"_________"]
[null,null,"Wheat1",null,"Bu",70,{"$f":"+Inputs!C5","v":5.85},{"$f":"F4*G4","v":409.5},null,"_________",null,null,"UAN 32 - Post-Emerge/Spring",70,{"$f":"Inputs!C47","v":0.54},{"$f":"O4*N4","v":37.800000000000004},"_________"]
[null,"Total Revenue",null,null,null,null,null,{"$f":"SUM(H4:H4)","v":409.5},null,"_________",null,"Phosphorous","P2O5",40,{"$f":"Inputs!C48","v":0.66},{"$f":"+N5*O5","v":26.400000000000002},"_________"]
[null,"Variable Expenses",null,null,null,null,null,null,null,null,null,"Potassium","K20",20,{"$f":"+Inputs!C50","v":0.36},{"$f":"+N6*O6","v":7.1999999999999993},"_________"]
[null,null,"Seed ",null,"Bu",2.5,{"$f":"+Inputs!C38","v":17},{"$f":"+F7*G7","v":42.5},null,"_________",null,"Lime","Limestone",1000,{"$f":"+Inputs!C51","v":30},{"$f":"+N7/2000*O7","v":15},"_________"]
[null,null,"Fertilizer & Lime (Table 1)",null,"Acre",1,{"$f":"P9","v":118.70000000000002},{"$f":"+F8*G8","v":118.70000000000002},null,"_________",null,"Sulfur","Sulfur",10,{"$f":"Inputs!C54","v":1.67},{"$f":"N8*O8","v":16.7},"_________"]
[null,null,"Chemical (Table 2) 2,3",null,"Acre",1,{"$f":"S22","v":{"$error":"#REF!"}},{"$f":"F9*G9","v":{"$error":"#REF!"}},null,"_________",null,"Total",null,null,null,{"$f":"SUM(P3:P8)","v":118.70000000000002},"_________"]
[null,null,"Crop Scout",null,"Acre",1,{"$f":"+Inputs!C18","v":10},{"$f":"F10*G10","v":10},null,"_________",null,"Table 2. Chemicals2,3"]
[null,null,"Repair & Maintenance (Table 3) 4",null,"Acre",1,{"$f":"+Q36","v":37.668713356854511},{"$f":"+F11*G11","v":37.668713356854511},null,"_________",null,"Chemical","Function","Description","Unit","Number of Apps.","Quantity","Price","Total ($/Acre)","Your Farm ($/Acre)"]
[null,null,"Fuel, Oil & Filter (Table 3) 4",null,"Acre",1,{"$f":"+R36","v":19.651366783505065},19.651366783505065,null,"_________",null,"Herbicides","Burndown","Gramoxone ","oz.",1,40,{"$f":"Herbicides!B61","v":0.3125},{"$f":"P12*Q12*R12","v":12.5},"_________"]
[null,null,"Operator Labor (Table 3) 4",null,"Acre",1,{"$f":"+S36","v":12.337508804287999},12.337508804287999,null,"_________",null,null,null,"Roundup ","qt.",1,1,{"$f":"Herbicides!B92","v":0.4375},{"$f":"P13*Q13*R13","v":0.4375},"_________"]
[null,null,"Machinery Rental ",null,"Acre",0,0,0,null,"_________",null,null,"Post-Emerge","Harmony ","oz.",1,0.75,{"$f":"Herbicides!B64","v":14.030000000000001},10.522500000000001,"_________"]
[null,null,"Custom Work",null,"Acre",0,0,0,null,"_________",null,null,null,"Metribuzin","oz.",1,3,{"$f":"Herbicides!B72","v":1.40625},{"$f":"P15*Q15*R15","v":4.21875},"_________"]
[null,null,"Drying (Fuel/Electric)",null,"Bu",{"$f":"+F4","v":70},{"$f":"+Inputs!C20","v":0.45},31.5,null,"_________",null,null,null,"Surfactant","pt.",1,0.1,{"$f":"Herbicides!B102","v":0.08},8.0000000000000002E-3,"_________"]
[null,null,"Cash Rent 5",null,"Acre",1,{"$f":"+Inputs!C23","v":117},{"$f":"F17*G17","v":117},null,"_________",null,null,null,"Other",null,null,null,null,0,"_________"]
[null,null,"Crop Insurance 6",null,"Acre",1,{"$f":"+Inputs!C26","v":9.9},{"$f":"F18*G18","v":9.9},null,"_________",null,"Seed Treatment",null,"Seed Treatment","acre",1,1,{"$f":"Insecticides!#REF!","v":{"$error":"#REF!"}},{"$error":"#REF!"},"_________"]
[null,null,"Operating Interest 7",null,"%",{"$f":"SUM(H7:H18,H20)","v":{"$error":"#REF!"}},{"$f":"+Inputs!C14","v":0.08},{"$f":"(F19*G19)/2","v":{"$error":"#REF!"}},null,"_________",null,"Insecticides",null,"Foliar","acre",1,1,{"$f":"Insecticides!B5","v":5},{"$f":"P19*Q19*R19","v":5},"_________"]
[null,null,"Other Variable Costs",null,"Acre",1,0,{"$f":"F20*G20","v":0},null,"_________",null,"Fungicides",null,"Foliar","acre",1,1,{"$f":"+Fungicides!$B$3","v":10},{"$f":"P20*Q20*R20","v":10},"_________"]
[null,"Total Variable Expenses",null,null,null,null,null,{"$f":"SUM(H7:H20)","v":{"$error":"#REF!"}},null,"_________",null,null,null,"Other",null,null,null,null,{"$f":"P21*Q21*R21","v":0},"_________"]
[null,"Return Above Variable Expenses",null,null,null,null,null,{"$f":"H5-H21","v":{"$error":"#REF!"}},null,"_________",null,"Total",null,null,null,null,null,null,{"$f":"SUM(S12:S21)","v":{"$error":"#REF!"}},"_________"]
[null,"Fixed Expenses",null,null,null,null,null,null,null,null,null,"Table 3. Machinery 4"]
[null,null,"Machinery 4",null,null,null,null,null,null,null,null,null,"Power Unit","Implement","Size","Capital Recovery","Repairs & Maintenance","Fuel, Oil & Filter","Labor","Total","Your Farm ($/Acre)"]
[null,null,"  Capital Recovery (Table 3)",null,"Acre",1,{"$f":"+P36","v":117.7823267813226},{"$f":"+F25*G25","v":117.7823267813226},null,"_________",null,"Disk","Tractor, 215 hp","Tandem Disk","29'",{"$f":"+'Field Operations'!F5","v":11.600441777743047},{"$f":"+'Field Operations'!G5","v":2.0151247346106018},{"$f":"+'Field Operations'!H5","v":2.7160294117647057},{"$f":"+'Field Operations'!I5","v":1.8593644354293442},{"$f":"SUM(P25:S25)","v":18.190960359547699},"_________"]
[null,null,"  Other Fixed Machinery Costs",null,"Acre",1,0,{"$f":"+F26*G26","v":0},null,"_________",null,"Burndown","SP Boom Sprayer",null,"90'",{"$f":"+'Field Operations'!F11","v":9.4809013205524924},{"$f":"+'Field Operations'!G11","v":0.29428773488580628},{"$f":"+'Field Operations'!H11","v":0.37194513888888892},{"$f":"+'Field Operations'!I11","v":0.31828703703703703},{"$f":"SUM(P26:S26)","v":10.465421231364223},"_________"]
[null,null,"Property Taxes",null,"Acre",1,{"$f":"+Inputs!C31","v":0},{"$f":"+F27*G27","v":0},null,"_________",null,"Fertilize","Tractor, 215 hp","Fertilize Spreader","900#",{"$f":"+'Field Operations'!F10","v":5.1030296919423872},{"$f":"+'Field Operations'!G10","v":1.5965293414642521},{"$f":"+'Field Operations'!H10","v":2.4593923469387757},{"$f":"+'Field Operations'!I10","v":1.6836734693877555},{"$f":"SUM(P27:S27)","v":10.84262484973317},"_________"]
[null,null,"Insurance (Non-Machinery)",null,"Acre",1,{"$f":"+Inputs!C32","v":0},{"$f":"+F28*G28","v":0},null,"_________",null,"Plant","Tractor, 215 hp","Grain Drill","20 ft",{"$f":"+'Field Operations'!F9","v":12.485639956106363},{"$f":"+'Field Operations'!G9","v":5.2946804023429275},{"$f":"+'Field Operations'!H9","v":4.3039366071428571},{"$f":"+'Field Operations'!I9","v":2.9464285714285716},{"$f":"SUM(P28:S28)","v":25.03068553702072},"_________"]
[null,null,"Management Labor",null,"Acre",1,{"$f":"Inputs!C33","v":25},{"$f":"+F29*G29","v":25},null,"_________",null,"Weed Control","SP Boom Sprayer",null,"90'",{"$f":"+'Field Operations'!F11","v":9.4809013205524924},{"$f":"+'Field Operations'!G11","v":0.29428773488580628},{"$f":"+'Field Operations'!H11","v":0.37194513888888892},{"$f":"+'Field Operations'!I11","v":0.31828703703703703},{"$f":"SUM(P29:S29)","v":10.465421231364223},"_________"]
[null,null,"Other Fixed Costs",null,"Acre",1,0,{"$f":"+F30*G30","v":0},null,"_________",null,"Fertilize","SP Boom Sprayer",null,"90'",{"$f":"+'Field Operations'!F11","v":9.4809013205524924},{"$f":"+'Field Operations'!G11","v":0.29428773488580628},{"$f":"+'Field Operations'!H11","v":0.37194513888888892},{"$f":"+'Field Operations'!I11","v":0.31828703703703703},{"$f":"SUM(P30:S30)","v":10.465421231364223},"_________"]
[null,"Total Fixed Expenses",null,null,null,null,null,{"$f":"+SUM(H24:H29)","v":142.78232678132258},null,"_________",null,"Fungicide ","SP Boom Sprayer",null,"90'",{"$f":"+'Field Operations'!F11","v":9.4809013205524924},{"$f":"+'Field Operations'!G11","v":0.29428773488580628},{"$f":"+'Field Operations'!H11","v":0.37194513888888892},{"$f":"+'Field Operations'!I11","v":0.31828703703703703},{"$f":"SUM(P31:S31)","v":10.465421231364223},"_________"]
[null,"Return Above All Specified Expenses",null,null,null,null,null,{"$f":"H5-H21-H31","v":{"$error":"#REF!"}},null,"_________",null,"Insecticide","SP Boom Sprayer",null,"90'",{"$f":"+'Field Operations'!F11","v":9.4809013205524924},{"$f":"+'Field Operations'!G11","v":0.29428773488580628},{"$f":"+'Field Operations'!H11","v":0.37194513888888892},{"$f":"+'Field Operations'!I11","v":0.31828703703703703},{"$f":"SUM(P32:S32)","v":10.465421231364223},"_________"]
[null,null,null,null,null,null,null,null,null,null,null,"Harvest","Combine","Grain Head","30 ft",{"$f":"+'Field Operations'!$F$13","v":27.996941750468398},{"$f":"+'Field Operations'!$G$13","v":26.02550331564797},{"$f":"+'Field Operations'!$H$13","v":6.4559049107142847},{"$f":"+'Field Operations'!$I$13","v":2.4553571428571428},{"$f":"SUM(P33:S33)","v":62.933707119687803},"_________"]
[null,"Breakeven Price for Selected Yield",null,null,null,"Breakeven Yield for Selected Price",null,null,null,null,null,"Haul","Tractor, 215 hp","Grain Cart",null,{"$f":"+'Field Operations'!$F$14","v":7.0217670022999314},{"$f":"+'Field Operations'!$G$14","v":0.8354368883597314},{"$f":"+'Field Operations'!$H$14","v":1.5063778125},{"$f":"+'Field Operations'!$I$14","v":1.03125},{"$f":"SUM(P34:S34)","v":10.394831703159662},"_________"]
[null,"Yield (bu)","Variable Cost ($/bu)","Total Specified Cost ($/bu)",null,"Price ($/bu)","Variable Cost (bu)",null,"Total Specified Cost (bu)",null,null,"Haul","Semi Tractor/Trailer",null,{"$f":"'Field Operations'!E14","v":"800 bu"},{"$f":"'Field Operations'!$F$17","v":6.17},{"$f":"'Field Operations'!$G$17","v":0.43},{"$f":"'Field Operations'!$H$17","v":0.35},{"$f":"'Field Operations'!$I$17","v":0.77},{"$f":"'Field Operations'!J17","v":7.72},"_________"]
[null,{"$f":"SUM(B37-5)","v":50},{"$f":"$H$21/B36","v":{"$error":"#REF!"}},{"$f":"($H$21+$H$31)/B36","v":{"$error":"#REF!"}},null,{"$f":"SUM(F37-0.25)","v":4.8499999999999996},{"$f":"+$H$21/F36","v":{"$error":"#REF!"}},null,{"$f":"+($H$21+$H$31)/F36","v":{"$error":"#REF!"}},null,null,"Total",null,null,null,{"$f":"SUM(P25:P35)","v":117.7823267813226},{"$f":"SUM(Q25:Q35)","v":37.668713356854511},19.651366783505065,{"$f":"SUM(S25:S35)","v":12.337508804287999},187.43991572597014,"_________"]
[null,55,{"$error":"#REF!"},{"$error":"#REF!"},null,5.0999999999999996,{"$f":"+$H$21/F37","v":{"$error":"#REF!"}},null,{"$error":"#REF!"}]
[null,60,{"$error":"#REF!"},{"$error":"#REF!"},null,5.35,{"$error":"#REF!"},null,{"$error":"#REF!"}]
[null,{"$f":"SUM(B40-5)","v":65},{"$error":"#REF!"},{"$error":"#REF!"},null,{"$f":"SUM(F40-0.25)","v":5.6},{"$error":"#REF!"},null,{"$error":"#REF!"}]
[null,{"$f":"+F4","v":70},{"$error":"#REF!"},{"$error":"#REF!"},null,{"$f":"+G4","v":5.85},{"$error":"#REF!"},null,{"$error":"#REF!"}]
[null,{"$f":"SUM(B40+5)","v":75},{"$error":"#REF!"},{"$error":"#REF!"},null,{"$f":"SUM(F40+0.25)","v":6.1},{"$error":"#REF!"},null,{"$error":"#REF!"}]
[null,{"$f":"SUM(B41+5)","v":80},{"$error":"#REF!"},{"$error":"#REF!"},null,{"$f":"SUM(F41+0.25)","v":6.35},{"$error":"#REF!"},null,{"$error":"#REF!"}]
[null,85,{"$error":"#REF!"},{"$error":"#REF!"},null,6.6,{"$error":"#REF!"},null,{"$error":"#REF!"}]
[null,90,{"$error":"#REF!"},{"$error":"#REF!"},null,6.85,{"$error":"#REF!"},null,{"$error":"#REF!"}]
[]
[null,"FOOTNOTES"]
[null,"1) Wheat price was estimated using weighted average futures prices from July 2018 to May 2019 on December 29, 2018, adjusted by average monthly basis in Tennessee. Wheat yield is the predicted 2018 linear trend line yield for wheat in Tennessee using state average yields from 1980-2018. If a market for straw is available, add an appropriate amount to return to land, management, and risk, based on the expected yield and price of the straw, less harvest and marketing costs."]
[null,"2) Seed treatment is to protect against Barley Yellow Dwarf virus."]
[null,"3) Cost may vary depending on fungicide used and application rate per acre. Check with farm suppliers for rebates, discounts, and incentives for seed and chemicals. Substantial cost savings may be available."]
[null,"4) Machinery expenses will vary dramatically by operation, financial resources, and land base. The machinery cost estimates provided in Table 3 are provided as an estimate of cost of ownership and operation for specified pieces of machinery that would be available to a \"representative\" row-crop farm in Tennessee. To estimate machinery costs for a specific set of equipment, interested parties can utilize the Excel version of the budgets and modify the Machinery Assumptions Table. "]
[null,"5) Cash rental rates are the 2018 USDA-NASS reported cash rental rates for cropland in Tennessee. Substantial differences may exist in cash rental rates reported by NASS and the prevailing rate in your location."]
[null,"6) Crop insurance is an estimate and will vary by policy, county, and coverage election. The estimate provided is the average premium paid per insured acre of wheat in Tennessee for the previous production year as reported by USDA RMA's Summary of Business Report."]
[null,"7) Operating interest is assumed to be charged on half of all variable expenses."]

{"sheet":"Cotton NT","index":14,"n_rows":53,"n_cols":21,"rows_kept":53,"cut":false,"hidden":false,"merged":[[48,6,48,7],[48,8,48,9],[47,6,47,7],[47,8,47,9],[41,6,41,7],[41,8,41,9],[42,6,42,7],[45,6,45,7],[45,8,45,9],[43,6,43,7],[43,8,43,9],[46,6,46,7],[46,8,46,9],[44,6,44,7],[44,8,44,9],[42,8,42,9],[59,1,59,9],[62,1,62,9],[60,1,60,9],[55,1,57,9],[58,1,58,9],[22,19,22,20],[68,1,68,9],[69,1,69,9],[67,1,67,9],[61,1,61,9],[49,6,49,7],[63,1,63,9],[49,8,49,9],[50,6,50,7],[50,8,50,9],[64,1,64,9],[65,1,65,9],[52,8,52,9],[52,6,52,7],[51,6,51,7],[51,8,51,9],[20,19,20,20],[16,19,16,20],[17,19,17,20],[18,19,18,20],[21,19,21,20],[0,1,0,9],[2,4,2,9],[23,1,23,6],[6,1,6,6],[30,19,30,20],[29,19,29,20],[23,19,23,20],[25,19,25,20],[26,19,26,20],[27,19,27,20],[28,19,28,20],[24,19,24,20],[24,1,24,6],[14,19,14,20],[15,19,15,20],[19,19,19,20],[36,1,36,6],[40,1,40,3],[40,5,40,9],[35,1,35,6],[31,19,31,20],[34,1,34,6]]}
[null,"2025 Cotton, No-Till, Non-Irrigated Budget",null,null,null,null,null,null,null,null,null,"Table 1. Fertilizer & Lime3"]
[null,null,null,null,"Unit ","Quantity ","Price","Total",null,"Your Farm",null,"Fertilizer ","Description","Quantity (lbs.)","Price ($)","Total ($/Acre)","Your Farm ($/Acre)"]
[null,"Revenue1",null,null,"Gross Revenue ($/Acre)",null,null,null,null,null,null,"Nitrogen","Urea",35,{"$f":"+Inputs!C44","v":0.52},{"$f":"+N3*O3","v":18.2},"_________"]
[null,null,"Cotton",null,"lb.",1150,{"$f":"+Inputs!C7","v":0.72},{"$f":"F4*G4","v":828},null,"_________",null,null,"UAN 32%",35,{"$f":"Inputs!C47","v":0.54},{"$f":"+N4*O4","v":18.900000000000002},"_________"]
[null,null,"Government Payments",null,"$/acre",1,0,{"$f":"F5*G5","v":0},null,"_________",null,"Phosphorous","P2O5",60,{"$f":"+Inputs!C48","v":0.66},{"$f":"+N5*O5","v":39.6},"_________"]
[null,null,"Cotton Seed or Gin Rebate",null,"$/acre",1,0,0,null,"_________",null,"Potassium","K20",90,{"$f":"+Inputs!C50","v":0.36},{"$f":"+N6*O6","v":32.4},"_________"]
[null,"Total Revenue",null,null,null,null,null,{"$f":"SUM(H4:H6)","v":828},null,"_________",null,"Sulfur ",null,10,{"$f":"Inputs!C53","v":0.3},{"$f":"+N7*O7","v":3},"_________"]
[null,"Variable Expenses",null,null,null,null,null,null,null,null,null,"Boron",null,0.5,{"$f":"Inputs!$C$52","v":0.7},{"$f":"N8*O8","v":0.35},"_________"]
[null,null,"Seed2",null,"Thous.",50,{"$f":"+Inputs!C40","v":3.1},{"$f":"+F9*G9","v":155},null,"_________",null,"Lime",null,1000,{"$f":"+Inputs!$C$51","v":30},{"$f":"+N9/2000*O9","v":15},"_________"]
[null,null,"Wrap",null,"lb.",{"$f":"F4","v":1150},{"$f":"+Inputs!C21","v":1.6500000000000001E-2},{"$f":"+F10*G10","v":18.975000000000001},null,"_________",null,"Other",null,0,0,{"$f":"N10*O10","v":0},"_________"]
[null,null,"Fertilizer & Lime (Table 1)",null,"Acre",1,{"$f":"+P12","v":127.44999999999999},127.44999999999999,null,"_________",null,"Other",null,0,0,{"$f":"+N11*O11","v":0},"_________"]
[null,null,"Chemical (Table 2)",null,"Acre",1,{"$f":"S32","v":174.64749999999998},174.64749999999998,null,"_________",null,"Total",null,null,null,{"$f":"SUM(P3:P11)","v":127.44999999999999},"_________"]
[null,null,"Crop Scout or Consultant",null,"Acre",1,{"$f":"+Inputs!C19","v":12},12,null,"_________"]
[null,null,"Repair & Maintenance (Table 3)",null,"Acre",1,{"$f":"$Q$52","v":32.661151528792054},32.661151528792054,null,"_________",null,"Table 2. Chemicals4"]
[null,null,"Fuel, Oil & Filter (Table 3)",null,"Acre",1,{"$f":"$R$52","v":28.103931867742201},28.103931867742201,null,"_________",null,"Chemical","Function","Description","Unit","Number of Apps.","Quantity","Price","Total ($/Acre)","Your Farm ($/Acre)"]
[null,null,"Operator Labor (Table 3)",null,"Acre",1,{"$f":"$S$52","v":15.438081875828734},15.438081875828734,null,"_________",null,"Herbicides","Burndown","Roundup PowerMax","oz.",1,32,{"$f":"Herbicides!B92","v":0.4375},{"$f":"P16*Q16*R16","v":14},"_________"]
[null,null,"Crop Insurance6",null,"Acre",1,{"$f":"+Inputs!C28","v":11.15},{"$f":"+F17*G17","v":11.15},null,"_________",null,null,null,"Other","oz.",0,0,0,{"$f":"P17*Q17*R17","v":0},"_________"]
[null,null,"Machinery Rental ",null,"Acre",1,0,0,null,"_________",null,null,"At-Planting","Cotoran 4L","pt.",1,1,{"$f":"+Herbicides!B33","v":6.25},{"$f":"P18*Q18*R18","v":6.25},"_________"]
[null,null,"Custom Work",null,"Acre",1,0,0,null,"_________",null,null,null,"Caparol 4L","pt.",1,1,{"$f":"+Herbicides!B24","v":6},6,"_________"]
[null,null,"Other Transportation Costs",null,"Acre",1,0,0,null,"_________",null,null,"Post-Emerge","Sequence","pt.",1,2.5,{"$f":"+Herbicides!B95","v":8.5},21.25,"_________"]
[null,null,"Other",null,"Acre",0,0,{"$f":"F21*G21","v":0},null,"_________",null,null,null,"Roundup PowerMax","oz.",1,31,{"$f":"+Herbicides!B92","v":0.4375},13.5625,"_________"]
[null,null,"Other",null,"Acre",0,0,{"$f":"F22*G22","v":0},null,"_________",null,null,null,"Caparol","pt.",1,2,{"$f":"Herbicides!B24","v":6},12,"_________"]
[null,null,"Operating Interest7",null,"%",{"$f":"SUM(H9:H22)","v":575.42566527236283},{"$f":"+Inputs!C14","v":0.08},{"$f":"(F23*G23)/2","v":23.017026610894515},null,"_________",null,null,null,"Valor","oz.",1,2,{"$f":"+Herbicides!B108","v":3.6875},7.375,"_________"]
[null,"Total Variable Expenses",null,null,null,null,null,{"$f":"SUM(H9:H23)","v":598.44269188325734},null,"_________",null,null,null,"Other",null,0,0,0,{"$f":"P24*Q24*R24","v":0},"_________"]
[null,"Return Above Variable Expenses",null,null,null,null,null,{"$f":"H7-H24","v":229.55730811674266},null,"_________",null,"Growth Regulator",null,"Mepex (Mepiquat Chloride)","acre",1,1,{"$f":"+Herbicides!$B$70","v":2.2400000000000002},{"$f":"P25*Q25*R25","v":2.2400000000000002},"_________"]
[null,"Fixed Expenses",null,null,null,null,null,null,null,null,null,"Defoliant",null,"Defoliant","acre",1,1,{"$f":"+Herbicides!$B$35","v":18},{"$f":"P26*Q26*R26","v":18},"_________"]
[null,null,"Machinery",null,null,null,null,null,null,null,null,"Boll Opener",null,"Ethephon","acre",1,1,{"$f":"+Herbicides!$B$20","v":8.9700000000000006},{"$f":"P27*Q27*R27","v":8.9700000000000006},"_________"]
[null,null,"  Capital Recovery (Table 3)",null,"Acre",1,{"$f":"+P52","v":171.71583416891613},{"$f":"+F28*G28","v":171.71583416891613},null,"_________",null,"Insecticides",null,"Foliar","acre",1,1,{"$f":"+Insecticides!$B$3","v":65},{"$f":"P28*Q28*R28","v":65},"_________"]
[null,null,"  Other Fixed Machinery Costs",null,"Acre",1,0,{"$f":"+F29*G29","v":0},null,"_________",null,null,null,"Other",null,0,0,0,{"$f":"P29*Q29*R29","v":0},"_________"]
[null,null,"General Overhead",null,"Acre",1,20,20,null,"_________",null,"Fungicides",null,"Other",null,0,0,0,{"$f":"P30*Q30*R30","v":0},"_________"]
[null,null,"Cash Rent8",null,"Acre",1,{"$f":"+Inputs!C23","v":117},117,null,"_________",null,null,null,"Other",null,0,0,0,{"$f":"P31*Q31*R31","v":0},"_________"]
[null,null,"Insurance (Non-Machinery)",null,"Acre",1,{"$f":"+Inputs!C32","v":0},0,null,"_________",null,"Total",null,null,null,null,null,null,{"$f":"SUM(S16:S31)","v":174.64749999999998},"_________"]
[null,null,"Management Labor10",null,"Acre",1,{"$f":"Inputs!C33","v":25},25,null,"_________"]
[null,null,"Other Fixed Costs",null,"Acre",1,0,0,null,"_________",null,"Table 3. Machinery5"]
[null,"Total Fixed Expenses",null,null,null,null,null,{"$f":"+SUM(H28:H34)","v":333.7158341689161},null,"_________",null,null,"Power Unit","Implement","Size","Capital Recovery","Repairs & Maintenance","Fuel, Oil & Filter","Labor","Total","Your Farm ($/Acre)"]
[null,"Total Expenses",null,null,null,null,null,{"$f":"+SUM(H24+H35)","v":932.15852605217344},null,"_________",null,"Chop Stalks","Tractor, 215 hp","Rotary Mower","15'",{"$f":"+'Field Operations'!$F$18","v":8.0381686759148252},{"$f":"+'Field Operations'!$G$18","v":4.2157079081632656},{"$f":"+'Field Operations'!$H$18","v":3.5866138392857145},{"$f":"+'Field Operations'!$I$18","v":2.4553571428571428},{"$f":"SUM(P36:S36)","v":18.295847566220949},"_________"]
[null,"Return Above Specified Expenses",null,null,null,null,null,{"$f":"H7-H36","v":-104.15852605217344},null,"_________",null,"Burndown","SP Boom Sprayer",null,"90'",{"$f":"+'Field Operations'!$F$11","v":9.4809013205524924},{"$f":"+'Field Operations'!$G$11","v":0.29428773488580628},{"$f":"+'Field Operations'!$H$11","v":0.37194513888888892},{"$f":"+'Field Operations'!$I$11","v":0.31828703703703703},10.465421231364223,"_________"]
[null,null,null,null,null,null,"Cash Cost per lb",{"$f":"(SUM(H9:H23)+H30+H31)/F4","v":0.63951538424631071},null,"_________",null,"Plant","Tractor, 215 hp","Planter",{"$f":"+'Field Operations'!E19","v":"12-row"},{"$f":"+'Field Operations'!$F$19","v":13.314526888547832},{"$f":"+'Field Operations'!$G$19","v":5.0222358589387897},{"$f":"+'Field Operations'!$H$19","v":3.0900057692307694},{"$f":"+'Field Operations'!$I$19","v":2.1153846153846154},{"$f":"SUM(P38:S38)","v":23.542153132102005},"_________"]
[null,null,null,null,null,null,"Economic Cost per lb",{"$f":"H36/F4","v":0.81057263134971602},null,"_________",null,"Fertilize","Tractor, 215 hp","Fertilize Spreader",null,{"$f":"+'Field Operations'!$F$10","v":5.1030296919423872},{"$f":"+'Field Operations'!$G$10","v":1.5965293414642521},{"$f":"+'Field Operations'!$H$10","v":2.4593923469387757},{"$f":"+'Field Operations'!$I$10","v":1.6836734693877555},{"$f":"SUM(P39:S39)","v":10.84262484973317},"_________"]
[null,null,null,null,null,null,null,null,null,null,null,"Weed Control","SP Boom Sprayer",null,"90'",{"$f":"+'Field Operations'!$F$11","v":9.4809013205524924},{"$f":"+'Field Operations'!$G$11","v":0.29428773488580628},{"$f":"+'Field Operations'!$H$11","v":0.37194513888888892},{"$f":"+'Field Operations'!$I$11","v":0.31828703703703703},{"$f":"SUM(P40:S40)","v":10.465421231364223},"_________"]
[null,"Breakeven Price for Selected Yield",null,null,null,"Breakeven Yield for Selected Price",null,null,null,null,null,"Weed Control","SP Boom Sprayer",null,"90'",{"$f":"+'Field Operations'!$F$11","v":9.4809013205524924},{"$f":"+'Field Operations'!$G$11","v":0.29428773488580628},{"$f":"+'Field Operations'!$H$11","v":0.37194513888888892},{"$f":"+'Field Operations'!$I$11","v":0.31828703703703703},10.465421231364223,"_________"]
[null,"Yield (lb.)","Variable Cost ($/lb.)","Total Specified Cost ($/lb.)",null,"Price ($/lb.)","Variable Cost (lb.)",null,"Total Specified Cost (lb.)",null,null,"Weed Control","SP Boom Sprayer",null,"90'",{"$f":"+'Field Operations'!$F$11","v":9.4809013205524924},{"$f":"+'Field Operations'!$G$11","v":0.29428773488580628},{"$f":"+'Field Operations'!$H$11","v":0.37194513888888892},{"$f":"+'Field Operations'!$I$11","v":0.31828703703703703},{"$f":"SUM(P42:S42)","v":10.465421231364223},"_________"]
[null,{"$f":"SUM(B44-50)","v":900},{"$f":"$H$24/B43","v":0.66493632431473038},{"$f":"($H$24+$H$35)/B43","v":1.0357316956135261},null,{"$f":"SUM(F44-0.05)","v":0.46999999999999981},{"$f":"+$H$24/F43","v":1273.2823231558673},null,{"$f":"+($H$24+$H$35)/F43","v":1983.3160128769655},null,null,"Weed Control","Tractor, 215 hp","Hooded Sprayer",null,{"$f":"+'Field Operations'!$F$20","v":2.3349502736856858},{"$f":"+'Field Operations'!$G$20","v":0.3788848373361865},{"$f":"+'Field Operations'!$H$20","v":0.85833493589743581},{"$f":"+'Field Operations'!$I$20","v":0.58760683760683763},4.1597768845261456,"_________"]
[null,950,0.62993967566658671,0.98121950110755096,null,0.5199999999999998,1150.8513305447261,null,1792.6125501003341,null,null,"Fertilize","Tractor, 215 hp","Fertilize Spreader",null,{"$f":"'Field Operations'!F10","v":5.1030296919423872},{"$f":"'Field Operations'!G10","v":1.5965293414642521},{"$f":"'Field Operations'!H10","v":2.4593923469387757},{"$f":"'Field Operations'!I10","v":1.6836734693877555},{"$f":"SUM(P44:S44)","v":10.84262484973317},"_________"]
[null,1000,0.59844269188325738,0.93215852605217342,null,0.56999999999999984,1049.8994594443113,null,1635.3658351792521,null,null,"Spray","SP Boom Sprayer",null,"90'",{"$f":"+'Field Operations'!$F$11","v":9.4809013205524924},{"$f":"+'Field Operations'!$G$11","v":0.29428773488580628},{"$f":"+'Field Operations'!$H$11","v":0.37194513888888892},{"$f":"+'Field Operations'!$I$11","v":0.31828703703703703},10.465421231364223,"_________"]
[null,1050,0.56994542084119748,0.88777002481159373,null,0.61999999999999988,965.23014819880234,null,1503.4814936325381,null,null,"Spray","SP Boom Sprayer",null,"90'",{"$f":"+'Field Operations'!$F$11","v":9.4809013205524924},{"$f":"+'Field Operations'!$G$11","v":0.29428773488580628},{"$f":"+'Field Operations'!$H$11","v":0.37194513888888892},{"$f":"+'Field Operations'!$I$11","v":0.31828703703703703},10.465421231364223,"_________"]
[null,{"$f":"SUM(B48-50)","v":1100},0.54403881080296124,0.84741684186561217,null,{"$f":"SUM(F48-0.05)","v":0.66999999999999993},893.19804758695136,null,1391.2813821674231,null,null,"Spray","SP Boom Sprayer",null,"90'",{"$f":"+'Field Operations'!$F$11","v":9.4809013205524924},{"$f":"+'Field Operations'!$G$11","v":0.29428773488580628},{"$f":"+'Field Operations'!$H$11","v":0.37194513888888892},{"$f":"+'Field Operations'!$I$11","v":0.31828703703703703},10.465421231364223,"_________"]
[null,{"$f":"+F4","v":1150},0.52038494946370206,0.81057263134971602,null,{"$f":"+G4","v":0.72},831.17040539341303,null,1294.6646195169076,null,null,"Harvest","Picker/Module Builder (Round)",null,"6-row",{"$f":"+'Field Operations'!$F$24","v":68.179608128475365},{"$f":"+'Field Operations'!$G$24","v":16.95163301628347},{"$f":"+'Field Operations'!$H$24","v":10.765706612258493},{"$f":"+'Field Operations'!$I$24","v":3.122918054630246},99.019865811647577,"_________"]
[null,{"$f":"SUM(B48+50)","v":1200},0.49870224323604778,0.77679877171014455,null,{"$f":"SUM(F48+0.05)","v":0.77},777.19830114708748,null,1210.5954883794459,null,null,"Harvest","Tractor, 215 hp","Module Handler",null,{"$f":"+'Field Operations'!$F$25","v":3.2762115745402216},{"$f":"+'Field Operations'!$G$25","v":0.83961708094118925},{"$f":"+'Field Operations'!$H$25","v":2.2808700449700194},{"$f":"+'Field Operations'!$I$25","v":1.561459027315123},7.9581577277665536,"_________"]
[null,{"$f":"SUM(B49+50)","v":1250},0.47875415350660588,0.7457268208417388,null,{"$f":"SUM(F49+0.05)","v":0.82000000000000006},729.80816083324055,null,1136.7786903075284,null,null,"Other",null,null,null,0,0,0,0,0,"_________"]
[null,1300,0.46034053221789029,0.71704502004013337,null,0.87000000000000011,687.8651630842038,null,1071.4465816691647,null,null,"Other",null,null,null,0,0,0,0,{"$f":"SUM(P51:S51)","v":0},"_________"]
[null,1350,0.44329088287648694,0.69048779707568408,null,0.92000000000000015,650.4811868296274,null,1013.2157891871449,null,null,"Total",null,null,null,{"$f":"SUM(P36:P51)","v":171.71583416891613},{"$f":"SUM(Q36:Q51)","v":32.661151528792054},{"$f":"SUM(R36:R51)","v":28.103931867742201},{"$f":"SUM(S36:S51)","v":15.438081875828734},{"$f":"SUM(T36:T51)","v":247.91899944127908},"_________"]
[null,1400,0.42745906563089808,0.66582751860869527,null,0.9700000000000002,616.95122874562605,null,960.98817118780744]

{"sheet":"Cotton CT","index":15,"n_rows":54,"n_cols":21,"rows_kept":54,"cut":false,"hidden":false,"merged":[[44,8,44,9],[34,1,34,6],[41,6,41,7],[40,1,40,3],[40,5,40,9],[36,1,36,6],[48,8,48,9],[48,6,48,7],[49,8,49,9],[50,8,50,9],[42,6,42,7],[49,6,49,7],[45,8,45,9],[46,6,46,7],[46,8,46,9],[50,6,50,7],[45,6,45,7],[47,6,47,7],[47,8,47,9],[43,6,43,7],[43,8,43,9],[44,6,44,7],[62,1,62,9],[61,1,61,9],[63,1,63,9],[52,8,52,9],[51,6,51,7],[52,6,52,7],[51,8,51,9],[59,1,59,9],[55,1,57,9],[60,1,60,9],[58,1,58,9],[71,1,71,9],[72,1,72,9],[70,1,70,9],[66,1,66,9],[64,1,64,9],[65,1,65,9],[69,1,69,9],[0,1,0,9],[2,4,2,9],[6,1,6,6],[24,1,24,6],[23,1,23,6],[27,19,27,20],[26,19,26,20],[41,8,41,9],[42,8,42,9],[35,1,35,6],[28,19,28,20],[29,19,29,20],[14,19,14,20],[15,19,15,20],[20,19,20,20],[24,19,24,20],[25,19,25,20],[16,19,16,20],[17,19,17,20],[18,19,18,20],[19,19,19,20],[21,19,21,20],[22,19,22,20],[23,19,23,20]]}
[null,"2025 Cotton, Conventional Tillage, Non-Irrigated Budget",null,null,null,null,null,null,null,null,null,"Table 1. Fertilizer & Lime3"]
[null,null,null,null,"Unit ","Quantity ","Price","Total",null,"Your Farm",null,"Fertilizer ","Description","Quantity (lbs.)","Price ($)","Total ($/Acre)","Your Farm ($/Acre)"]
[null,"Revenue1",null,null,"Gross Revenue ($/Acre)",null,null,null,null,null,null,"Nitrogen","Urea",35,{"$f":"+Inputs!C44","v":0.52},{"$f":"+N3*O3","v":18.2},"_________"]
[null,null,"Cotton",null,"lb.",1150,{"$f":"+Inputs!C7","v":0.72},{"$f":"F4*G4","v":828},null,"_________",null,null,"UAN 32%",35,{"$f":"Inputs!C47","v":0.54},{"$f":"+N4*O4","v":18.900000000000002},"_________"]
[null,null,"Government Payments",null,"$/acre",1,0,{"$f":"F5*G5","v":0},null,"_________",null,"Phosphorous","P2O5",60,{"$f":"+Inputs!C48","v":0.66},{"$f":"+N5*O5","v":39.6},"_________"]
[null,null,"Other Revenue",null,"$/acre",1,0,0,null,"_________",null,"Potassium","K20",90,{"$f":"+Inputs!C50","v":0.36},{"$f":"+N6*O6","v":32.4},"_________"]
[null,"Total Revenue",null,null,null,null,null,{"$f":"SUM(H4:H6)","v":828},null,"_________",null,"Sulfur ",null,10,{"$f":"Inputs!C53","v":0.3},3,"_________"]
[null,"Variable Expenses",null,null,null,null,null,null,null,null,null,"Boron",null,0.5,{"$f":"+Inputs!$C$52","v":0.7},0.35,"_________"]
[null,null,"Seed2",null,"Thous.",50,{"$f":"+Inputs!C40","v":3.1},{"$f":"+F9*G9","v":155},null,"_________",null,"Lime",null,1000,{"$f":"+Inputs!$C$51","v":30},{"$f":"+N9/2000*O9","v":15},"_________"]
[null,null,"Wrap",null,"lb.",{"$f":"F4","v":1150},{"$f":"+Inputs!C21","v":1.6500000000000001E-2},{"$f":"+F10*G10","v":18.975000000000001},null,"_________",null,"Other",null,0,0,{"$f":"N10*O10","v":0},"_________"]
[null,null,"Fertilizer & Lime (Table 1)",null,"Acre",1,{"$f":"+P12","v":127.44999999999999},127.44999999999999,null,"_________",null,"Other",null,0,0,{"$f":"+N11*O11","v":0},"_________"]
[null,null,"Chemical (Table 2)",null,"Acre",1,{"$f":"S30","v":156.62666666666667},156.62666666666667,null,"_________",null,"Total",null,null,null,{"$f":"SUM(P3:P11)","v":127.44999999999999},"_________"]
[null,null,"Crop Scout or Consultant",null,"Acre",1,{"$f":"+Inputs!C19","v":12},12,null,"_________"]
[null,null,"Repair & Maintenance (Table 3)",null,"Acre",1,{"$f":"$Q$54","v":38.695083553098804},38.695083553098804,null,"_________",null,"Table 2. Chemicals4"]
[null,null,"Fuel, Oil & Filter (Table 3)",null,"Acre",1,{"$f":"$R$54","v":37.589597226489879},37.589597226489879,null,"_________",null,"Chemical","Function","Description","Unit","Number of Apps.","Quantity","Price","Total ($/Acre)","Your Farm ($/Acre)"]
[null,null,"Operator Labor (Table 3)",null,"Acre",1,{"$f":"$S$54","v":21.868208643968945},21.868208643968945,null,"_________",null,"Herbicides","Pre-Emerge ","Cotoran ","pt.",1,2,{"$f":"Herbicides!B33","v":6.25},{"$f":"P16*Q16*R16","v":12.5},"_________"]
[null,null,"Crop Insurance6",null,"Acre",1,{"$f":"+Inputs!C28","v":11.15},{"$f":"+F17*G17","v":11.15},null,"_________",null,null,null,"Gramoxone","oz.",1,32,{"$f":"Herbicides!B61","v":0.3125},{"$f":"P17*Q17*R17","v":10},"_________"]
[null,null,"Machinery Rental ",null,"Acre",1,0,0,null,"_________",null,null,null,"Other",null,0,0,0,{"$f":"P18*Q18*R18","v":0},"_________"]
[null,null,"Custom Work",null,"Acre",1,0,0,null,"_________",null,null,"Post-Emerge","Sequence","pt.",1,2.5,{"$f":"Herbicides!B95","v":8.5},21.25,"_________"]
[null,null,"Other Transportation Costs",null,"Acre",1,0,0,null,"_________",null,null,null,"Envoke","oz.",1,0.1,{"$f":"Herbicides!B46","v":126.66666666666667},12.666666666666668,"_________"]
[null,null,"Other",null,"Acre",0,0,{"$f":"F21*G21","v":0},null,"_________",null,null,null,"Caparol","pt.",1,1,{"$f":"Herbicides!B24","v":6},6,"_________"]
[null,null,"Other",null,"Acre",0,0,{"$f":"F22*G22","v":0},null,"_________",null,null,null,"Other",null,0,0,0,0,"_________"]
[null,null,"Operating Interest7",null,"%",{"$f":"SUM(H9:H22)","v":579.35455609022426},{"$f":"+Inputs!C14","v":0.08},{"$f":"(F23*G23)/2","v":23.174182243608971},null,"_________",null,"Growth Regulator",null,"Mepex (Mepiquat Chloride)","acre",1,1,{"$f":"+Herbicides!$B$70","v":2.2400000000000002},2.2400000000000002,"_________"]
[null,"Total Variable Expenses",null,null,null,null,null,{"$f":"SUM(H9:H23)","v":602.52873833383319},null,"_________",null,"Defoliant",null,"Other","acre",1,1,{"$f":"+Herbicides!$B$35","v":18},18,"_________"]
[null,"Return Above Variable Expenses",null,null,null,null,null,{"$f":"H7-H24","v":225.47126166616681},null,"_________",null,"Boll Opener",null,"Ethephon","acre",1,1,{"$f":"+Herbicides!$B$20","v":8.9700000000000006},8.9700000000000006,"_________"]
[null,"Fixed Expenses",null,null,null,null,null,null,null,null,null,"Insecticides",null,"Foliar","acre",1,1,{"$f":"+Insecticides!$B$3","v":65},{"$f":"P26*Q26*R26","v":65},"_________"]
[null,null,"Machinery",null,null,null,null,null,null,null,null,null,null,"Other",null,0,0,0,0,"_________"]
[null,null,"  Capital Recovery (Table 3)",null,"Acre",1,{"$f":"$P$54","v":189.02513113311161},{"$f":"+F28*G28","v":189.02513113311161},null,"_________",null,"Fungicides",null,"Other",null,0,0,0,0,"_________"]
[null,null,"  Other Fixed Machinery Costs",null,"Acre",1,{"$f":"+Inputs!C32","v":0},{"$f":"+F29*G29","v":0},null,"_________",null,null,null,"Other",null,0,0,0,{"$f":"P29*Q29*R29","v":0},"_________"]
[null,null,"General Overhead",null,"Acre",1,20,{"$f":"+F30*G30","v":20},null,"_________",null,"Total",null,null,null,null,null,null,{"$f":"SUM(S16:S29)","v":156.62666666666667},"_________"]
[null,null,"Cash Rent8",null,"Acre",1,{"$f":"+Inputs!C23","v":117},{"$f":"+F31*G31","v":117},null,"_________"]
[null,null,"Insurance (Non-Machinery)",null,"Acre",1,{"$f":"+Inputs!C32","v":0},{"$f":"+F32*G32","v":0},null,"_________",null,"Table 3. Machinery5"]
[null,null,"Management Labor10",null,"Acre",1,{"$f":"Inputs!C33","v":25},{"$f":"+F33*G33","v":25},null,"_________",null,null,"Power Unit","Implement","Size","Capital Recovery","Repairs & Maintenance","Fuel, Oil & Filter","Labor","Total","Your Farm ($/Acre)"]
[null,null,"Other Fixed Costs",null,"Acre",1,0,{"$f":"+F34*G34","v":0},null,"_________",null,"Chop Stalks","Tractor, 215 hp","Rotary Mower","15'",{"$f":"+'Field Operations'!$F$18","v":8.0381686759148252},{"$f":"+'Field Operations'!$G$18","v":4.2157079081632656},{"$f":"+'Field Operations'!$H$18","v":3.5866138392857145},{"$f":"+'Field Operations'!$I$18","v":2.4553571428571428},{"$f":"SUM(P34:S34)","v":18.295847566220949},"_________"]
[null,"Total Fixed Expenses",null,null,null,null,null,{"$f":"+SUM(H27:H34)","v":351.02513113311159},null,"_________",null,"Chisel","Tractor, 215 hp","Chisel Plow","21'",{"$f":"+'Field Operations'!$F$4","v":6.9527034197614555},{"$f":"+'Field Operations'!$G$4","v":2.0348984445795764},{"$f":"+'Field Operations'!$H$4","v":3.3756365546218485},{"$f":"+'Field Operations'!$I$4","v":2.3109243697478994},{"$f":"SUM(P35:S35)","v":14.674162788710781},"_________"]
[null,"Total Expenses",null,null,null,null,null,{"$f":"+SUM(H24+H35)","v":953.55386946694478},null,"_________",null,"Disk","Tractor, 215 hp","Tandem Disk","29'",{"$f":"+'Field Operations'!$F$5","v":11.600441777743047},{"$f":"+'Field Operations'!$G$5","v":2.0151247346106018},{"$f":"+'Field Operations'!$H$5","v":2.7160294117647057},{"$f":"+'Field Operations'!$I$5","v":1.8593644354293442},{"$f":"SUM(P36:S36)","v":18.190960359547699},"_________"]
[null,"Return Above Specified Expenses",null,null,null,null,null,{"$f":"H7-H36","v":-125.55386946694478},null,"_________",null,"Prepare Seedbed","Tractor, 215 hp","Cultimulcher","20'",{"$f":"+'Field Operations'!$F$7","v":8.2370530872434546},{"$f":"+'Field Operations'!$G$7","v":2.2781965800023798},{"$f":"+'Field Operations'!$H$7","v":3.7659445312499993},{"$f":"+'Field Operations'!$I$7","v":2.578125},{"$f":"SUM(P37:S37)","v":16.859319198495832},"_________"]
[null,null,null,null,null,null,"Cash Cost per lb",{"$f":"(SUM(H9:H23)+H30+H31)/F4","v":0.64306846811637663},null,"_________"]
[null,null,null,null,null,null,"Economic Cost per lb",{"$f":"H36/F4","v":0.82917727779734329},null,"_________"]
[null,null,null,null,null,null,null,null,null,null,null,"Fertilize","Tractor, 215 hp","Fertilize Spreader",null,{"$f":"+'Field Operations'!$F$10","v":5.1030296919423872},{"$f":"+'Field Operations'!$G$10","v":1.5965293414642521},{"$f":"+'Field Operations'!$H$10","v":2.4593923469387757},{"$f":"+'Field Operations'!$I$10","v":1.6836734693877555},{"$f":"SUM(P40:S40)","v":10.84262484973317},"_________"]
[null,"Breakeven Price for Selected Yield",null,null,null,"Breakeven Yield for Selected Price",null,null,null,null,null,"Plant","Tractor, 215 hp","Planter",{"$f":"+'Field Operations'!E19","v":"12-row"},{"$f":"+'Field Operations'!$F$19","v":13.314526888547832},{"$f":"+'Field Operations'!$G$19","v":5.0222358589387897},{"$f":"+'Field Operations'!$H$19","v":3.0900057692307694},{"$f":"+'Field Operations'!$I$19","v":2.1153846153846154},23.542153132102005,"_________"]
[null,"Yield (lb.)","Variable Cost ($/lb.)","Total Specified Cost ($/lb.)",null,"Price ($/lb.)","Variable Cost (lb.)",null,"Total Specified Cost (lb.)",null,null,"Weed Control","SP Boom Sprayer",null,"90'",{"$f":"+'Field Operations'!$F$11","v":9.4809013205524924},{"$f":"+'Field Operations'!$G$11","v":0.29428773488580628},{"$f":"+'Field Operations'!$H$11","v":0.37194513888888892},{"$f":"+'Field Operations'!$I$11","v":0.31828703703703703},10.465421231364223,"_________"]
[null,{"$f":"SUM(B44-50)","v":900},{"$f":"$H$24/B43","v":0.66947637592648135},{"$f":"($H$24+$H$35)/B43","v":1.0595042994077164},null,{"$f":"SUM(F44-0.05)","v":0.46999999999999981},{"$f":"+$H$24/F43","v":1281.9760390081562},null,{"$f":"+($H$24+$H$35)/F43","v":2028.8380201424366},null,null,"Weed Control","SP Boom Sprayer",null,"90'",{"$f":"+'Field Operations'!$F$11","v":9.4809013205524924},{"$f":"+'Field Operations'!$G$11","v":0.29428773488580628},{"$f":"+'Field Operations'!$H$11","v":0.37194513888888892},{"$f":"+'Field Operations'!$I$11","v":0.31828703703703703},10.465421231364223,"_________"]
[null,950,0.63424077719350858,1.003740915228363,null,0.5199999999999998,1158.709112180449,null,1833.7574412825868,null,null,"Weed Control","Tractor, 215 hp","Hooded Sprayer",null,{"$f":"+'Field Operations'!$F$20","v":2.3349502736856858},{"$f":"+'Field Operations'!$G$20","v":0.3788848373361865},{"$f":"+'Field Operations'!$H$20","v":0.85833493589743581},{"$f":"+'Field Operations'!$I$20","v":0.58760683760683763},4.1597768845261456,"_________"]
[null,1000,0.60252873833383314,0.95355386946694476,null,0.56999999999999984,1057.0679619891814,null,1672.9015253806053,null,null,"Weed Control","SP Boom Sprayer",null,"90'",{"$f":"+'Field Operations'!$F$11","v":9.4809013205524924},{"$f":"+'Field Operations'!$G$11","v":0.29428773488580628},{"$f":"+'Field Operations'!$H$11","v":0.37194513888888892},{"$f":"+'Field Operations'!$I$11","v":0.31828703703703703},10.465421231364223,"_________"]
[null,1050,0.57383689365126966,0.90814654234947123,null,0.61999999999999988,971.82054569973116,null,1537.9901120434597,null,null,"Fertilize","Tractor, 215 hp","Fertilize Spreader",null,{"$f":"'Field Operations'!F10","v":5.1030296919423872},{"$f":"'Field Operations'!G10","v":1.5965293414642521},{"$f":"'Field Operations'!H10","v":2.4593923469387757},{"$f":"'Field Operations'!I10","v":1.6836734693877555},{"$f":"'Field Operations'!J10","v":10.84262484973317},"_________"]
[null,{"$f":"SUM(B48-50)","v":1100},0.54775339848530291,0.8668671540608589,null,{"$f":"SUM(F48-0.05)","v":0.66999999999999993},899.29662437885565,null,1423.214730547679,null,null,"Spray","SP Boom Sprayer",null,"90'",{"$f":"+'Field Operations'!$F$11","v":9.4809013205524924},{"$f":"+'Field Operations'!$G$11","v":0.29428773488580628},{"$f":"+'Field Operations'!$H$11","v":0.37194513888888892},{"$f":"+'Field Operations'!$I$11","v":0.31828703703703703},10.465421231364223,"_________"]
[null,{"$f":"+F4","v":1150},0.52393803333376798,0.82917727779734329,null,{"$f":"+G4","v":0.72},836.84546990810168,null,1324.3803742596456,null,null,"Spray","SP Boom Sprayer",null,"90'",{"$f":"+'Field Operations'!$F$11","v":9.4809013205524924},{"$f":"+'Field Operations'!$G$11","v":0.29428773488580628},{"$f":"+'Field Operations'!$H$11","v":0.37194513888888892},{"$f":"+'Field Operations'!$I$11","v":0.31828703703703703},10.465421231364223,"_________"]
[null,{"$f":"SUM(B48+50)","v":1200},0.50210728194486098,0.7946282245557873,null,{"$f":"SUM(F48+0.05)","v":0.77},782.50485497900411,null,1238.3816486583698,null,null,"Spray","SP Boom Sprayer",null,"90'",{"$f":"+'Field Operations'!$F$11","v":9.4809013205524924},{"$f":"+'Field Operations'!$G$11","v":0.29428773488580628},{"$f":"+'Field Operations'!$H$11","v":0.37194513888888892},{"$f":"+'Field Operations'!$I$11","v":0.31828703703703703},10.465421231364223,"_________"]
[null,{"$f":"SUM(B49+50)","v":1250},0.48202299066706655,0.76284309557355579,null,{"$f":"SUM(F49+0.05)","v":0.82000000000000006},734.79114430955258,null,1162.8705725206644,null,null,"Harvest","Picker/Module Builder (Round)",null,"6-row",{"$f":"+'Field Operations'!$F$24","v":68.179608128475365},{"$f":"+'Field Operations'!$G$24","v":16.95163301628347},{"$f":"+'Field Operations'!$H$24","v":10.765706612258493},{"$f":"+'Field Operations'!$I$24","v":3.122918054630246},99.019865811647577,"_________"]
[null,1300,0.46348364487217936,0.73350297651303442,null,0.87000000000000011,692.56176819980817,null,1096.0389304217754,null,null,"Harvest","Tractor, 215 hp","Module Handler",null,{"$f":"+'Field Operations'!$F$25","v":3.2762115745402216},{"$f":"+'Field Operations'!$G$25","v":0.83961708094118925},{"$f":"+'Field Operations'!$H$25","v":2.2808700449700194},{"$f":"+'Field Operations'!$I$25","v":1.561459027315123},7.9581577277665536,"_________"]
[null,1350,0.44631758395098753,0.70633619960514427,null,0.92000000000000015,654.92254166720988,null,1036.471597246679,null,null,"Other",null,null,null,0,0,0,0,0,"_________"]
[null,1400,0.4303776702384523,0.68110990676210337,null,0.9700000000000002,621.16364776683827,null,983.04522625458208,null,null,"Other",null,null,null,0,0,0,0,{"$f":"SUM(P53:S53)","v":0},"_________"]
[null,null,null,null,null,null,null,null,null,null,null,"Total",null,null,null,{"$f":"SUM(P34:P53)","v":189.02513113311161},{"$f":"SUM(Q34:Q53)","v":38.695083553098804},{"$f":"SUM(R34:R53)","v":37.589597226489879},{"$f":"SUM(S34:S53)","v":21.868208643968945},{"$f":"SUM(T34:T53)","v":287.1780205566692},"_________"]

{"sheet":"Cotton Irr","index":16,"n_rows":58,"n_cols":21,"rows_kept":58,"cut":false,"hidden":false,"merged":[[14,19,14,20],[15,19,15,20],[24,19,24,20],[25,19,25,20],[22,19,22,20],[16,19,16,20],[17,19,17,20],[18,19,18,20],[19,19,19,20],[20,19,20,20],[21,19,21,20],[23,19,23,20],[40,1,40,6],[39,1,39,6],[51,6,51,7],[51,8,51,9],[50,6,50,7],[50,8,50,9],[47,8,47,9],[47,6,47,7],[49,6,49,7],[49,8,49,9],[53,6,53,7],[41,1,41,6],[46,6,46,7],[45,1,45,3],[45,5,45,9],[46,8,46,9],[27,1,27,6],[65,1,65,9],[52,6,52,7],[73,1,73,9],[74,1,74,9],[72,1,72,9],[70,1,70,9],[71,1,71,9],[67,1,67,9],[54,6,54,7],[52,8,52,9],[66,1,66,9],[63,1,63,9],[64,1,64,9],[60,1,62,9],[69,1,69,9],[26,19,26,20],[0,1,0,9],[2,4,2,9],[6,1,6,6],[68,1,68,9],[48,6,48,7],[48,8,48,9],[53,8,53,9],[57,8,57,9],[57,6,57,7],[54,8,54,9],[55,6,55,7],[55,8,55,9],[56,6,56,7],[56,8,56,9],[26,1,26,6],[31,19,31,20],[27,19,27,20],[28,19,28,20],[29,19,29,20],[30,19,30,20]]}
[null,"2025 Cotton, No-Till, Irrigated Budget",null,null,null,null,null,null,null,null,null,"Table 1. Fertilizer & Lime3"]
[null,null,null,null,"Unit ","Quantity ","Price","Total",null,"Your Farm",null,"Fertilizer ","Description","Quantity (lbs.)","Price ($)","Total ($/Acre)","Your Farm ($/Acre)"]
[null,"Revenue1",null,null,"Gross Revenue ($/Acre)",null,null,null,null,null,null,"Nitrogen","Urea",45,{"$f":"+Inputs!C44","v":0.52},{"$f":"+N3*O3","v":23.400000000000002},"_________"]
[null,null,"Cotton",null,"lb.",1500,{"$f":"+Inputs!C7","v":0.72},{"$f":"F4*G4","v":1080},null,"_________",null,null,"UAN 32%",45,{"$f":"Inputs!C47","v":0.54},{"$f":"+N4*O4","v":24.3},"_________"]
[null,null,"Government Payments",null,"$/acre",1,0,{"$f":"F5*G5","v":0},null,"_________",null,"Phosphorous","P2O5",60,{"$f":"+Inputs!C48","v":0.66},{"$f":"+N5*O5","v":39.6},"_________"]
[null,null,"Other Revenue",null,"$/acre",1,0,0,null,"_________",null,"Potassium","K20",90,{"$f":"+Inputs!C50","v":0.36},{"$f":"+N6*O6","v":32.4},"_________"]
[null,"Total Revenue",null,null,null,null,null,{"$f":"SUM(H4:H6)","v":1080},null,"_________",null,"Sulfur ",null,10,{"$f":"Inputs!C53","v":0.3},3,"_________"]
[null,"Variable Expenses",null,null,null,null,null,null,null,null,null,"Boron",null,0.5,{"$f":"+Inputs!$C$52","v":0.7},0.35,"_________"]
[null,null,"Seed2",null,"Thous.",60,{"$f":"+Inputs!C40","v":3.1},{"$f":"+F9*G9","v":186},null,"_________",null,"Lime",null,1000,{"$f":"+Inputs!$C$51","v":30},{"$f":"+N9/2000*O9","v":15},"_________"]
[null,null,"Wrap",null,"lb.",{"$f":"F4","v":1500},{"$f":"+Inputs!C21","v":1.6500000000000001E-2},{"$f":"+F10*G10","v":24.75},null,"_________",null,"Other",null,0,0,{"$f":"N10*O10","v":0},"_________"]
[null,null,"Fertilizer & Lime (Table 1)",null,"Acre",1,{"$f":"+P12","v":138.05000000000001},138.05000000000001,null,"_________",null,"Other",null,0,0,{"$f":"+N11*O11","v":0},"_________"]
[null,null,"Chemical (Table 2)",null,"Acre",1,{"$f":"S32","v":176.37666666666667},176.37666666666667,null,"_________",null,"Total",null,null,null,{"$f":"SUM(P3:P11)","v":138.05000000000001},"_________"]
[null,null,"Crop Scout or Consultant",null,"Acre",1,{"$f":"+Inputs!C19","v":12},12,null,"_________"]
[null,null,"Repair & Maintenance (Table 3)",null,"Acre",1,{"$f":"+Q52","v":32.661151528792054},32.661151528792054,null,"_________",null,"Table 2. Chemicals4"]
[null,null,"Fuel, Oil & Filter (Table 3)",null,"Acre",1,{"$f":"+R52","v":28.103931867742201},28.103931867742201,null,"_________",null,"Chemical","Function","Description","Unit","Number of Apps.","Quantity","Price","Total ($/Acre)","Your Farm ($/Acre)"]
[null,null,"Operator Labor (Table 3)",null,"Acre",1,{"$f":"+S52","v":15.438081875828734},15.438081875828734,null,"_________",null,"Herbicides","Burndown","Roundup","oz.",1,32,{"$f":"Herbicides!B92","v":0.4375},{"$f":"P16*Q16*R16","v":14},"_________"]
[null,null,"Crop Insurance6",null,"Acre",1,{"$f":"+Inputs!C28","v":11.15},{"$f":"+F17*G17","v":11.15},null,"_________",null,null,null,"Clarity","oz.",1,8,{"$f":"Herbicides!B27","v":0.71875},{"$f":"P17*Q17*R17","v":5.75},"_________"]
[null,null,"Machinery Rental ",null,"Acre",1,0,0,null,"_________",null,null,"Pre-Emerge ","Cotoran ","pt.",1,2,{"$f":"Herbicides!B33","v":6.25},{"$f":"P18*Q18*R18","v":12.5},"_________"]
[null,null,"Custom Work",null,"Acre",1,0,0,null,"_________",null,null,null,"Gramoxone","oz.",1,32,{"$f":"Herbicides!B61","v":0.3125},10,"_________"]
[null,null,"Other Transportation Costs",null,"Acre",1,0,0,null,"_________",null,null,"Post-Emerge","Sequence","pt.",1,2.5,{"$f":"Herbicides!B95","v":8.5},21.25,"_________"]
[null,null,"Irrigation Energy Cost9",null,"Ac-In",6,{"$f":"+Inputs!C57","v":6.75},{"$f":"+F21*G21","v":40.5},null,"_________",null,null,null,"Envoke","oz.",1,0.1,{"$f":"Herbicides!B46","v":126.66666666666667},12.666666666666668,"_________"]
[null,null,"Irrigation System R&M9",null,"Ac-In",6,{"$f":"+Inputs!C58","v":3},{"$f":"+F22*G22","v":18},null,"_________",null,null,null,"Caparol","pt.",1,1,{"$f":"Herbicides!B24","v":6},6,"_________"]
[null,null,"Other Irrigation Costs",null,"Acre",1,0,{"$f":"+F23*G23","v":0},null,"_________",null,null,null,"Other",null,0,0,0,0,"_________"]
[null,null,"Other",null,"Acre",0,0,{"$f":"F24*G24","v":0},null,"_________",null,"Growth Regulator",null,"Mepex (Mepiquat Chloride)","acre",1,1,{"$f":"+Herbicides!$B$70","v":2.2400000000000002},2.2400000000000002,"_________"]
[null,null,"Other",null,"Acre",0,0,{"$f":"F25*G25","v":0},null,"_________",null,"Defoliant",null,"Defoliant","acre",1,1,{"$f":"+Herbicides!$B$35","v":18},18,"_________"]
[null,null,"Operating Interest7",null,"%",{"$f":"SUM(H9:H25)","v":683.02983193902969},{"$f":"+Inputs!C14","v":0.08},{"$f":"(F26*G26)/2","v":27.321193277561189},null,"_________",null,"Boll Opener",null,"Ethephon","acre",1,1,{"$f":"+Herbicides!$B$20","v":8.9700000000000006},8.9700000000000006,"_________"]
[null,"Total Variable Expenses",null,null,null,null,null,{"$f":"SUM(H9:H26)","v":710.35102521659087},null,"_________",null,"Insecticides",null,"Foliar","acre",1,1,{"$f":"+Insecticides!$B$3","v":65},{"$f":"P27*Q27*R27","v":65},"_________"]
[null,"Return Above Variable Expenses",null,null,null,null,null,{"$f":"H7-H27","v":369.64897478340913},null,"_________",null,null,null,"Other",null,0,0,0,0,"_________"]
[null,"Fixed Expenses",null,null,null,null,null,null,null,null,null,"Fungicides",null,"Other",null,0,0,0,0,"_________"]
[null,null,"Machinery",null,null,null,null,null,null,null,null,null,null,"Other",null,0,0,0,{"$f":"P30*Q30*R30","v":0},"_________"]
[null,null,"  Capital Recovery (Table 3)",null,"Acre",1,{"$f":"+P52","v":171.71583416891613},{"$f":"+F31*G31","v":171.71583416891613},null,"_________",null,null,null,"Other",null,0,0,0,{"$f":"P31*Q31*R31","v":0},"_________"]
[null,null,"  Other Fixed Machinery Costs",null,"Acre",1,0,{"$f":"F32*G32","v":0},null,"_________",null,"Total",null,null,null,null,null,null,{"$f":"SUM(S16:S31)","v":176.37666666666667},"_________"]
[null,null,"Capital Recovery (Irrigation Equipment)9 ",null,"Acre",1,{"$f":"+Inputs!C59","v":100},{"$f":"+F33*G33","v":100},null,"_________"]
[null,null,"Other Irrigation Costs",null,"Acre",1,0,0,null,"_________",null,"Table 3. Machinery5"]
[null,null,"General Overhead",null,"Acre",1,30,30,null,"_________",null,null,"Power Unit","Implement","Size","Capital Recovery","Repairs & Maintenance","Fuel, Oil & Filter","Labor","Total","Your Farm ($/Acre)"]
[null,null,"Cash Rent8",null,"Acre",1,{"$f":"Inputs!C22","v":197},{"$f":"+F36*G36","v":197},null,"_________",null,"Chop Stalks","Tractor, 215 hp","Rotary Mower","15'",{"$f":"+'Field Operations'!$F$18","v":8.0381686759148252},{"$f":"+'Field Operations'!$G$18","v":4.2157079081632656},{"$f":"+'Field Operations'!$H$18","v":3.5866138392857145},{"$f":"+'Field Operations'!$I$18","v":2.4553571428571428},{"$f":"SUM(P36:S36)","v":18.295847566220949},"_________"]
[null,null,"Insurance (Non-Machinery)",null,"Acre",1,{"$f":"+Inputs!C32","v":0},0,null,"_________",null,"Burndown","SP Boom Sprayer",null,"90'",{"$f":"+'Field Operations'!$F$11","v":9.4809013205524924},{"$f":"+'Field Operations'!$G$11","v":0.29428773488580628},{"$f":"+'Field Operations'!$H$11","v":0.37194513888888892},{"$f":"+'Field Operations'!$I$11","v":0.31828703703703703},{"$f":"SUM(P37:S37)","v":10.465421231364223},"_________"]
[null,null,"Management Labor10",null,"Acre",1,{"$f":"Inputs!C33","v":25},{"$f":"+F38*G38*2","v":50},null,"_________",null,"Plant","Tractor, 215 hp","Planter",{"$f":"+'Field Operations'!E19","v":"12-row"},{"$f":"+'Field Operations'!$F$19","v":13.314526888547832},{"$f":"+'Field Operations'!$G$19","v":5.0222358589387897},{"$f":"+'Field Operations'!$H$19","v":3.0900057692307694},{"$f":"+'Field Operations'!$I$19","v":2.1153846153846154},{"$f":"SUM(P38:S38)","v":23.542153132102005},"_________"]
[null,null,"Other Fixed Costs",null,"Acre",1,0,0,null,"_________",null,"Fertilize","Tractor, 215 hp","Fertilize Spreader",null,{"$f":"+'Field Operations'!$F$10","v":5.1030296919423872},{"$f":"+'Field Operations'!$G$10","v":1.5965293414642521},{"$f":"+'Field Operations'!$H$10","v":2.4593923469387757},{"$f":"+'Field Operations'!$I$10","v":1.6836734693877555},{"$f":"SUM(P39:S39)","v":10.84262484973317},"_________"]
[null,"Total Fixed Expenses",null,null,null,null,null,{"$f":"+SUM(H30:H39)","v":548.7158341689161},null,"_________",null,"Weed Control","SP Boom Sprayer",null,"90'",{"$f":"+'Field Operations'!$F$11","v":9.4809013205524924},{"$f":"+'Field Operations'!$G$11","v":0.29428773488580628},{"$f":"+'Field Operations'!$H$11","v":0.37194513888888892},{"$f":"+'Field Operations'!$I$11","v":0.31828703703703703},{"$f":"SUM(P40:S40)","v":10.465421231364223},"_________"]
[null,"Total Expenses",null,null,null,null,null,{"$f":"+SUM(H27+H40)","v":1259.0668593855071},null,"_________",null,"Weed Control","SP Boom Sprayer",null,"90'",{"$f":"+'Field Operations'!$F$11","v":9.4809013205524924},{"$f":"+'Field Operations'!$G$11","v":0.29428773488580628},{"$f":"+'Field Operations'!$H$11","v":0.37194513888888892},{"$f":"+'Field Operations'!$I$11","v":0.31828703703703703},{"$f":"SUM(P41:S41)","v":10.465421231364223},"_________"]
[null,"Return Above Specified Expenses",null,null,null,null,null,{"$f":"H7-H41","v":-179.06685938550709},null,"_________",null,"Weed Control","SP Boom Sprayer",null,"90'",{"$f":"+'Field Operations'!$F$11","v":9.4809013205524924},{"$f":"+'Field Operations'!$G$11","v":0.29428773488580628},{"$f":"+'Field Operations'!$H$11","v":0.37194513888888892},{"$f":"+'Field Operations'!$I$11","v":0.31828703703703703},10.465421231364223,"_________"]
[null,null,null,null,null,null,"Cash Cost per lb",{"$f":"(SUM(H9:H26)+H35+H36)/F4","v":0.6249006834777272},null,"_________",null,"Weed Control","Tractor, 215 hp","Hooded Sprayer",null,{"$f":"+'Field Operations'!$F$20","v":2.3349502736856858},{"$f":"+'Field Operations'!$G$20","v":0.3788848373361865},{"$f":"+'Field Operations'!$H$20","v":0.85833493589743581},{"$f":"+'Field Operations'!$I$20","v":0.58760683760683763},{"$f":"SUM(P43:S43)","v":4.1597768845261456},"_________"]
[null,null,null,null,null,null,"Economic Cost per lb",{"$f":"H41/F4","v":0.8393779062570047},null,"_________",null,"Fertilize","Tractor, 215 hp","Fertilize Spreader",null,{"$f":"'Field Operations'!F10","v":5.1030296919423872},{"$f":"'Field Operations'!G10","v":1.5965293414642521},{"$f":"'Field Operations'!H10","v":2.4593923469387757},{"$f":"'Field Operations'!I10","v":1.6836734693877555},10.84262484973317,"_________"]
[null,null,null,null,null,null,null,null,null,null,null,"Spray","SP Boom Sprayer",null,"90'",{"$f":"+'Field Operations'!$F$11","v":9.4809013205524924},{"$f":"+'Field Operations'!$G$11","v":0.29428773488580628},{"$f":"+'Field Operations'!$H$11","v":0.37194513888888892},{"$f":"+'Field Operations'!$I$11","v":0.31828703703703703},10.465421231364223,"_________"]
[null,"Breakeven Price for Selected Yield",null,null,null,"Breakeven Yield for Selected Price",null,null,null,null,null,"Spray","SP Boom Sprayer",null,"90'",{"$f":"+'Field Operations'!$F$11","v":9.4809013205524924},{"$f":"+'Field Operations'!$G$11","v":0.29428773488580628},{"$f":"+'Field Operations'!$H$11","v":0.37194513888888892},{"$f":"+'Field Operations'!$I$11","v":0.31828703703703703},10.465421231364223,"_________"]
[null,"Yield (lb.)","Variable Cost ($/lb.)","Total Specified Cost ($/lb.)",null,"Price ($/lb.)","Variable Cost (lb.)",null,"Total Specified Cost (lb.)",null,null,"Spray","SP Boom Sprayer",null,"90'",{"$f":"+'Field Operations'!$F$11","v":9.4809013205524924},{"$f":"+'Field Operations'!$G$11","v":0.29428773488580628},{"$f":"+'Field Operations'!$H$11","v":0.37194513888888892},{"$f":"+'Field Operations'!$I$11","v":0.31828703703703703},10.465421231364223,"_________"]
[null,{"$f":"SUM(B49-50)","v":1250},{"$f":"$H$27/B48","v":0.56828082017327275},{"$f":"($H$27+$H$40)/B48","v":1.0072534875084056},null,{"$f":"SUM(F49-0.05)","v":0.46999999999999981},{"$f":"+$H$27/F48","v":1511.3851600353003},null,{"$f":"+($H$27+$H$40)/F48","v":2678.8656582670374},null,null,"Harvest","Picker/Module Builder (Round)",null,"6-row",{"$f":"+'Field Operations'!$F$24","v":68.179608128475365},{"$f":"+'Field Operations'!$G$24","v":16.95163301628347},{"$f":"+'Field Operations'!$H$24","v":10.765706612258493},{"$f":"+'Field Operations'!$I$24","v":3.122918054630246},99.019865811647577,"_________"]
[null,1300,0.5464238655512238,0.96851296875808235,null,0.5199999999999998,1366.0596638780598,null,2421.2824218952069,null,null,"Harvest","Tractor, 215 hp","Module Handler",null,{"$f":"+'Field Operations'!$F$25","v":3.2762115745402216},{"$f":"+'Field Operations'!$G$25","v":0.83961708094118925},{"$f":"+'Field Operations'!$H$25","v":2.2808700449700194},{"$f":"+'Field Operations'!$I$25","v":1.561459027315123},7.9581577277665536,"_________"]
[null,1350,0.52618594460488211,0.93264211806333863,null,0.56999999999999984,1246.2298688010369,null,2208.8892269921184,null,null,"Other",null,null,null,0,0,0,0,0,"_________"]
[null,1400,0.50739358944042201,0.89933347098964789,null,0.61999999999999988,1145.7274600267597,null,2030.7529990088829,null,null,"Other",null,null,null,0,0,0,0,{"$f":"SUM(P51:S51)","v":0},"_________"]
[null,{"$f":"SUM(B53-50)","v":1450},0.48989725877006268,0.86832197199000494,null,{"$f":"SUM(F53-0.05)","v":0.66999999999999993},1060.2254107710312,null,1879.204267739563,null,null,"Total",null,null,null,{"$f":"SUM(P36:P51)","v":171.71583416891613},{"$f":"SUM(Q36:Q51)","v":32.661151528792054},{"$f":"SUM(R36:R51)","v":28.103931867742201},{"$f":"SUM(S36:S51)","v":15.438081875828734},{"$f":"SUM(T36:T51)","v":247.91899944127908},"_________"]
[null,{"$f":"+F4","v":1500},0.47356735014439394,0.8393779062570047,null,{"$f":"+G4","v":0.72},986.59864613415402,null,1748.70397136876]
[null,{"$f":"SUM(B53+50)","v":1550},0.45829098401070378,0.81230119960355296,null,{"$f":"SUM(F53+0.05)","v":0.77},922.53379898258549,null,1635.1517654357235]
[null,{"$f":"SUM(B54+50)","v":1600},0.44396939076036929,0.78691678711594193,null,{"$f":"SUM(F54+0.05)","v":0.82000000000000006},866.28173806901316,null,1535.4473894945206]
[null,1650,0.43051577285853992,0.76307082387000424,null,0.87000000000000011,816.49543128343771,null,1447.2032866500081]
[null,1700,0.41785354424505344,0.7406275643444159,null,0.92000000000000015,772.12067958325076,null,1368.5509341146815]
[null,1750,0.40591487155233763,0.71946677679171833,null,0.9700000000000002,732.3206445531863,null,1298.0070715314503]

{"sheet":"Canola","index":17,"n_rows":55,"n_cols":21,"rows_kept":55,"cut":false,"hidden":true,"merged":[[15,19,15,20],[16,19,16,20],[17,19,17,20],[18,19,18,20],[19,19,19,20],[10,19,10,20],[11,19,11,20],[12,19,12,20],[13,19,13,20],[14,19,14,20],[34,6,34,7],[46,1,46,9],[43,8,43,9],[35,6,35,7],[37,8,37,9],[34,8,34,9],[0,1,0,9],[4,1,4,6],[20,1,20,6],[21,1,21,6],[50,1,50,9],[2,4,2,9],[37,6,37,7],[30,1,30,6],[31,1,31,6],[33,1,33,3],[48,1,48,9],[49,1,49,9],[33,5,33,9],[35,8,35,9],[36,8,36,9],[47,1,47,9],[54,1,54,9],[53,1,53,9],[36,6,36,7],[43,6,43,7],[41,6,41,7],[41,8,41,9],[42,6,42,7],[42,8,42,9],[38,6,38,7],[38,8,38,9],[39,6,39,7],[39,8,39,9],[40,6,40,7],[40,8,40,9],[51,1,51,9],[52,1,52,9]]}
[null,"2019 Canola, Conventional Tillage, Non-Irrigated Budget",null,null,null,null,null,null,null,null,null,"Table 1. Fertilizer & Lime"]
[null,null,null,null,"Unit ","Quantity ","Price","Total",null,"Your Farm",null,"Fertilizer ","Description","Quantity (lbs)","Price ($)","Total ($/Acre)","Your Farm ($/Acre)"]
[null,"Revenue",null,null,"Gross Revenue ($/Acre)",null,null,null,null,null,null,"Nitrogen","Urea",160,{"$f":"+Inputs!C44","v":0.52},{"$f":"+N3*O3","v":83.2},"_________"]
[null,null,"Canola 1",null,"Bu",50,{"$f":"Inputs!#REF!","v":{"$error":"#REF!"}},{"$f":"F4*G4","v":{"$error":"#REF!"}},null,"_________",null,"Phosphorous","P2O5",80,{"$f":"Inputs!C48","v":0.66},{"$f":"+N4*O4","v":52.800000000000004},"_________"]
[null,"Total Revenue",null,null,null,null,null,{"$f":"SUM(H4:H4)","v":{"$error":"#REF!"}},null,"_________",null,"Potassium","K20",130,{"$f":"+Inputs!C50","v":0.36},46.8,"_________"]
[null,"Variable Expenses",null,null,null,null,null,null,null,null,null,"Lime","Limestone",1000,{"$f":"+Inputs!C51","v":30},{"$f":"+N6/2000*O6","v":15},"_________"]
[null,null,"Seed 2",null,"Thous.",220,{"$f":"Inputs!#REF!","v":{"$error":"#REF!"}},{"$f":"+F7*G7","v":{"$error":"#REF!"}},null,"_________",null,"Other","Sulfur",20,{"$f":"+Inputs!C54","v":1.67},33.4,"_________"]
[null,null,"Fertilizer & Lime (Table 1)",null,"Acre",1,{"$f":"+P9","v":231.55},{"$f":"+F8*G8","v":231.55},null,"_________",null,"Other ","Boron",0.5,{"$f":"+Inputs!C52","v":0.7},{"$f":"+N8*O8","v":0.35},"_________"]
[null,null,"Chemical (Table 2) 3",null,"Acre",1,{"$f":"+S20","v":{"$error":"#REF!"}},{"$f":"F9*G9","v":{"$error":"#REF!"}},null,"_________",null,"Total",null,null,null,{"$f":"SUM(P3:P8)","v":231.55},"_________"]
[null,null,"Crop Scout",null,"Acre",1,{"$f":"+Inputs!C18","v":10},{"$f":"F10*G10","v":10},null,"_________",null,"Table 2. Chemicals 3"]
[null,null,"Repair & Maintenance (Table 3) 4",null,"Acre",1,{"$f":"+Q35","v":37.668713356854511},{"$f":"+F11*G11","v":37.668713356854511},null,"_________",null,"Chemical","Function","Description","Unit","Number of Apps.","Quantity","Price","Total ($/Acre)","Your Farm ($/Acre)"]
[null,null,"Fuel, Oil & Filter (Table 3) 4",null,"Acre",1,{"$f":"+R35","v":19.651366783505065},19.651366783505065,null,"_________",null,"Herbicides","Pre-plant","Treflan","pt.",1,2,{"$f":"Herbicides!B105","v":3.375},{"$f":"R12*Q12","v":6.75},"_________"]
[null,null,"Operator Labor (Table 3) 4",null,"Acre",1,{"$f":"+S35","v":12.337508804287999},12.337508804287999,null,"_________",null,null,"Post-planting","Roundup","pt.",2,3,{"$f":"Herbicides!B92","v":0.4375},{"$f":"R13*Q13","v":1.3125},"_________"]
[null,null,"Machinery Rental ",null,"Acre",1,0,0,null,"_________",null,null,null,"Command","pt.",1,0.25,{"$f":"Herbicides!B31","v":23.75},5.9375,"_________"]
[null,null,"Custom Work",null,"Acre",1,0,0,null,"_________",null,null,"Desiccant","Reglone","pt.",1,3,{"$f":"Herbicides!#REF!","v":{"$error":"#REF!"}},{"$error":"#REF!"},"_________"]
[null,null,"Drying (Fuel/Electric)",null,"Bu",{"$f":"+F4","v":50},0,0,null,"_________",null,null,null,"Other",null,null,null,0,0,"_________"]
[null,null,"Cash Rent 5",null,"Acre",1,{"$f":"+Inputs!C23","v":117},{"$f":"F17*G17","v":117},null,"_________",null,null,null,"Other",null,null,null,0,0,"_________"]
[null,null,"Crop Insurance 6",null,"Acre",1,{"$f":"+Inputs!#REF!","v":{"$error":"#REF!"}},{"$f":"F18*G18","v":{"$error":"#REF!"}},null,"_________",null,"Insecticides",null,"Seed Treatment","acre",1,1,{"$f":"+Insecticides!#REF!","v":{"$error":"#REF!"}},{"$error":"#REF!"},"_________"]
[null,null,"Operating Interest 7",null,"%",{"$f":"SUM(H7:H18,H20)","v":{"$error":"#REF!"}},0.06,{"$f":"(F19*G19)/2","v":{"$error":"#REF!"}},null,"_________",null,"Fungicides",null,"Foliar","acre",1,1,{"$f":"+Fungicides!#REF!","v":{"$error":"#REF!"}},{"$error":"#REF!"},"_________"]
[null,null,"Other Variable Costs",null,"Acre",1,0,{"$f":"F20*G20","v":0},null,"_________",null,"Total",null,null,null,null,null,null,{"$f":"SUM(S12:S19)","v":{"$error":"#REF!"}},"_________"]
[null,"Total Variable Expenses",null,null,null,null,null,{"$f":"SUM(H7:H20)","v":{"$error":"#REF!"}},null,"_________",null,"Table 3. Machinery 4"]
[null,"Return Above Variable Expenses",null,null,null,null,null,{"$f":"H5-H21","v":{"$error":"#REF!"}},null,"_________",null,null,"Power Unit","Implement","Size","Capital Recovery","Repairs & Maintenance","Fuel, Oil & Filter","Labor","Total","Your Farm ($/Acre)"]
[null,"Fixed Expenses",null,null,null,null,null,null,null,null,null,"Fall/Winter",{"$f":"'Field Operations'!C11","v":"SP Boom Sprayer"},null,{"$f":"'Field Operations'!E11","v":"90'"},{"$f":"'Field Operations'!F11","v":9.4809013205524924},{"$f":"'Field Operations'!G11","v":0.29428773488580628},{"$f":"'Field Operations'!H11","v":0.37194513888888892},{"$f":"'Field Operations'!I11","v":0.31828703703703703},{"$f":"SUM(P23:S23)","v":10.465421231364223},"_________"]
[null,null,"Machinery 4",null,null,null,null,null,null,null,null,null,{"$f":"'Field Operations'!C5","v":"Tractor, 215 hp"},{"$f":"'Field Operations'!D5","v":"Tandem Disk"},{"$f":"'Field Operations'!E5","v":"29'"},{"$f":"'Field Operations'!F5","v":11.600441777743047},{"$f":"'Field Operations'!G5","v":2.0151247346106018},{"$f":"'Field Operations'!H5","v":2.7160294117647057},{"$f":"'Field Operations'!I5","v":1.8593644354293442},{"$f":"SUM(P24:S24)","v":18.190960359547699},"_________"]
[null,null,"  Capital Recovery (Table 3)",null,"Acre",1,{"$f":"+P35","v":117.7823267813226},{"$f":"+F25*G25","v":117.7823267813226},null,"_________",null,null,{"$f":"'Field Operations'!C9","v":"Tractor, 215 hp"},{"$f":"'Field Operations'!D9","v":"Grain Drill"},{"$f":"'Field Operations'!E9","v":"20'"},{"$f":"'Field Operations'!F9","v":12.485639956106363},{"$f":"'Field Operations'!G9","v":5.2946804023429275},{"$f":"'Field Operations'!H9","v":4.3039366071428571},{"$f":"'Field Operations'!I9","v":2.9464285714285716},{"$f":"SUM(P25:S25)","v":25.03068553702072},"_________"]
[null,null,"  Other Fixed Machinery Costs",null,"Acre",1,{"$f":"+Inputs!C30","v":0},{"$f":"+F26*G26","v":0},null,"_________",null,null,{"$f":"'Field Operations'!C10","v":"Tractor, 215 hp"},{"$f":"'Field Operations'!D10","v":"Fertilizer Spreader"},{"$f":"'Field Operations'!E10","v":0},{"$f":"'Field Operations'!F10","v":5.1030296919423872},{"$f":"'Field Operations'!G10","v":1.5965293414642521},{"$f":"'Field Operations'!H10","v":2.4593923469387757},{"$f":"'Field Operations'!I10","v":1.6836734693877555},{"$f":"'Field Operations'!J10","v":10.84262484973317},"_________"]
[null,null,"Property Taxes",null,"Acre",1,{"$f":"+Inputs!C31","v":0},{"$f":"+F27*G27","v":0},null,"_________",null,"Winter/Spring",{"$f":"'Field Operations'!C11","v":"SP Boom Sprayer"},null,{"$f":"'Field Operations'!E11","v":"90'"},{"$f":"'Field Operations'!F11","v":9.4809013205524924},{"$f":"'Field Operations'!G11","v":0.29428773488580628},{"$f":"'Field Operations'!H11","v":0.37194513888888892},{"$f":"'Field Operations'!I11","v":0.31828703703703703},{"$f":"'Field Operations'!J11","v":10.465421231364223},"_________"]
[null,null,"Insurance (Non-Machinery)",null,"Acre",1,{"$f":"+Inputs!C32","v":0},{"$f":"+F28*G28","v":0},null,"_________",null,null,{"$f":"'Field Operations'!C11","v":"SP Boom Sprayer"},null,{"$f":"'Field Operations'!E11","v":"90'"},{"$f":"'Field Operations'!F11","v":9.4809013205524924},{"$f":"'Field Operations'!G11","v":0.29428773488580628},{"$f":"'Field Operations'!H11","v":0.37194513888888892},{"$f":"'Field Operations'!I11","v":0.31828703703703703},{"$f":"'Field Operations'!J11","v":10.465421231364223},"_________"]
[null,null,"Management Labor 8",null,"Acre",2,{"$f":"+Inputs!C33","v":25},{"$f":"+F29*G29","v":50},null,"_________",null,null,{"$f":"'Field Operations'!C11","v":"SP Boom Sprayer"},null,{"$f":"'Field Operations'!E11","v":"90'"},{"$f":"'Field Operations'!F11","v":9.4809013205524924},{"$f":"'Field Operations'!G11","v":0.29428773488580628},{"$f":"'Field Operations'!H11","v":0.37194513888888892},{"$f":"'Field Operations'!I11","v":0.31828703703703703},{"$f":"SUM(P29:S29)","v":10.465421231364223},"_________"]
[null,null,"Other Fixed Costs 9",null,"Acre",1,0,{"$f":"+F30*G30","v":0},null,"_________",null,null,{"$f":"+'Field Operations'!C11","v":"SP Boom Sprayer"},null,{"$f":"+'Field Operations'!E11","v":"90'"},{"$f":"+'Field Operations'!F11","v":9.4809013205524924},{"$f":"+'Field Operations'!G11","v":0.29428773488580628},{"$f":"+'Field Operations'!H11","v":0.37194513888888892},{"$f":"+'Field Operations'!I11","v":0.31828703703703703},{"$f":"+'Field Operations'!J11","v":10.465421231364223},"_________"]
[null,"Total Fixed Expenses",null,null,null,null,null,{"$f":"+SUM(H25:H29)","v":167.78232678132258},null,"_________",null,{"$f":"'Field Operations'!B13","v":"Harvest"},{"$f":"'Field Operations'!C13","v":"Combine"},{"$f":"'Field Operations'!D13","v":"Grain Head"},{"$f":"'Field Operations'!E13","v":"30'"},{"$f":"'Field Operations'!F13","v":27.996941750468398},{"$f":"'Field Operations'!G13","v":26.02550331564797},{"$f":"'Field Operations'!H13","v":6.4559049107142847},{"$f":"'Field Operations'!I13","v":2.4553571428571428},{"$f":"SUM(P31:S31)","v":62.933707119687803},"_________"]
[null,"Return Above All Specified Expenses",null,null,null,null,null,{"$f":"H5-H21-H31","v":{"$error":"#REF!"}},null,"_________",null,null,{"$f":"'Field Operations'!C14","v":"Tractor, 215 hp"},{"$f":"'Field Operations'!D14","v":"Grain Cart"},null,{"$f":"'Field Operations'!F14","v":7.0217670022999314},{"$f":"'Field Operations'!G14","v":0.8354368883597314},{"$f":"'Field Operations'!H14","v":1.5063778125},{"$f":"'Field Operations'!I14","v":1.03125},{"$f":"SUM(P32:S32)","v":10.394831703159662},"_________"]
[null,null,null,null,null,null,null,null,null,null,null,null,{"$f":"'Field Operations'!C17","v":"Semi Tractor/Trailer"},null,{"$f":"'Field Operations'!E14","v":"800 bu"},{"$f":"'Field Operations'!F17","v":6.17},{"$f":"'Field Operations'!G17","v":0.43},{"$f":"'Field Operations'!H17","v":0.35},{"$f":"'Field Operations'!I17","v":0.77},{"$f":"'Field Operations'!J17","v":7.72},"_________"]
[null,"Breakeven Price For Selected Yield",null,null,null,"Breakeven Yield for Selected Price",null,null,null,null,null,null,"Other",null,null,null,null,null,null,null,"_________"]
[null,"Yield (bu)","Variable Cost ($/bu)","Total Specified Cost ($/bu)",null,"Price ($/bu)","Variable Cost (bu)",null,"Total Specified Cost (bu)",null,null,"Total",null,null,null,{"$f":"SUM(P22:P34)","v":117.7823267813226},{"$f":"SUM(Q22:Q34)","v":37.668713356854511},19.651366783505065,12.337508804287999,187.43991572597014,"_________"]
[null,{"$f":"SUM(B37-5)","v":30},{"$f":"$H$21/B36","v":{"$error":"#REF!"}},{"$f":"($H$21+$H$31)/B36","v":{"$error":"#REF!"}},null,{"$f":"SUM(F37-0.25)","v":{"$error":"#REF!"}},{"$f":"+$H$21/F36","v":{"$error":"#REF!"}},null,{"$f":"+($H$21+$H$31)/F36","v":{"$error":"#REF!"}}]
[null,35,{"$error":"#REF!"},{"$error":"#REF!"},null,{"$error":"#REF!"},{"$f":"+$H$21/F37","v":{"$error":"#REF!"}},null,{"$error":"#REF!"}]
[null,40,{"$error":"#REF!"},{"$error":"#REF!"},null,{"$error":"#REF!"},{"$error":"#REF!"},null,{"$error":"#REF!"}]
[null,{"$f":"SUM(B40-5)","v":45},{"$error":"#REF!"},{"$error":"#REF!"},null,{"$f":"SUM(F40-0.25)","v":{"$error":"#REF!"}},{"$error":"#REF!"},null,{"$error":"#REF!"}]
[null,{"$f":"+F4","v":50},{"$error":"#REF!"},{"$error":"#REF!"},null,{"$f":"+G4","v":{"$error":"#REF!"}},{"$error":"#REF!"},null,{"$error":"#REF!"}]
[null,{"$f":"SUM(B40+5)","v":55},{"$error":"#REF!"},{"$error":"#REF!"},null,{"$f":"SUM(F40+0.25)","v":{"$error":"#REF!"}},{"$error":"#REF!"},null,{"$error":"#REF!"}]
[null,{"$f":"SUM(B41+5)","v":60},{"$error":"#REF!"},{"$error":"#REF!"},null,{"$f":"SUM(F41+0.25)","v":{"$error":"#REF!"}},{"$error":"#REF!"},null,{"$error":"#REF!"}]
[null,65,{"$error":"#REF!"},{"$error":"#REF!"},null,{"$error":"#REF!"},{"$error":"#REF!"},null,{"$error":"#REF!"}]
[null,70,{"$error":"#REF!"},{"$error":"#REF!"},null,{"$error":"#REF!"},{"$error":"#REF!"},null,{"$error":"#REF!"}]
[]
[null,"FOOTNOTES"]
[null,"1) Canola prices will vary across regions. Additionally, access to markets in Tennessee may be problematic. Should a producer consider adding canola to their rotation, a production contract and/or marketing strategy should be fully explored prior to the planting decision, as limited buyers are available. Counter party risk is a major concern for small acreage crops. Canola yields vary tremendously across the state. Depending on growing conditions and management practices yields may range from 30-80 bu/acre."]
[null,"2) Seed cost varies by seed provider, variety, and seeding rate. Check with farm suppliers for rebates, discounts, and incentives for seed and chemicals. Substantial cost savings may be available. Check with market contractor to determine if additional cost savings are available for products and services."]
[null,"3) Chemical application will vary by region: Check seed supplier or production specialist for best alternatives. Since only a few herbicides are available for weed control for canola in Tennessee, producers should follow crop production recommendations. Producers should be aware that many chemicals used in the production of other row-crops in Tennessee may have a detrimental impact on canola. "]
[null,"4) Machinery expenses will vary dramatically by operation, financial resources, and land base. The machinery cost estimates provided in Table 3 are provided as an estimate of cost of ownership and operation for specified pieces of machinery that would be available to a \"representative\" row-crop farm in Tennessee. To estimate machinery costs for a specific set of equipment, interested parties can utilize the Excel version of the budgets and modify the Machinery Assumptions Table. "]
[null,"5) Cash rental rates are the 2018 USDA-NASS reported cash rental rates for cropland in Tennessee. Substantial differences may exist in cash rental rates reported by NASS and the prevailing rate in your location."]
[null,"6) Crop insurance is an estimate and will vary by policy, county, and coverage election. The estimate provided is the average premium paid per insured acre of canola in Tennessee for the previous production year as reported by USDA RMA's Summary of Business Report."]
[null,"7) Operating interest is assumed to be charged on half of all variable expenses."]
[null,"8) Management labor is anticipated to be double what it is for conventional Tennessee row-crops."]
[null,"9) Additional costs may be incurred due to specialized equipment required in the handling, hauling, and storage of canola."]

{"sheet":"G. Sorghum NT","index":18,"n_rows":47,"n_cols":21,"rows_kept":47,"cut":false,"hidden":false,"merged":[[17,19,17,20],[0,1,0,9],[2,4,2,9],[4,1,4,6],[9,19,9,20],[10,19,10,20],[11,19,11,20],[12,19,12,20],[13,19,13,20],[14,19,14,20],[15,19,15,20],[16,19,16,20],[38,6,38,7],[38,8,38,9],[18,19,18,20],[19,19,19,20],[20,1,20,6],[21,1,21,6],[22,4,22,9],[30,1,30,6],[32,1,32,6],[36,1,36,3],[36,5,36,9],[37,6,37,7],[37,8,37,9],[31,1,31,6],[39,6,39,7],[39,8,39,9],[40,6,40,7],[40,8,40,9],[41,6,41,7],[41,8,41,9],[45,6,45,7],[45,8,45,9],[46,6,46,7],[46,8,46,9],[42,6,42,7],[42,8,42,9],[43,6,43,7],[43,8,43,9],[44,6,44,7],[44,8,44,9]]}
[null,"2025 Grain Sorghum, No-Till, Non-Irrigated Budget",null,null,null,null,null,null,null,null,null,"Table 1. Fertilizer & Lime3"]
[null,null,null,null,"Unit ","Quantity ","Price","Total",null,"Your Farm",null,"Fertilizer ","Description","Quantity (lbs.)","Price ($)","Total ($/Acre)","Your Farm ($/Acre)"]
[null,"Revenue1",null,null,"Gross Revenue ($/Acre)",null,null,null,null,null,null,"Nitrogen","Urea",45,{"$f":"+Inputs!C44","v":0.52},{"$f":"+N3*O3","v":23.400000000000002},"_________"]
[null,null,"Grain Sorghum",null,"Bu",110,{"$f":"+Inputs!C6","v":4.7},{"$f":"F4*G4","v":517},null,"_________",null,"Nitrogen","32% UAN",45,{"$f":"Inputs!C47","v":0.54},{"$f":"+N4*O4","v":24.3},"_________"]
[null,"Total Revenue",null,null,null,null,null,{"$f":"SUM(H4:H4)","v":517},null,"_________",null,"Phosphorous","P2O5",30,{"$f":"+Inputs!C48","v":0.66},{"$f":"+N5*O5","v":19.8},"_________"]
[null,"Variable Expenses",null,null,null,null,null,null,null,null,null,"Potassium","K20",30,{"$f":"+Inputs!C50","v":0.36},{"$f":"+N6*O6","v":10.799999999999999},"_________"]
[null,null,"Seed 2",null,"Thous.",85,{"$f":"+Inputs!C39","v":0.32},{"$f":"+F7*G7","v":27.2},null,"_________",null,"Lime",null,1000,{"$f":"+Inputs!C51","v":30},{"$f":"+N7/2000*O7","v":15},"_________"]
[null,null,"Fertilizer & Lime (Table 1)",null,"Acre",1,{"$f":"P8","v":93.3},{"$f":"+F8*G8","v":93.3},null,"_________",null,"Total",null,null,null,{"$f":"SUM(P3:P7)","v":93.3},"_________"]
[null,null,"Chemical (Table 2)",null,"Acre",1,{"$f":"S20","v":77.163749999999993},{"$f":"F9*G9","v":77.163749999999993},null,"_________",null,"Table 2. Chemicals 4"]
[null,null,"Crop Scout",null,"Acre",1,{"$f":"+Inputs!C18","v":10},{"$f":"F10*G10","v":10},null,"_________",null,"Chemical","Function","Description","Unit","Number of Apps.","Quantity","Price","Total ($/Acre)","Your Farm ($/Acre)"]
[null,null,"Repair & Maintenance (Table 3)",null,"Acre",1,{"$f":"+Q34","v":35.652425879116763},{"$f":"+F11*G11","v":35.652425879116763},null,"_________",null,"Herbicides","Burndown","Gramoxone 3SL","oz.",1,28,{"$f":"+Herbicides!B61","v":0.3125},{"$f":"P11*Q11*R11","v":8.75},"_________"]
[null,null,"Fuel, Oil & Filter (Table 3)",null,"Acre",1,{"$f":"+R34","v":17.848297438459355},17.848297438459355,null,"_________",null,null,null,"Other",null,null,null,0,{"$f":"P12*Q12*R12","v":0},"_________"]
[null,null,"Operator Labor (Table 3)",null,"Acre",1,{"$f":"+S34","v":11.791927728356301},11.791927728356301,null,"_________",null,null,"Pre-Emerge","Bicep II Magnum","qt.",1,1.7,{"$f":"+Herbicides!B18","v":14.3},{"$f":"P13*Q13*R13","v":24.310000000000002},"_________"]
[null,null,"Machinery Rental ",null,"Acre",0,0,0,null,"_________",null,null,null,"Other",null,null,null,0,0,"_________"]
[null,null,"Custom Work",null,"Acre",0,0,0,null,"_________",null,null,"Post-Emerge","Atrazine ","qt.",1,2,{"$f":"+Herbicides!B9","v":3.38},6.76,"_________"]
[null,null,"Drying (Fuel/Electric)",null,"Bu",{"$f":"+F4","v":110},0,0,null,"_________",null,null,"Harvest Aid","Aim 2EC","oz.",1,1,{"$f":"+Herbicides!B5","v":7.34375},7.34375,"_________"]
[null,null,"Crop Insurance6",null,"Acre",1,{"$f":"+Inputs!C27","v":4.22},{"$f":"F17*G17","v":4.22},null,"_________",null,"Insecticides",null,"Foliar ","acre",1,1,{"$f":"Insecticides!B4","v":30},{"$f":"P17*Q17*R17","v":30},"_________"]
[null,null,"Other",null,"Acre",1,0,{"$f":"F18*G18","v":0},null,"_________",null,null,null,"Other","acre",null,null,0,0,"_________"]
[null,null,"Other",null,"Acre",1,0,{"$f":"(F19*G19)/2","v":0},null,"_________",null,null,null,"Other","acre",null,null,0,{"$f":"P19*Q19*R19","v":0},"_________"]
[null,null,"Operating Interest 7",null,"%",{"$f":"SUM(H7:H19)","v":277.17640104593249},{"$f":"+Inputs!C14","v":0.08},{"$f":"(F20*G20)/2","v":11.0870560418373},null,"_________",null,"Total",null,null,null,null,null,null,{"$f":"SUM(S11:S19)","v":77.163749999999993},"_________"]
[null,"Total Variable Expenses",null,null,null,null,null,{"$f":"SUM(H7:H20)","v":288.26345708776978},null,"_________",null,"Table 3. Machinery 5"]
[null,"Return Above Variable Expenses",null,null,null,null,null,{"$f":"H5-H21","v":228.73654291223022},null,"_________",null,null,"Power Unit","Implement","Size","Capital Recovery","Repairs & Maintenance","Fuel, Oil & Filter","Labor","Total","Your Farm ($/Acre)"]
[null,"Fixed Expenses",null,null,null,null,null,null,null,null,null,"Burndown","SP Boom Sprayer",null,"90'",{"$f":"+'Field Operations'!F11","v":9.4809013205524924},{"$f":"+'Field Operations'!G11","v":0.29428773488580628},{"$f":"+'Field Operations'!H11","v":0.37194513888888892},{"$f":"+'Field Operations'!I11","v":0.31828703703703703},{"$f":"SUM(P23:S23)","v":10.465421231364223},"_________"]
[null,null,"Machinery",null,null,null,null,null,null,null,null,"Plant","Tractor, 215 hp","Planter","16-row",{"$f":"+'Field Operations'!F8","v":15.97084823338769},{"$f":"+'Field Operations'!G8","v":2.8769883177515254},{"$f":"+'Field Operations'!H8","v":2.3175043269230766},{"$f":"+'Field Operations'!I8","v":1.5865384615384615},{"$f":"SUM(P24:S24)","v":22.751879339600755},"_________"]
[null,null,"  Capital Recovery (Table 3)",null,"Acre",1,{"$f":"+P34","v":116.28012297280327},{"$f":"+F25*G25","v":116.28012297280327},null,"_________",null,"Fertilize","Tractor, 215 hp","Fertilize Spreader",null,{"$f":"'Field Operations'!F10","v":5.1030296919423872},{"$f":"'Field Operations'!G10","v":1.5965293414642521},{"$f":"'Field Operations'!H10","v":2.4593923469387757},{"$f":"'Field Operations'!I10","v":1.6836734693877555},{"$f":"'Field Operations'!J10","v":10.84262484973317},"_________"]
[null,null,"  Other Fixed Machinery Costs",null,"Acre",1,0,{"$f":"+F26*G26","v":0},null,"_________",null,"Weed Control","SP Boom Sprayer",null,"90'",{"$f":"+'Field Operations'!F11","v":9.4809013205524924},{"$f":"+'Field Operations'!G11","v":0.29428773488580628},{"$f":"+'Field Operations'!H11","v":0.37194513888888892},{"$f":"+'Field Operations'!I11","v":0.31828703703703703},{"$f":"SUM(P26:S26)","v":10.465421231364223},"_________"]
[null,null,"General Overhead",null,"Acre",1,20,{"$f":"+F27*G27","v":20},null,"_________",null,"Fertilize","Tractor, 215 hp","Fertilize Spreader",null,{"$f":"+'Field Operations'!F10","v":5.1030296919423872},{"$f":"+'Field Operations'!G10","v":1.5965293414642521},{"$f":"+'Field Operations'!H10","v":2.4593923469387757},{"$f":"+'Field Operations'!I10","v":1.6836734693877555},{"$f":"SUM(P27:S27)","v":10.84262484973317},"_________"]
[null,null,"Cash Rent8",null,"Acre",1,{"$f":"Inputs!C23","v":117},{"$f":"+F28*G28","v":117},null,"_________",null,"Weed Control","SP Boom Sprayer",null,"90'",{"$f":"+'Field Operations'!F11","v":9.4809013205524924},{"$f":"+'Field Operations'!G11","v":0.29428773488580628},{"$f":"+'Field Operations'!H11","v":0.37194513888888892},{"$f":"+'Field Operations'!I11","v":0.31828703703703703},{"$f":"SUM(P28:S28)","v":10.465421231364223},"_________"]
[null,null,"Management Labor10",null,"Acre",1,{"$f":"+Inputs!C13","v":25},{"$f":"+F29*G29","v":25},null,"_________",null,"Insecticide","SP Boom Sprayer",null,"90'",{"$f":"+'Field Operations'!F11","v":9.4809013205524924},{"$f":"+'Field Operations'!G11","v":0.29428773488580628},{"$f":"+'Field Operations'!H11","v":0.37194513888888892},{"$f":"+'Field Operations'!I11","v":0.31828703703703703},{"$f":"SUM(P29:S29)","v":10.465421231364223},"_________"]
[null,null,"Other Fixed Costs",null,"Acre",1,0,{"$f":"+F30*G30","v":0},null,"_________",null,"Insecticide","SP Boom Sprayer",null,"90'",{"$f":"+'Field Operations'!F11","v":9.4809013205524924},{"$f":"+'Field Operations'!G11","v":0.29428773488580628},{"$f":"+'Field Operations'!H11","v":0.37194513888888892},{"$f":"+'Field Operations'!I11","v":0.31828703703703703},{"$f":"SUM(P30:S30)","v":10.465421231364223},"_________"]
[null,"Total Fixed Expenses",null,null,null,null,null,{"$f":"+SUM(H25:H30)","v":278.28012297280327},null,"_________",null,"Harvest","Combine","Grain Head","30'",{"$f":"+'Field Operations'!F13","v":27.996941750468398},{"$f":"+'Field Operations'!G13","v":26.02550331564797},{"$f":"+'Field Operations'!H13","v":6.4559049107142847},{"$f":"+'Field Operations'!I13","v":2.4553571428571428},36.773899212829136,"_________"]
[null,"Total Expenses",null,null,null,null,null,{"$f":"H21+H31","v":566.54358006057305},null,"_________",null,"Haul","Tractor, 215 hp","Grain Cart",null,{"$f":"+'Field Operations'!F14","v":7.0217670022999314},{"$f":"+'Field Operations'!G14","v":0.8354368883597314},{"$f":"+'Field Operations'!H14","v":1.5063778125},{"$f":"+'Field Operations'!I14","v":1.03125},{"$f":"SUM(P32:S32)","v":10.394831703159662},"_________"]
[null,"Return Above All Specified Expenses",null,null,null,null,null,{"$f":"H5-H21-H31","v":-49.543580060573049},null,"_________",null,"Haul","Semi Tractor/Trailer",null,null,{"$f":"+'Field Operations'!F16","v":7.68},{"$f":"+'Field Operations'!G16","v":1.25},{"$f":"+'Field Operations'!H16","v":0.79},{"$f":"+'Field Operations'!I16","v":1.76},9.93,"_________"]
[null,null,null,null,null,null,"Cash Cost per lb",{"$f":"(SUM(H7:H20)+H27+H28)/F4","v":3.8660314280706345},null,"_________",null,"Total",null,null,null,{"$f":"SUM(P23:P33)","v":116.28012297280327},{"$f":"SUM(Q23:Q33)","v":35.652425879116763},{"$f":"SUM(R23:R33)","v":17.848297438459355},{"$f":"SUM(S23:S33)","v":11.791927728356301},{"$f":"SUM(T23:T33)","v":153.862966111877},"_________"]
[null,null,null,null,null,null,"Economic Cost per lb",{"$f":"H32/F4","v":5.150396182368846},null,"_________"]
[]
[null,"Breakeven Price for Selected Yield",null,null,null,"Breakeven  Yield for Selected Price"]
[null,"Yield (bu)","Variable Cost ($/bu)","Total Specified Cost ($/bu)",null,"Price ($/bu)","Variable Cost (bu)",null,"Total Specified Cost (bu)"]
[null,{"$f":"SUM(B40-5)","v":90},{"$f":"$H$21/B39","v":3.2029273009752197},{"$f":"($H$21+$H$31)/B39","v":6.2949286673397005},null,{"$f":"SUM(F40-0.05)","v":4.5000000000000009},{"$f":"+$H$21/F39","v":64.058546019504377},null,{"$f":"+($H$21+$H$31)/F39","v":125.89857334679398}]
[null,95,3.0343521798712607,5.9636166322165582,null,4.5500000000000007,{"$f":"+$H$21/F40","v":63.354605953355986},null,124.51507254078527]
[null,100,2.8826345708776979,5.6654358006057306,null,4.6000000000000005,62.66596893212386,null,123.161647839255]
[null,{"$f":"SUM(B43-5)","v":105},2.7453662579787599,5.3956531434340294,null,{"$f":"SUM(F43-0.05)","v":4.6500000000000004},61.992141309197798,null,121.83732904528452]
[null,{"$f":"+F4","v":110},2.6205768826160889,5.150396182368846,null,{"$f":"+G4","v":4.7},61.332650444206337,null,120.54118724693043]
[null,{"$f":"SUM(B43+5)","v":115},2.5066387572849544,4.9264659135702003,null,{"$f":"SUM(F43+0.05)","v":4.75},60.687043597425216,null,119.27233264433117]
[null,{"$f":"SUM(B44+5)","v":120},2.402195475731415,4.7211965005047754,null,{"$f":"SUM(F44+0.05)","v":4.8},60.054886893285371,null,118.02991251261939]
[null,125,2.3061076567021583,4.5323486404845843,null,4.8499999999999996,59.435764347993775,null,116.81310929083982]
[null,130,2.21741120836746,4.3580275389274847,null,4.8999999999999995,58.829276956687714,null,115.62113878787207]

{"sheet":"Footnotes","index":19,"n_rows":38,"n_cols":8,"rows_kept":38,"cut":false,"hidden":false,"merged":[]}
["FOOTNOTES"]
["1 Revenue"]
["Corn price was estimated using weighted average futures prices from September 2025 to July 2026, adjusted by five year average monthly basis in Tennessee. Corn yield is the predicted 2025 linear trend line yield for corn in Tennessee, using state average USDA-NASS yields from 2004-2024. Irrigated corn yield was estimated at 250 bu/acre."]
["Soybean price was estimated using weighted average futures prices from November 2025 to August 2026, adjusted by average monthly basis in Tennessee. Soybean yield is the predicted 2025 linear trend line yield for soybeans in Tennessee, using state average USDA-NASS yields from 2004-2024. Irrigated soybean yield was estimated at 65 bu/acre."]
["Wheat/Soybean. Soybean yield is the predicted 2025 linear trend line yield for soybeans in Tennessee, adjusted for double cropping system. Wheat price was estimated using weighted average futures prices from July 2025 to May 2026, adjusted by average monthly basis in Tennessee. Wheat yield is the predicted 2025 linear trend line yield for wheat in Tennessee, using state average yields from 2004-2024. If a market for wheat straw is available, add an appropriate amount to other revenue ($/acre) based on the expected yield and price of the straw, being sure to account for additional harvest and marketing costs."]
["Cotton price was estimated using weighted average futures prices from December 2025 to July 2026, adjusted by average monthly basis in Tennessee. Cotton yield is the predicted 2025 linear trend line yield for cotton in Tennessee, using state average yields from 2004-2024. Most ginning arrangements provide producers cottonseed revenue net ginning costs, which should be included as additional revenue."]
["Sorghum price is estimated 10 cents above the price of corn, based on expected market conditions. Due to low acres and limited market access, prices may swing dramatically. Recently, in Tennessee, sorghum has been 10-25 cents above the price of corn. "]
[]
["2 Seed Costs"]
["Corn: Assumes a bag of seed costs $310 and contains 80,000 seeds ($3.88/thousand seeds). Seeding rate of 32,000 seeds/acre (36,500 for irrigated). Seed treatment is included in the price. Seed cost varies by variety. Seed treatments included."]
["Soybeans: Assumes a bag of seed costs $65 and contains 140,000 seeds ($0.46/thousand seeds). Seeding rate of 140,000 seeds/acre (150,000 for irrigated). Seed treatment is included in the price. Seed cost varies by variety. Seed treatments included.",null,null,null,null,null,null,{"$f":"3.1*50","v":155}]
["Wheat: Assumes seeding rate of 2.5 bu/acre at $17.50 per bushel. Seed treatment is included in the price. Seed cost varies by variety. Seed treatments included."]
["Cotton: Assumes $3.10/thousand seeds. Seeding rate of 50,000 seeds/acre (60,000 for irrigated). Seed treatment is included in the price. Seed cost varies by variety. Seed treatments included."]
["Check with farm suppliers for rebates, discounts and incentives for seed and chemicals. Substantial cost savings may be available."]
[]
["3 Fertilizer and Lime"]
["Lime is assumed to be applied once every four years at a rate of 2 tons per acre (includes the cost of application). N, P and K quantities and prices are shown in elemental lb. Check with farm suppliers for rebates, discounts and incentives for fertilizers, seed and chemicals. Substantial cost savings may be available. Substantial variation in prices for fertilizer exist based on quantity purchased, product purchased and location of purchase. "]
[]
["4 Chemicals"]
["Assumes a normal crop rotation with minimal weed infestation. A continuous monocrop system may require additional expenses for chemicals and/or land preparation. Weed control chemicals should be selected for specific weed or grass problems that are present. Generic chemicals may be a cost-effective option; contact your chemical supplier, qualified consultant or weed control specialist.  Alternative weed control options are available in the University of Tennessee Weed Control Manual for Tennessee. Follow all labels, state and national regulations when using all chemicals. Check with farm suppliers for rebates, discounts and incentives for seed and chemicals. Substantial cost savings may be available. Seed treatments, such as some nematicide treatments, are optional and costs vary depending on product used."]
[]
["5 Machinery"]
["Machinery expenses will vary dramatically by operation, financial resources and land base. The machinery cost estimates provided in Table 3 are provided as an estimate of cost of ownership and operation for specified pieces of machinery that would be available to a \"representative\" row-crop farm in Tennessee. To estimate machinery costs for a specific set of equipment, interested parties can utilize the Excel version of the budgets and modify the Machinery Assumptions Table. "]
[]
["6 Crop Insurance"]
["Crop insurance is an estimate and will vary by policy, county and coverage election. The estimate provided is the average premium paid per insured acre for each commodity in Tennessee for the previous production year, as reported by USDA RMA's Summary of Business Report."]
[]
["7 Operating Interest"]
["Operating interest is assumed to be charged on half of all variable expenses."]
[]
["8 Cash Rental Rates "]
["Cash rental rates are the 2024 USDA-NASS reported cash rental rates for cropland in Tennessee. Substantial differences may exist in cash rental rates reported by NASS and the prevailing rate in your location."]
[]
["9 Irrigation"]
["Center-pivot irrigation costs are estimated using the following assumptions: purchase price and installation cost of $95,000; useful life of 20 years; and an irrigated acreage of 125 acres. Well depth and energy source will dramatically impact irrigation costs. Irrigation rates should be adjusted to meet commodity- and farm-specific applications. Irrigation costs are site and energy-source specific. "]
[]
["10 Management Labor"]
["Management labor for irrigated acreage is assumed to be double that of dryland acres."]

{"sheet":"Field Operations","index":20,"n_rows":33,"n_cols":55,"rows_kept":33,"cut":false,"hidden":false,"merged":[[1,54,2,54],[1,26,2,26],[1,27,2,27],[1,48,1,50],[1,51,1,53],[0,0,0,9],[1,42,1,44],[1,45,1,47],[1,22,1,23],[1,28,1,29],[1,33,1,35],[1,31,2,31]]}
["Field Operations",null,null,null,null,null,null,null,null,null,null,null,null,null,null,null,null,null,"Machinery Assumptions "]
[null,null,null,null,null,null,null,null,null,null,null,null,null,null,null,null,null,null,null,null,null,null,"Current Price",null,null,null,"Efficiency Factor","Field Capacity","Repair Factors",null,null,"Accumulated hours",null,"Depreciation Factors",null,null,null,null,null,null,null,null,"R&M",null,null,"Depreciation",null,null,"Interest",null,null,"Taxes, Insurance, & Housing",null,null,"Total Capital Recovery"]
["Commodity","Process","Power Unit","Implement","Size","Capital Recovery","Repair & Maintenance","Fuel","Labor","Total",null,null,null,null,null,null,null,null,null,"Power","Implement","Size","Power","Implement","Speed","Width",null,null,"RF1","RF2","Use (hrs)",null,"Age","DF1","DF2","DF3","RVn","RVn-1","Fuel","Oil and Filter","Total Fuel","Labor","Tractor","Implement","Total","Implement","Tractor","Total","Implement","Tractor","Total","Implement","Tractor","Total"]
["All","Chisel","Tractor, 215 hp","Chisel Plow","21'",{"$f":"BC4","v":6.9527034197614555},{"$f":"AS4","v":2.0348984445795764},{"$f":"AO4","v":3.3756365546218485},2.3109243697478994,{"$f":"SUM(F4:I4)","v":14.674162788710781},null,null,null,null,null,null,null,null,"Chisel","Tractor, 215 hp","Chisel Plow","21'",300000,35000,5,21,85,{"$f":"(Y4*Z4*(AA4/100))/8.25","v":10.818181818181818},0.28000000000000003,1.4,{"$f":"$AB$32/AB4","v":92.436974789915965},{"$f":"AE4*5","v":462.18487394957981},{"$f":"AF4/AE4","v":5},0.73819999999999997,5.0999999999999997E-2,0,{"$f":"X4*(AH4-AI4*(AG4^0.5)-AJ4*(AE4^0.5))^2","v":13635.172989864466},{"$f":"X4*(AH4-AI4*((AG4-1)^0.5)-AJ4*(AE4^0.5))^2","v":14166.2654},{"$f":"Inputs!$C$10*0.73*(0.06*250)*(1/AB4)","v":2.9353361344537814},{"$f":"AM4*0.15","v":0.4403004201680672},{"$f":"+AM4+AN4","v":3.3756365546218485},{"$f":"Inputs!$C$12*1.25*(1/AB4)","v":2.3109243697478994},{"$f":"((W4*$AC$27*(($AF$27+$AE$27)/1000)^$AD$27)-(W4*$AC$27*($AF$27/1000)^$AD$27))/$AE$27*(1/AB4)","v":1.0676470588235296},{"$f":"((X4*AC4*((AF4+AE4)/1000)^AD4)-(X4*AC4*(AF4/1000)^AD4))/AE4*(1/AB4)","v":0.96725138575604663},{"$f":"AQ4+AR4","v":2.0348984445795764},{"$f":"((AL4-AK4)/AE4)*(1/AB4)","v":0.5310924101355341},{"$f":"(($AL$27-$AK$27)/$AE$27)*(1/AB4)","v":2.1189009585205367},{"$f":"+AT4+AU4","v":2.6499933686560708},{"$f":"((Inputs!$C$15*AK4)/AE4)*(1/AB4)","v":0.88628624434119041},{"$f":"((Inputs!$C$15*$AK$27)/$AE$27)*(1/AB4)","v":1.6071801092852016},{"$f":"AW4+AX4","v":2.4934663536263919},{"$f":"(X4*0.02/AE4)*(1/AB4)","v":0.70000000000000007},{"$f":"(W4*0.02/$AE$27)*(1/AB4)","v":1.1092436974789917},{"$f":"+AZ4+BA4","v":1.8092436974789918},{"$f":"+AV4+AY4+BB4","v":6.9527034197614555}]
[null,"Disk","Tractor, 215 hp","Tandem Disk","29'",11.600441777743047,2.0151247346106018,2.7160294117647057,1.8593644354293442,18.190960359547699,null,null,null,null,null,null,null,null,"Disk","Tractor, 215 hp","Tandem Disk","29'",300000,95000,4.5,29,85,13.445454545454545,0.18,1.7,{"$f":"$AB$32/AB5","v":74.374577417173768},{"$f":"AE5*5","v":371.87288708586885},{"$f":"AF5/AE5","v":5},0.89059999999999995,0.1095,0,{"$f":"X5*(AH5-AI5*(AG5^0.5)-AJ5*(AE5^0.5))^2","v":39614.409211460887},{"$f":"X5*(AH5-AI5*((AG5-1)^0.5)-AJ5*(AE5^0.5))^2","v":42849.423199999997},{"$f":"Inputs!$C$10*0.73*(0.06*250)*(1/AB5)","v":2.361764705882353},0.35426470588235293,2.7160294117647057,{"$f":"Inputs!$C$12*1.25*(1/AB5)","v":1.8593644354293442},0.85902636916835706,{"$f":"((X5*AC5*((AF5+AE5)/1000)^AD5)-(X5*AC5*(AF5/1000)^AD5))/AE5*(1/AB5)","v":1.1560983654422448},2.0151247346106018,{"$f":"((AL5-AK5)/AE5)*(1/AB5)","v":3.2350139885391109},1.7048628401889374,{"$f":"+AT5+AU5","v":4.9398768287280479},{"$f":"((Inputs!$C$15*AK5)/AE5)*(1/AB5)","v":2.5749365987449577},{"$f":"((Inputs!$C$15*$AK$27)/$AE$27)*(1/AB5)","v":1.2931334212639551},{"$f":"AW5+AX5","v":3.8680700200089131},1.9,0.89249492900608518,{"$f":"+AZ5+BA5","v":2.792494929006085},{"$f":"+AV5+AY5+BB5","v":11.600441777743047}]
[null,"Prepare Seedbed","Tractor, 215 hp","Do-All","26.5'",7.3199881009386383,1.7367772385063245,2.8422222877358494,1.9457547169811322,13.844742344161943,null,null,null,null,null,null,null,null,"Prepare Seedbed","Tractor, 215 hp","Do-All","26.5'",300000,40000,5,26.5,80,12.848484848484848,0.27,1.4,77.830188679245282,389.15094339622641,5,0.89100000000000001,0.11,0,16642.678202019644,18009.640000000003,{"$f":"Inputs!$C$10*0.73*(0.06*250)*(1/AB6)","v":2.4714976415094343},0.37072464622641516,2.8422222877358494,{"$f":"Inputs!$C$12*1.25*(1/AB6)","v":1.9457547169811322},0.89893867924528315,0.83783855926104134,1.7367772385063245,1.3669617979803592,1.7840746278109236,3.1510364257912826,{"$f":"((Inputs!$C$15*AK6)/AE6)*(1/AB6)","v":1.081774083131277},{"$f":"((Inputs!$C$15*$AK$27)/$AE$27)*(1/AB6)","v":1.3532153278651344},2.4349894109964114,0.80000000000000016,0.93396226415094352,1.7339622641509438,7.3199881009386383]
[null,"Prepare Seedbed","Tractor, 215 hp","Cultimulcher","20'",8.2370530872434546,2.2781965800023798,3.7659445312499993,2.578125,16.859319198495832,null,null,null,null,null,null,null,null,"Prepare Seedbed","Tractor, 215 hp","Cultimulcher","20'",300000,35000,5,20,80,9.6969696969696972,0.27,1.4,103.125,515.625,5,0.89100000000000001,0.11,0,14562.343426767189,15758.435000000001,{"$f":"Inputs!$C$10*0.73*(0.06*250)*(1/AB7)","v":3.2747343749999995},0.49121015624999992,{"$f":"+AM7+AN7","v":3.7659445312499993},{"$f":"Inputs!$C$12*1.25*(1/AB7)","v":2.578125},1.1910937500000001,1.0871028300023795,2.2781965800023798,1.1960915732328121,2.3638988818494733,3.5599904550822856,{"$f":"((Inputs!$C$15*AK7)/AE7)*(1/AB7)","v":0.94655232273986734},{"$f":"((Inputs!$C$15*$AK$27)/$AE$27)*(1/AB7)","v":1.7930103094213028},2.7395626321611699,0.7,1.2374999999999998,1.9374999999999998,8.2370530872434546]
[null,"Plant","Tractor, 215 hp","Planter","16-row",{"$f":"BC8","v":15.97084823338769},{"$f":"AS8","v":2.8769883177515254},{"$f":"AO8","v":2.3175043269230766},{"$f":"AP8","v":1.5865384615384615},22.751879339600755,null,null,null,null,null,null,null,null,"Plant","Tractor, 215 hp","Planter","16-row",300000,160000,5,40,65,15.757575757575758,0.32,2.1,63.46153846153846,317.30769230769232,5,0.88300000000000001,7.8E-2,0,80335.217317657429,84564.639999999985,{"$f":"Inputs!$C$10*0.73*(0.06*250)*(1/AB8)","v":2.0152211538461535},0.30228317307692304,2.3175043269230766,{"$f":"Inputs!$C$12*1.25*(1/AB8)","v":1.5865384615384615},0.73298076923076927,2.1440075485207561,2.8769883177515254,4.2294226823425554,1.4547070042150605,5.6841296865576156,{"$f":"((Inputs!$C$15*AK8)/AE8)*(1/AB8)","v":5.2217891256477333},{"$f":"((Inputs!$C$15*$AK$27)/$AE$27)*(1/AB8)","v":1.1033909596438787},6.3251800852916116,3.1999999999999997,0.7615384615384615,3.9615384615384612,15.97084823338769]
[null,"Plant","Tractor, 215 hp","Grain Drill","20'",12.485639956106363,5.2946804023429275,4.3039366071428571,2.9464285714285716,25.03068553702072,null,null,null,null,null,null,null,null,"Plant","Tractor, 215 hp","Grain Drill","20 ft",300000,80000,5,20,70,8.4848484848484844,0.32,2.1,117.85714285714286,589.28571428571433,5,0.88260000000000005,7.7799999999999994E-2,0,40172.961625274525,42282.320000000014,{"$f":"Inputs!$C$10*0.73*(0.06*250)*(1/AB9)","v":3.7425535714285716},0.56138303571428572,4.3039366071428571,{"$f":"Inputs!$C$12*1.25*(1/AB9)","v":2.9464285714285716},1.3612500000000003,3.933430402342927,5.2946804023429275,2.1093583747254887,2.7015987221136841,4.8109570968391733,{"$f":"((Inputs!$C$15*AK9)/AE9)*(1/AB9)","v":2.6112425056428443},{"$f":"((Inputs!$C$15*$AK$27)/$AE$27)*(1/AB9)","v":2.049154639338632},4.6603971449814763,1.6000000000000003,1.4142857142857144,3.0142857142857147,12.485639956106363]
[null,"Fertilize","Tractor, 215 hp","Fertilizer Spreader",null,5.1030296919423872,1.5965293414642521,2.4593923469387757,1.6836734693877555,10.84262484973317,null,null,null,null,null,null,null,null,"Fertilize","Tractor, 215 hp","Fertilizer Spreader","900#",300000,20000,7,25,70,14.848484848484846,0.63,1.3,67.34693877551021,336.73469387755108,5,0.88260000000000005,7.7799999999999994E-2,0,10043.240406318631,10570.580000000004,{"$f":"Inputs!$C$10*0.73*(0.06*250)*(1/AB10)","v":2.1386020408163269},0.32079030612244902,2.4593923469387757,{"$f":"Inputs!$C$12*1.25*(1/AB10)","v":1.6836734693877555},0.77785714285714314,0.81867219860710894,1.5965293414642521,0.52733959368137229,1.5437706983506769,2.0711102920320492,{"$f":"((Inputs!$C$15*AK10)/AE10)*(1/AB10)","v":0.65281062641071119},{"$f":"((Inputs!$C$15*$AK$27)/$AE$27)*(1/AB10)","v":1.1709455081935043},1.8237561346042155,0.4,0.80816326530612259,1.2081632653061227,5.1030296919423872]
[null,"Spray","SP Boom Sprayer",null,"90'",9.4809013205524924,0.29428773488580628,0.37194513888888892,0.31828703703703703,10.465421231364223,null,null,null,null,null,null,null,null,"Weed Control","SP Boom Sprayer",null,"90'",null,300000,12,90,60,{"$f":"(Y11*Z11*(AA11/100))/8.25","v":78.545454545454547},0.1,1.3,{"$f":"$AB$32*2.5/AB11","v":31.828703703703702},159.1435185185185,5,0.88260000000000005,7.7799999999999994E-2,0,150648.60609477948,158558.70000000004,{"$f":"Inputs!$C$10*0.73*(0.06*200)*(1/AB11)","v":0.32343055555555555},4.8514583333333333E-2,0.37194513888888892,{"$f":"Inputs!$C$12*1.25*(1/AB11)","v":0.31828703703703703},0,0.29428773488580628,0.29428773488580628,3.1640375620882262,0,3.1640375620882262,{"$f":"((Inputs!$C$15*AK11)/AE11)*(1/AB11)","v":3.9168637584642663},0,3.9168637584642663,{"$f":"(X11*0.02/AE11)*(1/AB11)","v":2.4},0,2.4,{"$f":"+AV11+AY11+BB11","v":9.4809013205524924}]
[null,"Harvest","Combine","Corn Head","8-row",37.725187286814645,35.050795185290561,8.6078732142857142,3.2738095238095242,84.657665210200435,null,null,null,null,null,null,null,null,"Harvest","Combine","Corn Head","8-row",450000,70000,4.5,20,70,7.6363636363636358,0.05,2.2999999999999998,130.95238095238096,654.76190476190482,5,1.1317999999999999,0.16450000000000001,0,40855.170898403936,45114.148799999995,{"$f":"Inputs!$C$10*0.73*(0.06*450)*(1/AB12)","v":7.4851071428571432},1.1227660714285714,8.6078732142857142,{"$f":"Inputs!$C$12*1.25*(1/AB12)","v":3.2738095238095242},{"$f":"((W12*$AC$28*(($AF$28+$AE$28)/1000)^$AD$28)-(W12*$AC$28*($AF$28/1000)^$AD$28))/$AE$28*(1/AB12)","v":34.362362398452198},{"$f":"((X12*AC12*((AF12+AE12)/1000)^AD12)-(X12*AC12*(AF12/1000)^AD12))/AE12*(1/AB12)","v":0.68843278683836318},35.050795185290561,{"$f":"((AL12-AK12)/AE12)*(1/AB12)","v":4.2589779015960589},{"$f":"(($AL$28-$AK$28)/$AE$28)*(1/AB12)","v":15.370171983143434},19.629149884739494,{"$f":"((Inputs!$C$15*AK12)/AE12)*(1/AB12)","v":2.655586108396256},{"$f":"((Inputs!$C$15*$AK$28)/$AE$28)*(1/AB12)","v":8.1475941508217531},10.80318025921801,{"$f":"(X12*0.02/AE12)*(1/AB12)","v":1.4},{"$f":"(W12*0.02/$AE$28)*(1/AB12)","v":5.8928571428571432},{"$f":"+AZ12+BA12","v":7.2928571428571427},37.725187286814645]
[null,"Harvest","Combine","Grain Head","30'",27.996941750468398,26.02550331564797,6.4559049107142847,2.4553571428571428,62.933707119687803,null,null,null,null,null,null,null,null,"Harvest","Combine","Grain Head","30 ft",450000,50000,4,30,70,10.181818181818182,0.05,2.2999999999999998,{"$f":"$AB$32/AB13","v":98.214285714285722},491.07142857142861,5,1.1317999999999999,0.16450000000000001,0,29182.264927431384,32224.391999999996,{"$f":"Inputs!$C$10*0.73*(0.06*450)*(1/AB13)","v":5.6138303571428567},0.84207455357142846,6.4559049107142847,{"$f":"Inputs!$C$12*1.25*(1/AB13)","v":2.4553571428571428},{"$f":"((W13*$AC$28*(($AF$28+$AE$28)/1000)^$AD$28)-(W13*$AC$28*($AF$28/1000)^$AD$28))/$AE$28*(1/AB13)","v":25.771771798839143},{"$f":"((X13*AC13*((AF13+AE13)/1000)^AD13)-(X13*AC13*(AF13/1000)^AD13))/AE13*(1/AB13)","v":0.25373151680882838},26.02550331564797,{"$f":"((AL13-AK13)/AE13)*(1/AB13)","v":3.0421270725686118},{"$f":"(($AL$28-$AK$28)/$AE$28)*(1/AB13)","v":11.527628987357575},14.569756059926187,{"$f":"((Inputs!$C$15*AK13)/AE13)*(1/AB13)","v":1.8968472202830398},{"$f":"((Inputs!$C$15*$AK$28)/$AE$28)*(1/AB13)","v":6.1106956131163139},8.0075428333993539,{"$f":"(X13*0.02/AE13)*(1/AB13)","v":1},{"$f":"(W13*0.02/$AE$28)*(1/AB13)","v":4.4196428571428568},{"$f":"+AZ13+BA13","v":5.4196428571428568},27.996941750468398]
[null,"Haul","Tractor, 215 hp","Grain Cart","800 bu",7.0217670022999314,0.8354368883597314,1.5063778125,1.03125,10.394831703159662,null,null,null,null,null,null,null,null,"Haul","Tractor, 215 hp","Grain Cart",null,300000,55000,8,25,100,24.242424242424242,0.19,1.3,41.25,206.25,5,0.94269999999999998,0.1111,0,26510.813287923389,28551.61374999999,{"$f":"Inputs!$C$10*0.73*(0.06*250)*(1/AB14)","v":1.3098937500000001},0.1964840625,1.5063778125,{"$f":"Inputs!$C$12*1.25*(1/AB14)","v":1.03125},{"$f":"((W14*$AC$27*(($AF$27+$AE$27)/1000)^$AD$27)-(W14*$AC$27*($AF$27/1000)^$AD$27))/$AE$27*(1/AB14)","v":0.47643750000000007},{"$f":"((X14*AC14*((AF14+AE14)/1000)^AD14)-(X14*AC14*(AF14/1000)^AD14))/AE14*(1/AB14)","v":0.35899938835973128},0.8354368883597314,{"$f":"((AL14-AK14)/AE14)*(1/AB14)","v":2.0408004620766005},{"$f":"(($AL$27-$AK$27)/$AE$27)*(1/AB14)","v":0.94555955273978942},2.9863600148163898,{"$f":"((Inputs!$C$15*AK14)/AE14)*(1/AB14)","v":1.7232028637150205},{"$f":"((Inputs!$C$15*$AK$27)/$AE$27)*(1/AB14)","v":0.71720412376852116},{"$f":"AW14+AX14","v":2.4404069874835415},{"$f":"(X14*0.02/AE14)*(1/AB14)","v":1.1000000000000001},{"$f":"(W14*0.02/$AE$27)*(1/AB14)","v":0.495},{"$f":"+AZ14+BA14","v":1.5950000000000002},7.0217670022999314]
[null,"Haul (soybean)","Semi Tractor/Trailer",null,null,5.91,0.32,0.25,0.55000000000000004,7.03]
[null,"Haul (corn)","Semi Tractor/Trailer",null,null,7.68,1.25,0.79,1.76,11.48]
[null,"Haul (wheat)","Semi Tractor/Trailer",null,null,6.17,0.43,0.35,0.77,7.72]
["Cotton","Chop Stalks","Tractor, 215 hp","Rotary Mower","15'",8.0381686759148252,4.2157079081632656,3.5866138392857145,2.4553571428571428,18.295847566220949,null,null,null,null,null,null,null,null,"Chop Stalks","Tractor, 215 hp","Rotary Mower","15'",300000,55000,7,15,80,10.181818181818182,0.44,2,{"$f":"$AB$33/AB18","v":117.85714285714286},589.28571428571433,5,0.75570000000000004,6.7199999999999996E-2,0,20160.416700149995,21230.752950000006,{"$f":"Inputs!$C$10*0.73*(0.06*250)*(1/AB18)","v":3.1187946428571429},0.46781919642857139,3.5866138392857145,{"$f":"Inputs!$C$12*1.25*(1/AB18)","v":2.4553571428571428},{"$f":"((W18*$AC$27*(($AF$27+$AE$27)/1000)^$AD$27)-(W18*$AC$27*($AF$27/1000)^$AD$27))/$AE$27*(1/AB18)","v":1.1343750000000001},{"$f":"((X18*AC18*((AF18+AE18)/1000)^AD18)-(X18*AC18*(AF18/1000)^AD18))/AE18*(1/AB18)","v":3.0813329081632657},4.2157079081632656,{"$f":"((AL18-AK18)/AE18)*(1/AB18)","v":0.89194687487500834},{"$f":"(($AL$27-$AK$27)/$AE$27)*(1/AB18)","v":2.2513322684280701},3.1432791433030784,{"$f":"((Inputs!$C$15*AK18)/AE18)*(1/AB18)","v":1.0920225712581246},{"$f":"((Inputs!$C$15*$AK$27)/$AE$27)*(1/AB18)","v":1.7076288661155266},{"$f":"AW18+AX18","v":2.799651437373651},{"$f":"(X18*0.02/AE18)*(1/AB18)","v":0.91666666666666652},{"$f":"(W18*0.02/$AE$27)*(1/AB18)","v":1.1785714285714286},{"$f":"+AZ18+BA18","v":2.0952380952380949},{"$f":"+AV18+AY18+BB18","v":8.0381686759148252}]
[null,"Plant","Tractor, 215 hp","Planter","12-row",13.314526888547832,5.0222358589387897,3.0900057692307694,2.1153846153846154,23.542153132102005,null,null,null,null,null,null,null,null,"Plant","Tractor, 215 hp","Planter","12-row",300000,135000,5,30,65,11.818181818181818,0.32,2.1,{"$f":"$AB$33/AB19","v":101.53846153846153},507.69230769230768,5,0.88260000000000005,7.7799999999999994E-2,0,67791.872742650768,71351.415000000023,{"$f":"Inputs!$C$10*0.73*(0.06*250)*(1/AB19)","v":2.6869615384615386},0.40304423076923079,3.0900057692307694,{"$f":"Inputs!$C$12*1.25*(1/AB19)","v":2.1153846153846154},{"$f":"((W19*$AC$27*(($AF$27+$AE$27)/1000)^$AD$27)-(W19*$AC$27*($AF$27/1000)^$AD$27))/$AE$27*(1/AB19)","v":0.97730769230769243},4.044928166631097,5.0222358589387897,2.9662852144577125,{"$f":"(($AL$27-$AK$27)/$AE$27)*(1/AB19)","v":1.9396093389534141},4.9058945534111267,{"$f":"((Inputs!$C$15*AK19)/AE19)*(1/AB19)","v":3.6720597735602505},{"$f":"((Inputs!$C$15*$AK$27)/$AE$27)*(1/AB19)","v":1.4711879461918385},5.1432477197520887,2.2500000000000004,{"$f":"(W19*0.02/$AE$27)*(1/AB19)","v":1.0153846153846153},3.2653846153846158,13.314526888547832]
[null,"Weed Control","Tractor, 215 hp","Hooded Sprayer",90,2.3349502736856858,0.3788848373361865,0.85833493589743581,0.58760683760683763,4.1597768845261456,null,null,null,null,null,null,null,null,"Spray","Tractor, 215 hp","Hooded Sprayer",null,300000,15000,6,90,65,42.545454545454547,0.41,1.3,28.205128205128204,141.02564102564102,5,0.94269999999999998,0.1111,0,7230.2218057972877,7786.8037499999973,{"$f":"Inputs!$C$10*0.73*(0.06*250)*(1/AB20)","v":0.74637820512820507},0.11195673076923075,0.85833493589743581,{"$f":"Inputs!$C$12*1.25*(1/AB20)","v":0.58760683760683763},{"$f":"((W20*$AC$27*(($AF$27+$AE$27)/1000)^$AD$27)-(W20*$AC$27*($AF$27/1000)^$AD$27))/$AE$27*(1/AB20)","v":0.27147435897435901},0.1074104783618275,0.3788848373361865,0.46381828683559134,{"$f":"(($AL$27-$AK$27)/$AE$27)*(1/AB20)","v":0.53878037193150397},1.0025986587670954,{"$f":"((Inputs!$C$15*AK20)/AE20)*(1/AB20)","v":0.3916370144806865},{"$f":"((Inputs!$C$15*$AK$27)/$AE$27)*(1/AB20)","v":0.40866331838662173},0.80030033286730817,0.25,{"$f":"(W20*0.02/$AE$27)*(1/AB20)","v":0.28205128205128205},{"$f":"+AZ20+BA20","v":0.53205128205128205},2.3349502736856858]
[null,"Harvest","SP Cotton Picker",null,"6-row",29.431098038453527,9.9804750725151621,9.6838573660714289,3.6830357142857144,52.778466191325833,null,null,null,null,null,null,null,null,"Harvest","SP Cotton Picker",null,null,null,350000,4,20,70,{"$f":"(Y21*Z21*(AA21/100))/8.25","v":6.7878787878787881},0.11,1.8,{"$f":"$AB$33/AB21","v":176.78571428571428},883.92857142857133,5,1.1317999999999999,0.16450000000000001,7.9000000000000008E-3,151965.0433540878,{"$f":"X21*(AH21-AI21*((AG21-1)^0.5)-AJ21*(AE21^0.5))^2","v":170404.63318221632},{"$f":"Inputs!$C$10*0.73*(0.06*450)*(1/AB21)","v":8.4207455357142855},1.2631118303571427,9.6838573660714289,{"$f":"Inputs!$C$12*1.25*(1/AB21)","v":3.6830357142857144},null,9.9804750725151621,9.9804750725151621,15.366324856773767,null,15.366324856773767,{"$f":"((Inputs!$C$15*AK21)/AE21)*(1/AB21)","v":8.2314398483464242},null,8.2314398483464242,5.8333333333333339,null,5.8333333333333339,29.431098038453527]
[null,"Harvest","Tractor, 215 hp","Boll Buggy",null,7.6589000952196091,1.1996503705746935,3.7659445312499993,2.578125,15.202619997044302,null,null,null,null,null,null,null,null,"Haul-Boll Buggy","Tractor, 215 hp","Boll Buggy",null,300000,45000,4,20,100,9.6969696969696972,0.19,1.3,123.75,618.75,5,0.94269999999999998,0.1111,0,{"$f":"X22*(AH22-AI22*(AG22^0.5)-AJ22*(AE22^0.5))^2","v":21690.665417391865},{"$f":"X22*(AH22-AI22*((AG22-1)^0.5)-AJ22*(AE22^0.5))^2","v":23360.411249999994},{"$f":"Inputs!$C$10*0.73*(0.06*250)*(1/AB22)","v":3.2747343749999995},{"$f":"AM22*0.15","v":0.49121015624999992},3.7659445312499993,{"$f":"Inputs!$C$12*1.25*(1/AB22)","v":2.578125},{"$f":"((X22*$AC$27*(($AF$27+$AE$27)/1000)^$AD$27)-(X22*$AC$27*($AF$27/1000)^$AD$27))/$AE$27*(1/AB22)","v":0.17866406249999997},{"$f":"((X22*AC22*((AF22+AE22)/1000)^AD22)-(X22*AC22*(AF22/1000)^AD22))/AE22*(1/AB22)","v":1.0209863080746935},1.1996503705746935,{"$f":"((AL22-AK22)/AE22)*(1/AB22)","v":1.3914548605067738},{"$f":"(($AL$27-$AK$27)/$AE$27)*(1/AB22)","v":2.3638988818494733},3.7553537423562471,{"$f":"((Inputs!$C$15*AK22)/AE22)*(1/AB22)","v":1.1749110434420593},{"$f":"((Inputs!$C$15*$AK$27)/$AE$27)*(1/AB22)","v":1.7930103094213028},{"$f":"AW22+AX22","v":2.9679213528633621},{"$f":"(X22*0.02/AE22)*(1/AB22)","v":0.74999999999999989},{"$f":"(X22*0.02/$AE$27)*(1/AB22)","v":0.18562499999999998},0.93562499999999993,7.6589000952196091]
[null,"Harvest","Tractor, 215 hp","Module Builder","32'",7.9674291327466875,1.2718986921134023,3.3624504743303576,2.3018973214285716,14.903675620619019,null,null,null,null,null,null,null,null,"Module Builder","Tractor, 215 hp","Module Builder","32'",300000,55000,4,32,70,10.860606060606059,0.19,1.3,110.49107142857144,552.45535714285722,5,0.94269999999999998,0.1111,0,26510.813287923389,{"$f":"X23*(AH23-AI23*((AG23-1)^0.5)-AJ23*(AE23^0.5))^2","v":28551.61374999999},{"$f":"Inputs!$C$10*0.73*(0.06*250)*(1/AB23)","v":2.9238699776785717},{"$f":"AM23*0.15","v":0.43858049665178572},3.3624504743303576,{"$f":"Inputs!$C$12*1.25*(1/AB23)","v":2.3018973214285716},{"$f":"((X23*$AC$27*(($AF$27+$AE$27)/1000)^$AD$27)-(X23*$AC$27*($AF$27/1000)^$AD$27))/$AE$27*(1/AB23)","v":0.19497070312500003},1.0769279889884023,1.2718986921134023,{"$f":"((AL23-AK23)/AE23)*(1/AB23)","v":1.7006670517305003},{"$f":"(($AL$27-$AK$27)/$AE$27)*(1/AB23)","v":2.1106240016513156},3.8112910533818161,{"$f":"((Inputs!$C$15*AK23)/AE23)*(1/AB23)","v":1.4360023864291835},{"$f":"((Inputs!$C$15*$AK$27)/$AE$27)*(1/AB23)","v":1.6009020619833063},3.0369044484124901,0.91666666666666663,{"$f":"(X23*0.02/$AE$27)*(1/AB23)","v":0.2025669642857143},1.1192336309523809,{"$f":"+AV23+AY23+BB23","v":7.9674291327466875}]
[null,"Harvest","Picker/Module Builder (Round)",null,"6-row",{"$f":"BC24","v":68.179608128475365},{"$f":"AS24","v":16.95163301628347},{"$f":"AO24","v":10.765706612258493},{"$f":"AP24","v":3.122918054630246},99.019865811647577,null,null,null,null,null,null,null,null,"Harvest","Picker/Module Builder (Round)",null,null,800000,null,4.4000000000000004,{"$f":"38/12*6","v":19},79,{"$f":"(Y24*Z24*(AA24/100))/8.25","v":8.0053333333333345},0.11,1.8,{"$f":"$AB$33/AB24","v":149.90006662225181},749.50033311125912,5,1.1317999999999999,0.16450000000000001,7.9000000000000008E-3,{"$f":"W24*(AH24-AI24*(AG24^0.5)-AJ24*(AE24^0.5))^2","v":356171.86687137437},{"$f":"W24*(AH24-AI24*((AG24-1)^0.5)-AJ24*(AE24^0.5))^2","v":398836.22527890548},{"$f":"Inputs!$C$10*0.73*(0.06*590)*(1/AB24)","v":9.3614840106595594},{"$f":"AM24*0.15","v":1.4042226015989339},10.765706612258493,{"$f":"Inputs!$C$12*1.25*(1/AB24)","v":3.122918054630246},{"$f":"((W24*$AC$24*(($AF$24+$AE$24)/1000)^$AD$24)-(W24*$AC$24*($AF$24/1000)^$AD$24))/$AE$24*(1/AB24)","v":16.95163301628347},null,16.95163301628347,{"$f":"((AL24-AK24)/AE24)*(1/AB24)","v":35.553632006275919},null,35.553632006275919,{"$f":"((Inputs!$C$15*AK24)/AE24)*(1/AB24)","v":19.292642788866111},null,19.292642788866111,{"$f":"(W24*0.02/AE24)*(1/AB24)","v":13.333333333333334},null,13.333333333333334,68.179608128475365]
[null,"Harvest","Tractor, 215 hp","Module Handler",null,{"$f":"BC25","v":3.2762115745402216},{"$f":"AS25","v":0.83961708094118925},{"$f":"AO25","v":2.2808700449700194},{"$f":"AP25","v":1.561459027315123},{"$f":"SUM(F25:I25)","v":7.9581577277665536},null,null,null,null,null,null,null,null,"Harvest","Tractor, 215 hp","Round Module Mover",null,300000,10000,null,null,null,{"$f":"AB24*2","v":16.010666666666669},0.19,1.3,{"$f":"AE24/2","v":74.950033311125907},{"$f":"AF24/2","v":374.75016655562956},5,0.94,0.11,0,{"$f":"X25*(AH25-AI25*(AG25^0.5)-AJ25*(AE25^0.5))^2","v":4816.8114225304334},{"$f":"X25*(AH25-AI25*((AG25-1)^0.5)-AJ25*(AE25^0.5))^2","v":5184},{"$f":"Inputs!$C$10*0.73*(0.06*250)*(1/AB25)","v":1.9833652564956692},{"$f":"AM25*0.15","v":0.29750478847435036},2.2808700449700194,{"$f":"Inputs!$C$12*1.25*(1/AB25)","v":1.561459027315123},{"$f":"((W25*$AC$27*(($AF$27+$AE$27)/1000)^$AD$27)-(W25*$AC$27*($AF$27/1000)^$AD$27))/$AE$27*(1/AB25)","v":0.72139407061958682},{"$f":"((X25*AC25*((AF25+AE25)/1000)^AD25)-(X25*AC25*(AF25/1000)^AD25))/AE25*(1/AB25)","v":0.11822301032160244},{"$f":"AQ25+AR25","v":0.83961708094118925},{"$f":"((AL25-AK25)/AE25)*(1/AB25)","v":0.30599048122463879},{"$f":"(($AL$27-$AK$27)/$AE$27)*(1/AB25)","v":1.4317115146565762},1.737701995881215,{"$f":"((Inputs!$C$15*AK25)/AE25)*(1/AB25)","v":0.2609106187203985},{"$f":"((Inputs!$C$15*$AK$27)/$AE$27)*(1/AB25)","v":1.0859489488348995},{"$f":"AW25+AX25","v":1.3468595675552979},{"$f":"(X25*0.02/AE25)*(1/AB25)","v":0.16666666666666666},{"$f":"(X25*0.02/$AE$27)*(1/AB25)","v":2.498334443704197E-2},0.19165001110370863,{"$f":"+AV25+AY25+BB25","v":3.2762115745402216}]
[]
[null,null,null,null,null,null,null,null,null,null,null,null,null,null,null,null,null,null,null,null,null,null,null,null,null,null,null,"Tractor ",7.0000000000000001E-3,2,500,{"$f":"+AE27*5","v":2500},{"$f":"+AF27/AE27","v":5},0.97560000000000002,0.1187,1.9E-3,{"$f":"W4*(AH27-AI27*(AG27^0.5)-AJ27*(AE27^0.5))^2","v":133744.35874471258},{"$f":"W4*(AH27-AI27*((AG27-1)^0.5)-AJ27*(AE27^0.5))^2","v":145205.68665671002}]
[null,null,null,null,null,null,null,null,null,null,null,null,null,null,null,null,null,null,null,null,null,null,null,null,null,null,null,"Combine",0.25,2.1,200,{"$f":"+AE28*5","v":1000},{"$f":"+AF28/AE28","v":5},1.1317999999999999,0.16450000000000001,7.9000000000000008E-3,{"$f":"W12*(AH28-AI28*(AG28^0.5)-AJ28*(AE28^0.5))^2","v":191439.97445287474},{"$f":"W12*(AH28-AI28*((AG28-1)^0.5)-AJ28*(AE28^0.5))^2","v":214914.41893622107}]
[]
[]
[]
[null,null,null,null,null,null,null,null,null,null,null,null,null,null,null,null,null,null,null,null,null,null,null,null,null,"Acres","Corn",1000]
[null,null,null,null,null,null,null,null,null,null,null,null,null,null,null,null,null,null,null,null,null,null,null,null,null,null,"Cotton",1200]

{"sheet":"Budget Summary","index":21,"n_rows":14,"n_cols":6,"rows_kept":14,"cut":false,"hidden":false,"merged":[[0,1,0,5]]}
[null,"Summary of Revenue, Variable and Fixed Expenses, and Profit or Loss for Each Commodity and Production Method"]
[]
[null,"Commodity & Production Process","Revenue ($/Acre)","Variable Expenses ($/Acre)","Fixed Expenses ($/Acre)","Returns Over Specified Costs"]
[null,"Corn No-Till, Non-Irrigated",{"$f":"'Corn NT Non-Irr'!H7","v":804.99999999999989},{"$f":"'Corn NT Non-Irr'!H23","v":533.81477640096091},{"$f":"'Corn NT Non-Irr'!H34","v":283.6304968805394},{"$f":"'Corn NT Non-Irr'!H36","v":-12.445273281500363}]
[null,"Corn Conventional Tillage, Non-Irrigated",{"$f":"'Corn CT Non-Irr'!H7","v":804.99999999999989},{"$f":"'Corn CT Non-Irr'!H23","v":535.74107717545303},{"$f":"'Corn CT Non-Irr'!H34","v":300.02272885843001},{"$f":"'Corn CT Non-Irr'!H36","v":-30.763806033883156}]
[null,"Corn No-Till, Irrigated",{"$f":"'Corn Irr'!H7","v":1150},{"$f":"'Corn Irr'!H26","v":699.30015776742061},{"$f":"'Corn Irr'!H39","v":496.68341613519777},{"$f":"'Corn Irr'!H41","v":-45.983573902618446}]
[null,"Soybeans No-Till, Non-Irrigated",{"$f":"'Soybeans NT Non-Irr'!H7","v":520},{"$f":"'Soybeans NT Non-Irr'!H23","v":315.2297781236673},{"$f":"'Soybeans NT Non-Irr'!H34","v":271.40709328086086},{"$f":"'Soybeans NT Non-Irr'!H36","v":-66.636871404528165}]
[null,"Soybeans No-Till, Irrigated",{"$f":"'Soybeans Irr'!H7","v":676},{"$f":"'Soybeans Irr'!H26","v":380.4768911671456},{"$f":"'Soybeans Irr'!H39","v":478.84818023738262},{"$f":"'Soybeans Irr'!H41","v":-183.32507140452822}]
[null,"SRW Wheat",{"$f":"'SRW Wheat'!H7","v":468},{"$f":"'SRW Wheat'!H24","v":309.88037143421491},{"$f":"'SRW Wheat'!H35","v":263.80401337496943},{"$f":"'SRW Wheat'!H37","v":-105.68438480918439}]
[null,"Wheat & Soybean, Double Cropped",{"$f":"'Wheat & Soybean DC'!H8","v":884},{"$f":"'Wheat & Soybean DC'!H26","v":545.07538817571492},{"$f":"'Wheat & Soybean DC'!H37","v":385.33064711302092},{"$f":"'Wheat & Soybean DC'!H39","v":-46.406035288735893}]
[null,"Cotton No-Till, Non-Irrigated",{"$f":"'Cotton NT'!H7","v":828},{"$f":"'Cotton NT'!H24","v":598.44269188325734},{"$f":"'Cotton NT'!H35","v":333.7158341689161},{"$f":"'Cotton NT'!H37","v":-104.15852605217344}]
[null,"Cotton Conventional Tillage, Non-Irrigated",{"$f":"'Cotton CT'!H7","v":828},{"$f":"'Cotton CT'!H24","v":602.52873833383319},{"$f":"'Cotton CT'!H35","v":351.02513113311159},{"$f":"'Cotton CT'!H37","v":-125.55386946694478}]
[null,"Cotton No-Till, Irrigated",{"$f":"'Cotton Irr'!H7","v":1080},{"$f":"'Cotton Irr'!H27","v":710.35102521659087},{"$f":"'Cotton Irr'!H40","v":548.7158341689161},{"$f":"'Cotton Irr'!H42","v":-179.06685938550709}]
[null,"Grain Sorghum, No-Till, Non-Irrigated",{"$f":"+'G. Sorghum NT'!H5","v":517},{"$f":"+'G. Sorghum NT'!H21","v":288.26345708776978},{"$f":"+'G. Sorghum NT'!H31","v":278.28012297280327},{"$f":"+'G. Sorghum NT'!H33","v":-49.543580060573049}]

{"sheet":"Enterprise Summary","index":22,"n_rows":16,"n_cols":7,"rows_kept":16,"cut":false,"hidden":false,"merged":[[15,1,15,6],[0,1,0,6]]}
[null,"Enterprise Summary"]
[]
[null,"Commodity & Production Process","Acres","Total Revenue ($)","Variable Expenses ($/Acre)","Fixed Expenses ($/Acre)","Profit (Loss)"]
[null,{"$f":"'Budget Summary'!B4","v":"Corn No-Till, Non-Irrigated"},200,{"$f":"C4*'Budget Summary'!C4","v":160999.99999999997},{"$f":"'Budget Summary'!D4*C4","v":106762.95528019218},{"$f":"'Budget Summary'!E4*C4","v":56726.099376107879},{"$f":"D4-E4-F4","v":-2489.0546563000898}]
[null,{"$f":"'Budget Summary'!B5","v":"Corn Conventional Tillage, Non-Irrigated"},0,{"$f":"C5*'Budget Summary'!C5","v":0},{"$f":"'Budget Summary'!D5*C5","v":0},{"$f":"'Budget Summary'!E5*C5","v":0},{"$f":"D5-E5-F5","v":0}]
[null,{"$f":"'Budget Summary'!B6","v":"Corn No-Till, Irrigated"},250,{"$f":"C6*'Budget Summary'!C6","v":287500},{"$f":"'Budget Summary'!D6*C6","v":174825.03944185516},{"$f":"'Budget Summary'!E6*C6","v":124170.85403379945},-11495.893475654608]
[null,{"$f":"'Budget Summary'!B7","v":"Soybeans No-Till, Non-Irrigated"},200,{"$f":"C7*'Budget Summary'!C7","v":104000},{"$f":"'Budget Summary'!D7*C7","v":63045.955624733462},{"$f":"'Budget Summary'!E7*C7","v":54281.418656172173},-13327.374280905635]
[null,{"$f":"'Budget Summary'!B8","v":"Soybeans No-Till, Irrigated"},0,{"$f":"C8*'Budget Summary'!C8","v":0},{"$f":"'Budget Summary'!D8*C8","v":0},{"$f":"'Budget Summary'!E8*C8","v":0},0]
[null,"Wheat  ",0,{"$f":"C9*'Budget Summary'!C9","v":0},{"$f":"C9*'Budget Summary'!D9","v":0},{"$f":"C9*'Budget Summary'!E9","v":0},{"$f":"D9-E9-F9","v":0}]
[null,{"$f":"'Budget Summary'!B10","v":"Wheat & Soybean, Double Cropped"},100,{"$f":"C10*'Budget Summary'!C10","v":88400},{"$f":"'Budget Summary'!D10*C10","v":54507.538817571491},{"$f":"'Budget Summary'!E10*C10","v":38533.06471130209},-4640.6035288735802]
[null,{"$f":"'Budget Summary'!B11","v":"Cotton No-Till, Non-Irrigated"},0,{"$f":"C11*'Budget Summary'!C11","v":0},{"$f":"'Budget Summary'!D11*C11","v":0},{"$f":"'Budget Summary'!E11*C11","v":0},0]
[null,{"$f":"'Budget Summary'!B12","v":"Cotton Conventional Tillage, Non-Irrigated"},250,{"$f":"C12*'Budget Summary'!C12","v":207000},{"$f":"'Budget Summary'!D12*C12","v":150632.18458345829},{"$f":"'Budget Summary'!E12*C12","v":87756.2827832779},-31388.467366736193]
[null,{"$f":"'Budget Summary'!B14","v":"Grain Sorghum, No-Till, Non-Irrigated"},0,{"$f":"C13*'Budget Summary'!C14","v":0},{"$f":"'Budget Summary'!D14*C13","v":0},{"$f":"'Budget Summary'!E14*C13","v":0},0]
[null,"Total",{"$f":"SUM(C4:C13)","v":1000},{"$f":"SUM(D4:D13)","v":847900},{"$f":"SUM(E4:E13)","v":549773.67374781054},{"$f":"SUM(F4:F13)","v":361467.71956065949},{"$f":"SUM(G4:G13)","v":-63341.393308470106}]
[]
[null,"This worksheet allows the user to enter acreage for different commodities and production processes in order to obtain an estimated profit and loss statement for the entire enterprise. This worksheet will automatically update the information contained in individual budgets, As such users should only adjust acreage for each commodity/production process on this worksheet."]